{"text_format":"3","workbook":"xlsx","n_sheets":2,"sheets":["SUMMARY","TAKEOFF"],"not_rendered":{"images":1,"defined_names":4},"read":"whole","date_system":"1900"}

{"sheet":"SUMMARY","index":0,"n_rows":52,"n_cols":4,"rows_kept":52,"merged":[[46,0,46,1],[51,0,51,1]]}
["PROJECT ID:"]
["DATE:"]
["AREA SUMMARY:"]
["No Of Floors",3]
["BUILDING GM2",{"$f":"SUM(B6:B8)","v":{"v":943.6099999999999,"d":"944"}}]
["Basemet (M2)",{"v":376.14,"d":"376"}]
["Ground Floor (M2)",{"v":291.66,"d":"292"}]
["First Floor (M2)",{"v":275.81,"d":"276"}]
[]
["DIVISION NO.","DESCRIPTION","TOTAL DIV. COST","COST/ M2"]
["Division 1","Preliminaries",{"$f":"TAKEOFF!I36","v":{"v":122236.32,"d":"$122,236"}},{"$f":"SUM(C11/$B$5)","v":{"v":129.54114517650302,"d":"$130"}}]
["Division 2","Excavation & Site Levelling",{"$f":"TAKEOFF!I47","v":{"v":8872.0808832,"d":"$8,872"}},{"$f":"SUM(C12/$B$5)","v":{"v":9.40227518063607,"d":"$9"}}]
["Division 3","Formwork",{"$f":"TAKEOFF!I80","v":{"v":36539.511218260646,"d":"$36,540"}},{"$f":"SUM(C13/$B$5)","v":{"v":38.72310723525678,"d":"$39"}}]
["Division 4","Concrete Supply & Install",{"$f":"TAKEOFF!I119","v":{"v":137613.9721136432,"d":"$137,614"}},{"v":145.83776360322932,"d":"$146"}]
["Division 5","Termite Treatment",{"$f":"TAKEOFF!I123","v":{"v":8244.1630230656,"d":"$8,244"}},{"v":8.736833038083107,"d":"$9"}]
["Division 6","Carpentry Framing",{"$f":"TAKEOFF!I324","v":{"v":171331.75608106368,"d":"$171,332"}},{"v":181.5705175666469,"d":"$182"}]
["Division 7","Sarking & Insulation",{"$f":"TAKEOFF!I342","v":{"v":36826.917180799996,"d":"$36,827"}},{"v":39.02768853742542,"d":"$39"}]
["Division 8","Timber/Steel Stair Frame",{"$f":"TAKEOFF!I346","v":{"v":1476.49536,"d":"$1,476"}},{"v":1.5647305136656033,"d":"$2"}]
["Division 9","Masonry Supply & Install",{"$f":"TAKEOFF!I368","v":{"v":12658.375888822395,"d":"$12,658"}},{"v":13.41483863971598,"d":"$13"}]
["Division 10","Scaffold",{"$f":"TAKEOFF!I373","v":{"v":8044.297803200001,"d":"$8,044"}},{"v":8.525023900976041,"d":"$9"}]
["Division 11","Aluminium Windows & Doors",{"$f":"TAKEOFF!I398","v":{"v":238609.2903648,"d":"$238,609"}},{"v":252.8685477737625,"d":"$253"}]
["Division 12","Roofing (Metal/Tiles)",{"$f":"TAKEOFF!I421","v":{"v":31072.957201984,"d":"$31,073"}},{"v":32.92987272494357,"d":"$33"}]
["Division 13","Solar Panel",{"$f":"TAKEOFF!I426","v":{"v":3721.46432,"d":"$3,721"}},{"v":3.943858500863705,"d":"$4"}]
["Division 14","Skylights",{"$f":"TAKEOFF!I430","v":{"v":556.4907360000001,"d":"$556"}},{"v":0.5897465435932219,"d":"$1"}]
["Division 15","Cladding",{"$f":"TAKEOFF!I437","v":{"v":17484.559904,"d":"$17,485"}},{"v":18.529434728330564,"d":"$19"}]
["Division 16","Render",{"$f":"TAKEOFF!I443","v":{"v":8288.9592192,"d":"$8,289"}},{"v":8.784306248556078,"d":"$9"}]
["Division 17","Plasterboard ",{"$f":"TAKEOFF!I479","v":{"v":78615.12259284851,"d":"$78,615"}},{"v":83.31315118836014,"d":"$83"}]
["Division 18","External Balustrades",{"$f":"TAKEOFF!I486","v":{"v":17216.8052336,"d":"$17,217"}},{"v":18.245679076737215,"d":"$18"}]
["Division 19","Sundry Metalwork (e.g. Garage Door)",{"$f":"TAKEOFF!I491","v":{"v":5577.4151999999995,"d":"$5,577"}},{"v":5.910720742679709,"d":"$6"}]
["Division 20","Door & Hardware Supply & Install",{"$f":"TAKEOFF!I516","v":{"v":157973.37166335998,"d":"$157,973"}},{"v":167.41383798747364,"d":"$167"}]
["Division 21","Carpentry Fitout",{"$f":"TAKEOFF!I527","v":{"v":20535.21082624,"d":"$20,535"}},{"v":21.762392117760516,"d":"$22"}]
["Division 22","Waterproofing",{"$f":"TAKEOFF!I541","v":{"v":1909.3540806400001,"d":"$1,909"}},{"v":2.023456810165217,"d":"$2"}]
["Division 23","Tiling (Supply & Install)",{"$f":"TAKEOFF!I560","v":{"v":30655.69021312,"d":"$30,656"}},{"v":32.487669919903354,"d":"$32"}]
["Division 24","Flooring",{"$f":"TAKEOFF!I577","v":{"v":46635.92055353601,"d":"$46,636"}},{"v":49.422876562919015,"d":"$49"}]
["Division 25","Painting",{"$f":"TAKEOFF!I629","v":{"v":85606.315876352,"d":"$85,606"}},{"v":90.72213719264528,"d":"$91"}]
["Division 26","Joinery",{"$f":"TAKEOFF!I659","v":{"v":82253.49144189326,"d":"$82,253"}},{"v":87.16894844468929,"d":"$87"}]
["Division 27","Shower Screens/ Partition",{"$f":"TAKEOFF!I666","v":{"v":13036.2096045312,"d":"$13,036"}},{"v":13.815251644780366,"d":"$14"}]
["Division 28","PC Items",{"$f":"TAKEOFF!I685","v":{"v":54449.974827519996,"d":"$54,450"}},{"v":57.703897613971876,"d":"$58"}]
["Division 29","Appliances",{"$f":"TAKEOFF!I694","v":{"v":41625.845760000004,"d":"$41,626"}},{"v":44.11340040906732,"d":"$44"}]
["Division 30","Hydraulic Services",{"$f":"TAKEOFF!I742","v":{"v":146907.24827972095,"d":"$146,907"}},{"v":155.68640463721343,"d":"$156"}]
["Division 31","Electrical Services",{"$f":"TAKEOFF!I746","v":{"v":68506.30656,"d":"$68,506"}},{"v":72.60023374063438,"d":"$73"}]
["Division 32","Mechanical Services",{"$f":"TAKEOFF!I752","v":{"v":71664.49152,"d":"$71,664"}},{"v":75.94715138669578,"d":"$76"}]
["Division 33","Fire Services",{"$f":"TAKEOFF!I756","v":{"v":59075.97312,"d":"$59,076"}},{"v":62.60634490944353,"d":"$63"}]
["Division 34","Civil Works ",{"$f":"TAKEOFF!I787","v":{"v":33813.458216,"d":"$33,813"}},{"v":35.8341456915463,"d":"$36"}]
["Division 35","Landscaping",{"$f":"TAKEOFF!I800","v":{"v":9285.869213439999,"d":"$9,286"}},{"v":9.840791442905438,"d":"$10"}]
["Division 36","Window Shroud",{"$f":"TAKEOFF!I810","v":{"v":5719.957214387199,"d":"$5,720"}},{"v":6.061781047665031,"d":"$6"}]
["TOTAL TRADE COST",null,{"$f":"SUM(C11:C46)","v":{"v":1874641.6432952285,"d":"$1,874,642"}},{"$f":"SUM(C47/$B$5)","v":{"v":1986.6699624794446,"d":"$1,986.67"}}]
["SUBTOTAL",null,{"$f":"C47","v":{"v":1874641.6432952285,"d":"$1,874,642"}}]
["OVERHEADS & PROFITS",{"v":0.25,"d":"25.0%"},{"$f":"B49*C47","v":{"v":468660.4108238071,"d":"$468,660"}}]
["INSURANCES",{"v":0.03,"d":"3%"},{"$f":"B50*C47","v":{"v":56239.249298856856,"d":"$56,239"}}]
["CONTINGENCY",{"v":0.07,"d":"7%"},{"$f":"B51*C47","v":{"v":131224.91503066602,"d":"$131,225"}}]
["TOTAL BASE BID",null,{"$f":"SUM(C47:C51)","v":{"v":4405407.861743786,"d":"$4,405,408"}},{"$f":"SUM(C52/$B$5)","v":{"v":4668.674411826694,"d":"$4,669"}}]

{"sheet":"TAKEOFF","index":1,"n_rows":818,"n_cols":9,"rows_kept":818,"merged":[[1,6,1,7],[4,6,4,7],[6,0,6,8],[35,0,35,7],[37,0,37,8],[46,0,46,7],[48,0,48,8],[79,0,79,7],[81,0,81,8],[118,0,118,7],[120,0,120,8],[122,0,122,7],[123,0,123,1],[124,0,124,8],[323,0,323,7],[325,0,325,8],[341,0,341,7],[343,0,343,8],[345,0,345,7],[347,0,347,8],[367,0,367,7],[369,0,369,8],[372,0,372,7],[374,0,374,8],[397,0,397,7],[399,0,399,8],[420,0,420,7],[422,0,422,8],[425,0,425,7],[427,0,427,8],[429,0,429,7],[431,0,431,8],[436,0,436,7],[438,0,438,8],[442,0,442,7],[444,0,444,8],[478,0,478,7],[480,0,480,8],[485,0,485,7],[487,0,487,8],[490,0,490,7],[492,0,492,8],[515,0,515,7],[517,0,517,8],[526,0,526,7],[528,0,528,8],[540,0,540,7],[542,0,542,8],[559,0,559,7],[561,0,561,8],[576,0,576,7],[578,0,578,8],[628,0,628,7],[630,0,630,8],[658,0,658,7],[660,0,660,8],[665,0,665,7],[667,0,667,8],[684,0,684,7],[686,0,686,8],[693,0,693,7],[695,0,695,8],[741,0,741,7],[743,0,743,8],[745,0,745,7],[747,0,747,8],[751,0,751,7],[753,0,753,8],[755,0,755,7],[757,0,757,8],[786,0,786,7],[788,0,788,8],[799,0,799,7],[801,0,801,8],[809,0,809,7],[811,0,811,7],[812,0,812,6],[813,0,813,6],[814,0,814,6],[815,0,815,6],[816,0,816,7]]}
["Project"]
["ADDRESS"]
["Date of submission"]
["Date of plans"]
["SITE ESTIMATE"]
["SR #","DESCRIPTION","QUANTITY","UNIT","WASTAGE","QTY W/ WASTE","RATE","TOTAL COST","TRADE COST"]
["Preliminaries"]
[{"$f":"IF(C8=0,\"\",1+MAX(A$7:A7))","v":1},"Labor",{"v":1,"d":"1.0"},"EA",{"v":0,"d":"0%"},{"$f":"(E8*C8)+C8","v":{"v":1,"d":"1.0"}},0,{"$f":"(G8)*F8","v":0}]
[{"$f":"IF(C9=0,\"\",1+MAX(A$7:A8))","v":2},"Supervision",{"v":1,"d":"1.0"},"EA",{"v":0,"d":"0%"},{"$f":"(E9*C9)+C9","v":{"v":1,"d":"1.0"}},{"v":42500,"d":"$42,500.00"},{"$f":"(G9)*F9","v":{"v":42500,"d":"$42,500.00"}}]
[{"$f":"IF(C10=0,\"\",1+MAX(A$7:A9))","v":3},"Authorities & Fees",{"v":1,"d":"1.0"},"EA",{"v":0,"d":"0%"},{"v":1,"d":"1.0"},0,0]
[{"$f":"IF(C11=0,\"\",1+MAX(A$7:A10))","v":4},"Contractors and QBSA Insurances",{"v":1,"d":"1.0"},"EA",{"v":0,"d":"0%"},{"v":1,"d":"1.0"},0,0]
[{"$f":"IF(C12=0,\"\",1+MAX(A$7:A11))","v":5},"Emergency Efficiency Reports",{"v":1,"d":"1.0"},"EA",{"v":0,"d":"0%"},{"$f":"(E12*C12)+C12","v":{"v":1,"d":"1.0"}},0,{"$f":"(G12)*F12","v":0}]
[{"$f":"IF(C13=0,\"\",1+MAX(A$7:A12))","v":6},"Building Design \\ Drafting",{"v":1,"d":"1.0"},"EA",{"v":0,"d":"0%"},{"$f":"(E13*C13)+C13","v":{"v":1,"d":"1.0"}},0,{"$f":"(G13)*F13","v":0}]
[{"$f":"IF(C14=0,\"\",1+MAX(A$7:A13))","v":7},"Color Consultant",{"v":1,"d":"1.0"},"EA",{"v":0,"d":"0%"},{"$f":"(E14*C14)+C14","v":{"v":1,"d":"1.0"}},0,{"$f":"(G14)*F14","v":0}]
[{"$f":"IF(C15=0,\"\",1+MAX(A$7:A14))","v":8},"Engineer",{"v":1,"d":"1.0"},"EA",{"v":0,"d":"0%"},{"$f":"(E15*C15)+C15","v":{"v":1,"d":"1.0"}},0,{"$f":"(G15)*F15","v":0}]
[{"$f":"IF(C16=0,\"\",1+MAX(A$7:A15))","v":9},"Offices & Sheds",{"v":1,"d":"1.0"},"EA",{"v":0,"d":"0%"},{"v":1,"d":"1.0"},0,0]
[{"$f":"IF(C17=0,\"\",1+MAX(A$7:A16))","v":10},"Bank Charges",{"v":1,"d":"1.0"},"EA",{"v":0,"d":"0%"},{"v":1,"d":"1.0"},0,0]
[{"$f":"IF(C18=0,\"\",1+MAX(A$7:A17))","v":11},"Temp Plumbing",{"v":1,"d":"1.0"},"EA",{"v":0,"d":"0%"},{"v":1,"d":"1.0"},0,0]
[{"$f":"IF(C19=0,\"\",1+MAX(A$7:A18))","v":12},"Temp Power",{"v":1,"d":"1.0"},"EA",{"v":0,"d":"0%"},{"v":1,"d":"1.0"},0,0]
[{"$f":"IF(C20=0,\"\",1+MAX(A$7:A19))","v":13},"Temp Comms",{"v":1,"d":"1.0"},"EA",{"v":0,"d":"0%"},{"v":1,"d":"1.0"},0,0]
[{"$f":"IF(C21=0,\"\",1+MAX(A$7:A20))","v":14},"Temp Roads",{"v":1,"d":"1.0"},"EA",{"v":0,"d":"0%"},{"v":1,"d":"1.0"},0,0]
[{"$f":"IF(C22=0,\"\",1+MAX(A$7:A21))","v":15},"Temp Fencing",{"v":1,"d":"1.0"},"EA",{"v":0,"d":"0%"},{"v":1,"d":"1.0"},0,0]
[{"$f":"IF(C23=0,\"\",1+MAX(A$7:A22))","v":16},"Toilet Hire",{"v":1,"d":"1.0"},"EA",{"v":0,"d":"0%"},{"$f":"(E23*C23)+C23","v":{"v":1,"d":"1.0"}},0,{"$f":"(G23)*F23","v":0}]
[{"$f":"IF(C24=0,\"\",1+MAX(A$7:A23))","v":17},"Man MATerials",{"v":1,"d":"1.0"},"EA",{"v":0,"d":"0%"},{"v":1,"d":"1.0"},0,0]
[{"$f":"IF(C25=0,\"\",1+MAX(A$7:A24))","v":18},"Craneage",{"v":1,"d":"1.0"},"EA",{"v":0,"d":"0%"},{"v":1,"d":"1.0"},0,0]
[{"$f":"IF(C26=0,\"\",1+MAX(A$7:A25))","v":19},"Major Plant",{"v":1,"d":"1.0"},"EA",{"v":0,"d":"0%"},{"v":1,"d":"1.0"},0,0]
[{"$f":"IF(C27=0,\"\",1+MAX(A$7:A26))","v":20},"Minor Plant",{"v":1,"d":"1.0"},"EA",{"v":0,"d":"0%"},{"v":1,"d":"1.0"},0,0]
[{"$f":"IF(C28=0,\"\",1+MAX(A$7:A27))","v":21},"Contour and Site Survey",{"v":1,"d":"1.0"},"EA",{"v":0,"d":"0%"},{"v":1,"d":"1.0"},{"v":23040,"d":"$23,040.00"},{"v":23040,"d":"$23,040.00"}]
[{"$f":"IF(C29=0,\"\",1+MAX(A$7:A28))","v":22},"Tools & Site Equipment",{"v":1,"d":"1.0"},"EA",{"v":0,"d":"0%"},{"v":1,"d":"1.0"},{"v":25758.72,"d":"$25,758.72"},{"v":25758.72,"d":"$25,758.72"}]
[{"$f":"IF(C30=0,\"\",1+MAX(A$7:A29))","v":23},"First Aid",{"v":1,"d":"1.0"},"EA",{"v":0,"d":"0%"},{"v":1,"d":"1.0"},0,0]
[{"$f":"IF(C31=0,\"\",1+MAX(A$7:A30))","v":24},"Safety Precautions",{"v":1,"d":"1.0"},"EA",{"v":0,"d":"0%"},{"v":1,"d":"1.0"},0,0]
[{"$f":"IF(C32=0,\"\",1+MAX(A$7:A31))","v":25},"Cleaning During Construction",{"v":1,"d":"1.0"},"EA",{"v":0,"d":"0%"},{"v":1,"d":"1.0"},0,0]
[{"$f":"IF(C33=0,\"\",1+MAX(A$7:A32))","v":26},"Cleaning on Completion",{"v":1,"d":"1.0"},"EA",{"v":0,"d":"0%"},{"v":1,"d":"1.0"},{"v":17337.600000000002,"d":"$17,337.60"},{"v":17337.600000000002,"d":"$17,337.60"}]
[{"$f":"IF(C34=0,\"\",1+MAX(A$7:A33))","v":27},"OperATing Supplies",{"v":1,"d":"1.0"},"EA",{"v":0,"d":"0%"},{"v":1,"d":"1.0"},0,0]
[{"$f":"IF(C35=0,\"\",1+MAX(A$7:A34))","v":28},"Security",{"v":1,"d":"1.0"},"EA",{"v":0,"d":"0%"},{"v":1,"d":"1.0"},{"v":13600,"d":"$13,600.00"},{"v":13600,"d":"$13,600.00"}]
["Sub Total",{"$nulls":7},{"$f":"SUM(H8:H35)","v":{"v":122236.32,"d":"$122,236.32"}}]
[]
["Excavation & Site Levelling"]
[{"$f":"IF(C39=0,\"\",1+MAX(A$7:A38))","v":""},"Detailed Excavation"]
[{"$f":"IF(C40=0,\"\",1+MAX(A$7:A39))","v":""},"Cut"]
[{"$f":"IF(C41=0,\"\",1+MAX(A$7:A40))","v":29},"Drilling For Bored Pier ",{"v":123,"d":"123.0"},"M",{"v":0,"d":"0%"},{"$f":"(E41*C41)+C41","v":{"v":123,"d":"123.0"}},{"v":20.64,"d":"$20.64"},{"$f":"(G41)*F41","v":{"v":2538.7200000000003,"d":"$2,538.72"}}]
[{"$f":"IF(C42=0,\"\",1+MAX(A$7:A41))","v":30},"Earthwork In Cut For Strip Footing ",8.6,"M3",{"v":0,"d":"0%"},{"$f":"(E42*C42)+C42","v":8.6},{"v":24.768,"d":"$24.77"},{"$f":"(G42)*F42","v":{"v":213.0048,"d":"$213.00"}}]
[{"$f":"IF(C43=0,\"\",1+MAX(A$7:A42))","v":31},"Earthwork In Cut For Pad Footing ",19.2,"M3",{"v":0,"d":"0%"},19.2,{"v":24.768,"d":"$24.77"},{"v":475.5456,"d":"$475.55"}]
[{"$f":"IF(C44=0,\"\",1+MAX(A$7:A43))","v":32},"Earthwork In Cut For Edge Beam ",{"v":7.9074,"d":"7.9"},"M3",{"v":0,"d":"0%"},{"v":7.9074,"d":"7.9"},{"v":24.768,"d":"$24.77"},{"v":195.8504832,"d":"$195.85"}]
[{"$f":"IF(C45=0,\"\",1+MAX(A$7:A44))","v":""},"Site Clearance"]
[{"$f":"IF(C46=0,\"\",1+MAX(A$7:A45))","v":33},"Site Clearance",{"v":660,"d":"660.0"},"M2",{"v":0,"d":"0%"},{"v":660,"d":"660.0"},{"v":8.256,"d":"$8.26"},{"v":5448.96,"d":"$5,448.96"}]
["Sub Total",{"$nulls":7},{"$f":"SUM(H39:H46)","v":{"v":8872.0808832,"d":"$8,872.08"}}]
[]
["Formwork"]
[{"$f":"IF(C50=0,\"\",1+MAX(A$7:A49))","v":""},"Formwork"]
[{"$f":"IF(C51=0,\"\",1+MAX(A$7:A50))","v":""},"Basement"]
[{"$f":"IF(C52=0,\"\",1+MAX(A$7:A51))","v":""},"Edge Of Slab"]
[{"$f":"IF(C53=0,\"\",1+MAX(A$7:A52))","v":34},"(155mm H) Edge Of Slab",{"v":20.31,"d":"20.3"},"M",{"v":0,"d":"0%"},{"$f":"(E53*C53)+C53","v":{"v":20.31,"d":"20.3"}},{"v":24.768,"d":"$24.77"},{"$f":"(G53)*F53","v":{"v":503.03808,"d":"$503.04"}}]
[{"$f":"IF(C54=0,\"\",1+MAX(A$7:A53))","v":35},"(125mm H) Edge Of Slab",{"v":86.29,"d":"86.3"},"M",{"v":0,"d":"0%"},{"v":86.29,"d":"86.3"},{"v":19.9741935483871,"d":"$19.97"},{"v":1723.5731612903228,"d":"$1,723.57"}]
[{"$f":"IF(C55=0,\"\",1+MAX(A$7:A54))","v":""},"Stair"]
[{"$f":"IF(C56=0,\"\",1+MAX(A$7:A55))","v":36},"Stair Riser Formwork",{"v":10.92,"d":"10.9"},"M",{"v":0,"d":"0%"},{"v":10.92,"d":"10.9"},{"v":44.95528,"d":"$44.96"},{"v":490.9116576,"d":"$490.91"}]
[{"$f":"IF(C57=0,\"\",1+MAX(A$7:A56))","v":""},"Strip Footing"]
[{"$f":"IF(C58=0,\"\",1+MAX(A$7:A57))","v":37},"Strip Footing Formwork",{"v":24,"d":"24.0"},"M2",{"v":0,"d":"0%"},{"v":24,"d":"24.0"},{"v":44.95528,"d":"$44.96"},{"v":1078.92672,"d":"$1,078.93"}]
[{"$f":"IF(C59=0,\"\",1+MAX(A$7:A58))","v":""},"Pad Footing"]
[{"$f":"IF(C60=0,\"\",1+MAX(A$7:A59))","v":38},"Pad Footing Formwork",19.2,"M2",{"v":0,"d":"0%"},19.2,{"v":44.95528,"d":"$44.96"},{"v":863.141376,"d":"$863.14"}]
[{"$f":"IF(C61=0,\"\",1+MAX(A$7:A60))","v":""},"Shotcrete Wall"]
[{"$f":"IF(C62=0,\"\",1+MAX(A$7:A61))","v":39},"Shotcrete Wall Formwork",207.4,"M2",{"v":0,"d":"0%"},207.4,{"v":44.95528,"d":"$44.96"},{"v":9323.725072000001,"d":"$9,323.73"}]
[{"$f":"IF(C63=0,\"\",1+MAX(A$7:A62))","v":""},"Column"]
[{"$f":"IF(C64=0,\"\",1+MAX(A$7:A63))","v":40},"Concrete Column Formwork",28.8,"M2",{"v":0,"d":"0%"},28.8,{"v":44.95528,"d":"$44.96"},{"v":1294.712064,"d":"$1,294.71"}]
[{"$f":"IF(C65=0,\"\",1+MAX(A$7:A64))","v":""},"Edge Beam"]
[{"$f":"IF(C66=0,\"\",1+MAX(A$7:A65))","v":41},"Edge Beam Formwork",{"v":52.716,"d":"52.7"},"M2",{"v":0,"d":"0%"},{"v":52.716,"d":"52.7"},{"v":44.95528,"d":"$44.96"},{"v":2369.86254048,"d":"$2,369.86"}]
[{"$f":"IF(C67=0,\"\",1+MAX(A$7:A66))","v":""},"Ground Floor"]
[{"$f":"IF(C68=0,\"\",1+MAX(A$7:A67))","v":""},"Edge Of Slab"]
[{"$f":"IF(C69=0,\"\",1+MAX(A$7:A68))","v":42},"(205mm H) Edge Of Slab",{"v":75.79,"d":"75.8"},"M",{"v":0,"d":"0%"},{"v":75.79,"d":"75.8"},{"v":32.75767741935484,"d":"$32.76"},{"v":2482.7043716129037,"d":"$2,482.70"}]
[{"$f":"IF(C70=0,\"\",1+MAX(A$7:A69))","v":43},"(275mm H) Edge Of Slab",{"v":12.49,"d":"12.5"},"M",{"v":0,"d":"0%"},{"v":12.49,"d":"12.5"},{"v":43.943225806451615,"d":"$43.94"},{"v":548.8508903225807,"d":"$548.85"}]
[{"$f":"IF(C71=0,\"\",1+MAX(A$7:A70))","v":44},"(375mm H) Edge Of Slab",{"v":4.44,"d":"4.4"},"M",{"v":0,"d":"0%"},{"v":4.44,"d":"4.4"},{"v":59.9225806451613,"d":"$59.92"},{"v":266.05625806451616,"d":"$266.06"}]
[{"$f":"IF(C72=0,\"\",1+MAX(A$7:A71))","v":""},"Step In Slab"]
[{"$f":"IF(C73=0,\"\",1+MAX(A$7:A72))","v":45},"(105mm H) Step In Slab",{"v":36.75,"d":"36.8"},"M",{"v":0,"d":"0%"},{"v":36.75,"d":"36.8"},{"v":16.77832258064516,"d":"$16.78"},{"v":616.6033548387096,"d":"$616.60"}]
[{"$f":"IF(C74=0,\"\",1+MAX(A$7:A73))","v":46},"(175mm H) Step In Slab",{"v":5.76,"d":"5.8"},"M",{"v":0,"d":"0%"},{"v":5.76,"d":"5.8"},{"v":27.963870967741933,"d":"$27.96"},{"v":161.07189677419353,"d":"$161.07"}]
[{"$f":"IF(C75=0,\"\",1+MAX(A$7:A74))","v":47},"(245mm H) Step In Slab",{"v":52.89,"d":"52.9"},"M",{"v":0,"d":"0%"},{"v":52.89,"d":"52.9"},{"v":39.14941935483871,"d":"$39.15"},{"v":2070.6127896774196,"d":"$2,070.61"}]
[{"$f":"IF(C76=0,\"\",1+MAX(A$7:A75))","v":""},"Suspended Slab"]
[{"$f":"IF(C77=0,\"\",1+MAX(A$7:A76))","v":48},"Suspended Slab Soffit Formwork",278.4,"M2",{"v":0,"d":"0%"},278.4,{"v":44.95528,"d":"$44.96"},{"v":12515.549952,"d":"$12,515.55"}]
[{"$f":"IF(C78=0,\"\",1+MAX(A$7:A77))","v":""},"Beam"]
[{"$f":"IF(C79=0,\"\",1+MAX(A$7:A78))","v":49},"Beam Formwork",{"v":5.120000000000001,"d":"5.1"},"M2",{"v":0,"d":"0%"},{"v":5.120000000000001,"d":"5.1"},{"v":44.95528,"d":"$44.96"},{"v":230.17103360000004,"d":"$230.17"}]
["Sub Total",{"$nulls":7},{"$f":"SUM(H50:H79)","v":{"v":36539.511218260646,"d":"$36,539.51"}}]
[]
["Concrete Supply & Install"]
[{"$f":"IF(C83=0,\"\",1+MAX(A$7:A82))","v":""},"Basement"]
[{"$f":"IF(C84=0,\"\",1+MAX(A$7:A83))","v":""},"Bored Pier"]
[{"$f":"IF(C85=0,\"\",1+MAX(A$7:A84))","v":50},"(450mm.Dia) Bored Pier 'BP1' Reinforced w/ (3000mm H & 41 EA) \n- 6N24 (V) + R10 - 300 CTS Ligs\n- 40 MPa",{"v":123,"d":"123.0"},"M",{"v":0,"d":"0%"},{"$f":"(E85*C85)+C85","v":{"v":123,"d":"123.0"}},{"v":97.20743999999999,"d":"$97.21"},{"$f":"(G85)*F85","v":{"v":11956.515119999998,"d":"$11,956.52"}}]
[{"$f":"IF(C86=0,\"\",1+MAX(A$7:A85))","v":""},"Strip Footing"]
[{"$f":"IF(C87=0,\"\",1+MAX(A$7:A86))","v":51},"(500 x 600) Strip Footing 'SF2' Reinforced w/ (10.2 LM)\n- 6N16 T & B + 3N12-250  CTRS Ligs\n- 25 MPa",{"v":3.0509999999999997,"d":"3.1"},"M3",{"v":0,"d":"0%"},{"$f":"(E87*C87)+C87","v":{"v":3.0509999999999997,"d":"3.1"}},{"v":451.4,"d":"$451.40"},{"$f":"(G87)*F87","v":{"v":1377.2214,"d":"$1,377.22"}}]
[{"$f":"IF(C88=0,\"\",1+MAX(A$7:A87))","v":52},"(500 x 800) Strip Footing 'SF1' Reinforced w/ (13.9 LM)\n- 6N16 T & B + 3N12-250  CTRS Ligs 1N12 Mid-Hight E.F\n- 25 MPa",{"v":5.548,"d":"5.5"},"M3",{"v":0,"d":"0%"},{"v":5.548,"d":"5.5"},{"v":451.4,"d":"$451.40"},{"v":2504.3671999999997,"d":"$2,504.37"}]
[{"$f":"IF(C89=0,\"\",1+MAX(A$7:A88))","v":""},"Pad Footing"]
[{"$f":"IF(C90=0,\"\",1+MAX(A$7:A89))","v":53},"(2000 x 2000 x 600) Pad Footing 'PF1' Reinforced w/ (2 EA)\n- SL81 Top & N20-200 CTRS Bottom  Each way, 1N16 Mid-Height E.F\n- 25 MPa",9.6,"M3",{"v":0,"d":"0%"},9.6,{"v":451.4,"d":"$451.40"},{"v":4333.44,"d":"$4,333.44"}]
[{"$f":"IF(C91=0,\"\",1+MAX(A$7:A90))","v":54},"(1200 x 1200 x 600) Pad Footing 'PF2' Reinforced w/ (2 EA)\n- SL81 Top & N16-200 CTRS Bottom  Each way, 1N12 Mid-Height E.F\n- 25 MPa",{"v":5.76,"d":"5.8"},"M3",{"v":0,"d":"0%"},{"v":5.76,"d":"5.8"},{"v":451.4,"d":"$451.40"},{"v":2600.064,"d":"$2,600.06"}]
[{"$f":"IF(C92=0,\"\",1+MAX(A$7:A91))","v":55},"(2000 x 1200 x 600) Pad Footing 'PF3' Reinforced w/ (1 EA)\n- SL81 Top & N16-200 CTRS Bottom  Each way, 1N16 Mid-Height E.F\n- 25 MPa",{"v":3.84,"d":"3.8"},"M3",{"v":0,"d":"0%"},{"v":3.84,"d":"3.8"},{"v":451.4,"d":"$451.40"},{"v":1733.3759999999997,"d":"$1,733.38"}]
[{"$f":"IF(C93=0,\"\",1+MAX(A$7:A92))","v":""},"Shotcrete Wall"]
[{"$f":"IF(C94=0,\"\",1+MAX(A$7:A93))","v":56},"(150mm Thick) Shotcrete Wall 'SCW' Reinforced w/ (39.5 LM & 3150mm H)\n- RL818 Main Wire Horizontal, Lap 600 \n- w/ 40MPa",{"v":18.668474999999997,"d":"18.7"},"M3",{"v":0,"d":"0%"},{"v":18.668474999999997,"d":"18.7"},{"v":451.4,"d":"$451.40"},{"v":8426.949614999998,"d":"$8,426.95"}]
[{"$f":"IF(C95=0,\"\",1+MAX(A$7:A94))","v":57},"(150mm Thick) Shotcrete Wall 'SCW' Reinforced w/ (31.9 LM & 2600mm H)\n- RL818 Main Wire Horizontal, Lap 600 \n- w/ 40MPa",{"v":12.4488,"d":"12.4"},"M3",{"v":0,"d":"0%"},{"v":12.4488,"d":"12.4"},{"v":451.4,"d":"$451.40"},{"v":5619.38832,"d":"$5,619.39"}]
[{"$f":"IF(C96=0,\"\",1+MAX(A$7:A95))","v":""},"Column"]
[{"$f":"IF(C97=0,\"\",1+MAX(A$7:A96))","v":58},"(250 x 1000) Concrete Column 'CC1' Reinforced w/ (3150mm H & 2 EA)\n- 8N20 Vert, & 3N12-300 Ligatures, Lap 600, \n- 40 MPa",{"v":15.75,"d":"15.8"},"M3",{"v":0,"d":"0%"},{"v":15.75,"d":"15.8"},{"v":451.4,"d":"$451.40"},{"v":7109.549999999999,"d":"$7,109.55"}]
[{"$f":"IF(C98=0,\"\",1+MAX(A$7:A97))","v":59},"(250 x 1000) Concrete Column 'CC1' Reinforced w/ (2600mm H & 2 EA)\n- 8N20 Vert, & 3N12-300 Ligatures, Lap 600, \n- 40 MPa",{"v":13,"d":"13.0"},"M3",{"v":0,"d":"0%"},{"v":13,"d":"13.0"},{"v":451.4,"d":"$451.40"},{"v":5868.2,"d":"$5,868.20"}]
[{"$f":"IF(C99=0,\"\",1+MAX(A$7:A98))","v":""},"Edge Beam"]
[{"$f":"IF(C100=0,\"\",1+MAX(A$7:A99))","v":60},"(300 x 300) Edge Beam Reinforced w/ (87.9 LM)\n- 3-L11TM",{"v":7.9074,"d":"7.9"},"M3",{"v":0,"d":"0%"},{"v":7.9074,"d":"7.9"},{"v":451.4,"d":"$451.40"},{"v":3569.4003599999996,"d":"$3,569.40"}]
[{"$f":"IF(C101=0,\"\",1+MAX(A$7:A100))","v":""},"Stair"]
[{"$f":"IF(C102=0,\"\",1+MAX(A$7:A101))","v":61},"Reinforced Concrete Stair",{"v":0.7944,"d":"0.8"},"M3",{"v":0,"d":"0%"},{"v":0.7944,"d":"0.8"},{"v":451.4,"d":"$451.40"},{"v":358.59216,"d":"$358.59"}]
[{"$f":"IF(C103=0,\"\",1+MAX(A$7:A102))","v":""},"Slab On Grade"]
[{"$f":"IF(C104=0,\"\",1+MAX(A$7:A103))","v":62},"(100mm Thick) Slab On Grade Reinforced w/ (337.1 M2)\n- SL82 Mesh \n- 25 MPa",{"v":33.707,"d":"33.7"},"M3",{"v":0,"d":"0%"},{"v":33.707,"d":"33.7"},{"v":451.4,"d":"$451.40"},{"v":15215.3398,"d":"$15,215.34"}]
[{"$f":"IF(C105=0,\"\",1+MAX(A$7:A104))","v":63},"(130mm Thick) Medium Duty RC Concrete Pavement Slab Reinforced w/ (23.6 M2)\n- SL82 Mesh\n- (130mm Thick) Class 2 20mm FCR Compacted To 98% Standard Relative Compacted",{"v":3.0615,"d":"3.1"},"M3",{"v":0,"d":"0%"},{"v":3.0615,"d":"3.1"},{"v":451.4,"d":"$451.40"},{"v":1381.9611,"d":"$1,381.96"}]
[{"$f":"IF(C106=0,\"\",1+MAX(A$7:A105))","v":64},"Saw Cut Joint 'SCJ'",{"v":157.53,"d":"157.5"},"M",{"v":0,"d":"0%"},{"v":157.53,"d":"157.5"},{"v":8.394700799999999,"d":"$8.39"},{"v":1322.417217024,"d":"$1,322.42"}]
[{"$f":"IF(C107=0,\"\",1+MAX(A$7:A106))","v":""},"Ground Floor"]
[{"$f":"IF(C108=0,\"\",1+MAX(A$7:A107))","v":""},"Slab On Grade"]
[{"$f":"IF(C109=0,\"\",1+MAX(A$7:A108))","v":65},"(180mm Thick) Slab On Grade Reinforced w/ (16.1 M2)\n- SL92 Mesh\n- 32 MPa",{"v":2.9052,"d":"2.9"},"M3",{"v":0,"d":"0%"},{"v":2.9052,"d":"2.9"},{"v":451.4,"d":"$451.40"},{"v":1311.40728,"d":"$1,311.41"}]
[{"$f":"IF(C110=0,\"\",1+MAX(A$7:A109))","v":""},"Suspended Slab"]
[{"$f":"IF(C111=0,\"\",1+MAX(A$7:A110))","v":66},"(180mm Thick) Suspended Slab Reinforced w/ (196.5 M2)\n- SL92 Mesh\n- 32 MPa",{"v":35.361,"d":"35.4"},"M3",{"v":0,"d":"0%"},{"v":35.361,"d":"35.4"},{"v":451.4,"d":"$451.40"},{"v":15961.955399999997,"d":"$15,961.96"}]
[{"$f":"IF(C112=0,\"\",1+MAX(A$7:A111))","v":67},"(250mm Thick) Suspended Slab Reinforced w/ (26.6 M2)\n- SL92 Mesh\n- 32 MPa",{"v":6.65,"d":"6.7"},"M3",{"v":0,"d":"0%"},{"v":6.65,"d":"6.7"},{"v":451.4,"d":"$451.40"},{"v":3001.81,"d":"$3,001.81"}]
[{"$f":"IF(C113=0,\"\",1+MAX(A$7:A112))","v":68},"(350mm Thick) Suspended Slab Reinforced w/ (55.3 M2)\n- SL92 Mesh\n- 32 MPa",{"v":19.369,"d":"19.4"},"M3",{"v":0,"d":"0%"},{"v":19.369,"d":"19.4"},{"v":451.4,"d":"$451.40"},{"v":8743.166599999999,"d":"$8,743.17"}]
[{"$f":"IF(C114=0,\"\",1+MAX(A$7:A113))","v":""},"Beam"]
[{"$f":"IF(C115=0,\"\",1+MAX(A$7:A114))","v":69},"(400 x 400) Reinforced Concrete Beam (6.4 LM)",{"v":1.0240000000000002,"d":"1.0"},"M3",{"v":0,"d":"0%"},{"v":1.0240000000000002,"d":"1.0"},{"v":451.4,"d":"$451.40"},{"v":462.2336000000001,"d":"$462.23"}]
[{"$f":"IF(C116=0,\"\",1+MAX(A$7:A115))","v":""},"Underlayment's"]
[{"$f":"IF(C117=0,\"\",1+MAX(A$7:A116))","v":70},"\n50mm Sand Bed ",{"v":376.70000000000005,"d":"376.7"},"M2",{"v":0,"d":"0%"},{"v":376.70000000000005,"d":"376.7"},{"v":88.22800000000001,"d":"$88.23"},{"v":33235.48760000001,"d":"$33,235.49"}]
[{"$f":"IF(C118=0,\"\",1+MAX(A$7:A117))","v":71},"\n0.2 Polythene Membrane ",{"v":472.61600000000004,"d":"472.6"},"M2",{"v":0,"d":"0%"},{"v":472.61600000000004,"d":"472.6"},{"v":3.2185312,"d":"$3.22"},{"v":1521.1293416192002,"d":"$1,521.13"}]
["Sub Total",{"$nulls":7},{"$f":"SUM(H83:H118)","v":{"v":137613.9721136432,"d":"$137,613.97"}}]
[]
["Termite Treatment"]
[{"$f":"IF(C122=0,\"\",1+MAX(A$7:A121))","v":72},"Termite Treatment",{"v":472.61600000000004,"d":"472.6"},"M2",{"v":0,"d":"0%"},{"$f":"(E122*C122)+C122","v":{"v":472.61600000000004,"d":"472.6"}},{"v":17.443681599999998,"d":"$17.44"},{"$f":"(G122)*C122","v":{"v":8244.1630230656,"d":"$8,244.16"}}]
["Sub Total",{"$nulls":7},{"$f":"SUM(H122:H122)","v":{"v":8244.1630230656,"d":"$8,244.16"}}]
[]
["Carpentry Framing"]
[{"$f":"IF(C126=0,\"\",1+MAX(A$7:A125))","v":""},"Floor Framing"]
[{"$f":"IF(C127=0,\"\",1+MAX(A$7:A126))","v":""},"Ground Floor"]
[{"$f":"IF(C128=0,\"\",1+MAX(A$7:A127))","v":""},"Double Stud"]
[{"$f":"IF(C129=0,\"\",1+MAX(A$7:A128))","v":73},"90 x 45 MGP10 'DS' (2400mm H & 60 EA)",{"v":144,"d":"144.0"},"M",{"v":0,"d":"0%"},{"$f":"(E129*C129)+C129","v":{"v":144,"d":"144.0"}},{"v":22.512847999999998,"d":"$22.51"},{"$f":"(G129)*F129","v":{"v":3241.8501119999996,"d":"$3,241.85"}}]
[{"$f":"IF(C130=0,\"\",1+MAX(A$7:A129))","v":""},"Lintel"]
[{"$f":"IF(C131=0,\"\",1+MAX(A$7:A130))","v":74},"290 x 45 F17 KDHW Lintel '1L2'\n- 2 Pieces of 1.3m",2.6,"M",{"v":0,"d":"0%"},{"$f":"(E131*C131)+C131","v":2.6},{"v":123.62704,"d":"$123.63"},{"$f":"(G131)*F131","v":{"v":321.430304,"d":"$321.43"}}]
[{"$f":"IF(C132=0,\"\",1+MAX(A$7:A131))","v":75},"290 x 45 MGP10 Lintel '1L4'\n- 2 Pieces of 2.9m",5.8,"M",{"v":0,"d":"0%"},5.8,{"v":123.62704,"d":"$123.63"},{"v":717.0368319999999,"d":"$717.04"}]
[{"$f":"IF(C133=0,\"\",1+MAX(A$7:A132))","v":76},"90 x 45 MGP10 Lintel '1L5'\n- 2 Pieces of 0.7m",1.4,"M",{"v":0,"d":"0%"},1.4,{"v":22.512847999999998,"d":"$22.51"},{"v":31.517987199999997,"d":"$31.52"}]
[{"$f":"IF(C134=0,\"\",1+MAX(A$7:A133))","v":77},"140 x 45 MGP10 Lintel '1L3'\n- 2 Pieces of 1.1m",2.2,"M",{"v":0,"d":"0%"},2.2,{"v":25.574373333333334,"d":"$25.57"},{"v":56.26362133333334,"d":"$56.26"}]
[{"$f":"IF(C135=0,\"\",1+MAX(A$7:A134))","v":78},"90 x 45 MGP10 Lintel '1L6'\n- 2 Pieces of 0.8m",1.6,"M",{"v":0,"d":"0%"},1.6,{"v":22.512847999999998,"d":"$22.51"},{"v":36.0205568,"d":"$36.02"}]
[{"$f":"IF(C136=0,\"\",1+MAX(A$7:A135))","v":79},"140 x 45 MGP10 Lintel '1L7'\n- 2 Pieces of 1.1m",2.2,"M",{"v":0,"d":"0%"},2.2,{"v":25.574373333333334,"d":"$25.57"},{"v":56.26362133333334,"d":"$56.26"}]
[{"$f":"IF(C137=0,\"\",1+MAX(A$7:A136))","v":80},"190 x 45 MGP10 Lintel '1L8'\n- 2 Pieces of 1.6m",3.2,"M",{"v":0,"d":"0%"},3.2,{"v":29.726786206896552,"d":"$29.73"},{"v":95.12571586206897,"d":"$95.13"}]
[{"$f":"IF(C138=0,\"\",1+MAX(A$7:A137))","v":81},"190 x 45 MGP10 Lintel '1L1'\n- 2 Pieces of 3.0m",{"v":6,"d":"6.0"},"M",{"v":0,"d":"0%"},{"v":6,"d":"6.0"},{"v":29.726786206896552,"d":"$29.73"},{"v":178.36071724137932,"d":"$178.36"}]
[{"$f":"IF(C139=0,\"\",1+MAX(A$7:A138))","v":82},"300 x 90 LVL HYSPAN '2, 3L1'\n- 2 Pieces of 3.4m",6.8,"M",{"v":0,"d":"0%"},6.8,{"v":43.26952421052631,"d":"$43.27"},{"v":294.2327646315789,"d":"$294.23"}]
[{"$f":"IF(C140=0,\"\",1+MAX(A$7:A139))","v":83},"90 x 45 MGP10 '2, 3L2'\n- 4 Pieces of 0.7m",{"v":2.86,"d":"2.9"},"M",{"v":0,"d":"0%"},{"v":2.86,"d":"2.9"},{"v":22.512847999999998,"d":"$22.51"},{"v":64.38674527999999,"d":"$64.39"}]
[{"$f":"IF(C141=0,\"\",1+MAX(A$7:A140))","v":84},"90 x 45 MGP10 '2, 3L3'\n- 4 Pieces of 0.7m",2.8,"M",{"v":0,"d":"0%"},2.8,{"v":22.512847999999998,"d":"$22.51"},{"v":63.03597439999999,"d":"$63.04"}]
[{"$f":"IF(C142=0,\"\",1+MAX(A$7:A141))","v":85},"190 x 45 MGP10 '2, 3L4'\n- 4 Pieces of 1.6m",6.4,"M",{"v":0,"d":"0%"},6.4,{"v":29.726786206896552,"d":"$29.73"},{"v":190.25143172413794,"d":"$190.25"}]
[{"$f":"IF(C143=0,\"\",1+MAX(A$7:A142))","v":86},"140 x 45 MGP10 '2, 3L5'\n- 4 Pieces of 1.1m",{"v":4.28,"d":"4.3"},"M",{"v":0,"d":"0%"},{"v":4.28,"d":"4.3"},{"v":25.574373333333334,"d":"$25.57"},{"v":109.45831786666668,"d":"$109.46"}]
[{"$f":"IF(C144=0,\"\",1+MAX(A$7:A143))","v":87},"240 x 45 MGP10 '2, 3L6'\n- 4 Pieces of 2.3m",9.2,"M",{"v":0,"d":"0%"},9.2,{"v":37.312731428571425,"d":"$37.31"},{"v":343.27712914285706,"d":"$343.28"}]
[{"$f":"IF(C145=0,\"\",1+MAX(A$7:A144))","v":88},"300 x 90 LVL HYSPAN '4L1'\n- 1 Piece of 3.7m",{"v":3.72,"d":"3.7"},"M",{"v":0,"d":"0%"},{"v":3.72,"d":"3.7"},{"v":43.26952421052631,"d":"$43.27"},{"v":160.9626300631579,"d":"$160.96"}]
[{"$f":"IF(C146=0,\"\",1+MAX(A$7:A145))","v":89},"120 x 45 MGP10 '4L2'\n- 2 Pieces of 0.7m",{"v":1.38,"d":"1.4"},"M",{"v":0,"d":"0%"},{"v":1.38,"d":"1.4"},{"v":21.628525714285715,"d":"$21.63"},{"v":29.847365485714285,"d":"$29.85"}]
[{"$f":"IF(C147=0,\"\",1+MAX(A$7:A146))","v":90},"120 x 45 MGP10 '4L3'\n- 2 Pieces of 0.8m",{"v":1.64,"d":"1.6"},"M",{"v":0,"d":"0%"},{"v":1.64,"d":"1.6"},{"v":21.628525714285715,"d":"$21.63"},{"v":35.47078217142857,"d":"$35.47"}]
[{"$f":"IF(C148=0,\"\",1+MAX(A$7:A147))","v":91},"360 x 90 LVL HYSPAN OR 180PEC '4L4'\n- 1 Piece of 2.2m",{"v":2.15,"d":"2.2"},"M",{"v":0,"d":"0%"},{"v":2.15,"d":"2.2"},{"v":52.632000000000005,"d":"$52.63"},{"v":113.1588,"d":"$113.16"}]
[{"$f":"IF(C149=0,\"\",1+MAX(A$7:A148))","v":92},"190 x 45 MGP10 '4L8'\n- 2 Pieces of 1.6m",{"v":3.18,"d":"3.2"},"M",{"v":0,"d":"0%"},{"v":3.18,"d":"3.2"},{"v":29.305325714285715,"d":"$29.31"},{"v":93.19093577142858,"d":"$93.19"}]
[{"$f":"IF(C150=0,\"\",1+MAX(A$7:A149))","v":93},"140 x 45 MGP10 '4L9'\n- 2 Pieces of 1.1m",2.2,"M",{"v":0,"d":"0%"},2.2,{"v":25.574373333333334,"d":"$25.57"},{"v":56.26362133333334,"d":"$56.26"}]
[{"$f":"IF(C151=0,\"\",1+MAX(A$7:A150))","v":""},"Beam"]
[{"$f":"IF(C152=0,\"\",1+MAX(A$7:A151))","v":94},"300 x 90 LVL Hyspan '1B1'\n- 1 Piece of 4.1m",{"v":4.11,"d":"4.1"},"M",{"v":0,"d":"0%"},{"v":4.11,"d":"4.1"},{"v":43.26952421052631,"d":"$43.27"},{"v":177.83774450526317,"d":"$177.84"}]
[{"$f":"IF(C153=0,\"\",1+MAX(A$7:A152))","v":95},"400 x 90 LVL Hyspan or 200 PFC '1B2'\n- 1 Piece of 4.9m",{"v":4.94,"d":"4.9"},"M",{"v":0,"d":"0%"},{"v":4.94,"d":"4.9"},{"v":55.57624,"d":"$55.58"},{"v":274.5466256,"d":"$274.55"}]
[{"$f":"IF(C154=0,\"\",1+MAX(A$7:A153))","v":96},"400 x 90 LVL Hyspan or 200 PFC '1B3'\n- 1 Piece of 5.9m",{"v":5.91,"d":"5.9"},"M",{"v":0,"d":"0%"},{"v":5.91,"d":"5.9"},{"v":55.57624,"d":"$55.58"},{"v":328.4555784,"d":"$328.46"}]
[{"$f":"IF(C155=0,\"\",1+MAX(A$7:A154))","v":97},"300 x 90 LVL Hyspan 'IB4'\n- 1 Piece of 1.8m",{"v":1.79,"d":"1.8"},"M",{"v":0,"d":"0%"},{"v":1.79,"d":"1.8"},{"v":43.26952421052631,"d":"$43.27"},{"v":77.4524483368421,"d":"$77.45"}]
[{"$f":"IF(C156=0,\"\",1+MAX(A$7:A155))","v":98},"300 x 90 LVL HYSPAN '1B5'\n- 1 Piece of 1.8m",{"v":1.79,"d":"1.8"},"M",{"v":0,"d":"0%"},{"v":1.79,"d":"1.8"},{"v":43.26952421052631,"d":"$43.27"},{"v":77.4524483368421,"d":"$77.45"}]
[{"$f":"IF(C157=0,\"\",1+MAX(A$7:A156))","v":99},"290 x 45 MGP10 '1B6'\n- 2 Pieces of 3.3m",6.5,"M",{"v":0,"d":"0%"},6.5,{"v":123.62704,"d":"$123.63"},{"v":803.57576,"d":"$803.58"}]
[{"$f":"IF(C158=0,\"\",1+MAX(A$7:A157))","v":100},"170 x 45 MGP10 '1B7'\n- 2 Pieces of 1.7m",3.4,"M",{"v":0,"d":"0%"},3.4,{"v":27.55104,"d":"$27.55"},{"v":93.673536,"d":"$93.67"}]
[{"$f":"IF(C159=0,\"\",1+MAX(A$7:A158))","v":101},"240 x 45 MGP10 '1B8'\n- 2 Pieces of 2.3m",4.5,"M",{"v":0,"d":"0%"},4.5,{"v":37.312731428571425,"d":"$37.31"},{"v":167.9072914285714,"d":"$167.91"}]
[{"$f":"IF(C160=0,\"\",1+MAX(A$7:A159))","v":102},"240 x 45 MGP10 '1B9'\n- 2 Pieces of 1m",{"v":1.92,"d":"1.9"},"M",{"v":0,"d":"0%"},{"v":1.92,"d":"1.9"},{"v":37.312731428571425,"d":"$37.31"},{"v":71.64044434285714,"d":"$71.64"}]
[{"$f":"IF(C161=0,\"\",1+MAX(A$7:A160))","v":103},"120 x 45 MGP10 '1B10'\n- 2 Pieces of 1.1m",{"v":2.26,"d":"2.3"},"M",{"v":0,"d":"0%"},{"v":2.26,"d":"2.3"},{"v":21.628525714285715,"d":"$21.63"},{"v":48.88046811428571,"d":"$48.88"}]
[{"$f":"IF(C162=0,\"\",1+MAX(A$7:A161))","v":104},"240 x 45 MGP10 '1B11'\n- 2 Pieces of 2.9m",5.7,"M",{"v":0,"d":"0%"},5.7,{"v":37.312731428571425,"d":"$37.31"},{"v":212.68256914285712,"d":"$212.68"}]
[{"$f":"IF(C163=0,\"\",1+MAX(A$7:A162))","v":105},"240 x 45 MGP10 EXTEND 1000MM INPARTY WALL '1B12'\n- 2 Pieces of 1.3m",2.6,"M",{"v":0,"d":"0%"},2.6,{"v":37.312731428571425,"d":"$37.31"},{"v":97.01310171428571,"d":"$97.01"}]
[{"$f":"IF(C164=0,\"\",1+MAX(A$7:A163))","v":106},"300 x 90 LVL HYSPAN '2, 3B1'\n- 2 Pieces of 4m",{"v":8,"d":"8.0"},"M",{"v":0,"d":"0%"},{"v":8,"d":"8.0"},{"v":43.26952421052631,"d":"$43.27"},{"v":346.1561936842105,"d":"$346.16"}]
[{"$f":"IF(C165=0,\"\",1+MAX(A$7:A164))","v":107},"300 x 90 LVL HYSPAN '2, 3B2'\n- 2 Pieces of 2.6m",{"v":5.19,"d":"5.2"},"M",{"v":0,"d":"0%"},{"v":5.19,"d":"5.2"},{"v":43.26952421052631,"d":"$43.27"},{"v":224.5688306526316,"d":"$224.57"}]
[{"$f":"IF(C166=0,\"\",1+MAX(A$7:A165))","v":108},"300 x 90 LVL HYSPAN '2, 3B3'\n- 2 Pieces of 2.6m",{"v":5.23,"d":"5.2"},"M",{"v":0,"d":"0%"},{"v":5.23,"d":"5.2"},{"v":43.26952421052631,"d":"$43.27"},{"v":226.29961162105263,"d":"$226.30"}]
[{"$f":"IF(C167=0,\"\",1+MAX(A$7:A166))","v":109},"310UB32 OR 300PEC '2, 3B4'\n- 2 Pieces of 7m",{"v":14,"d":"14.0"},"M",{"v":0,"d":"0%"},{"v":14,"d":"14.0"},{"v":43.26952421052631,"d":"$43.27"},{"v":605.7733389473684,"d":"$605.77"}]
[{"$f":"IF(C168=0,\"\",1+MAX(A$7:A167))","v":110},"140 x 45 MGP10 '2, 3B5'\n- 4 Pieces of 1.1m",4.4,"M",{"v":0,"d":"0%"},4.4,{"v":25.574373333333334,"d":"$25.57"},{"v":112.52724266666668,"d":"$112.53"}]
[{"$f":"IF(C169=0,\"\",1+MAX(A$7:A168))","v":111},"140 x 45 MGP10 '2, 3B6'\n- 4 Pieces of 1.3m",5.2,"M",{"v":0,"d":"0%"},5.2,{"v":25.574373333333334,"d":"$25.57"},{"v":132.98674133333333,"d":"$132.99"}]
[{"$f":"IF(C170=0,\"\",1+MAX(A$7:A169))","v":112},"140 x 45 MGP10 '2, 3B7'\n- 4 Pieces of 1.1m",4.4,"M",{"v":0,"d":"0%"},4.4,{"v":25.574373333333334,"d":"$25.57"},{"v":112.52724266666668,"d":"$112.53"}]
[{"$f":"IF(C171=0,\"\",1+MAX(A$7:A170))","v":113},"240 x 45 MGP10 '2, 3B8'\n- 4 Pieces of 2.1m",8.4,"M",{"v":0,"d":"0%"},8.4,{"v":37.312731428571425,"d":"$37.31"},{"v":313.426944,"d":"$313.43"}]
[{"$f":"IF(C172=0,\"\",1+MAX(A$7:A171))","v":114},"120 x 45 MGP10 '2, 3B9'\n- 4 Pieces of 1.1m",{"v":4.34,"d":"4.3"},"M",{"v":0,"d":"0%"},{"v":4.34,"d":"4.3"},{"v":21.628525714285715,"d":"$21.63"},{"v":93.86780159999999,"d":"$93.87"}]
[{"$f":"IF(C173=0,\"\",1+MAX(A$7:A172))","v":115},"140 x 45 MGP10 '2, 3B10'\n- 4 Pieces of 0.6m",2.4,"M",{"v":0,"d":"0%"},2.4,{"v":25.574373333333334,"d":"$25.57"},{"v":61.378496,"d":"$61.38"}]
[{"$f":"IF(C174=0,\"\",1+MAX(A$7:A173))","v":116},"240 x 45 MGP10 EXTEND 1000MM IN PARTY WALL '2, 3B11'\n- 4 Pieces of 1.4m",5.6,"M",{"v":0,"d":"0%"},5.6,{"v":37.312731428571425,"d":"$37.31"},{"v":208.95129599999996,"d":"$208.95"}]
[{"$f":"IF(C175=0,\"\",1+MAX(A$7:A174))","v":117},"140 x 45 MGP10 EXTEND 1000MM IN & TIE FLOOR '2, 3B12'\n- 4 Piece of 0.9m",3.6,"M",{"v":0,"d":"0%"},3.6,{"v":25.574373333333334,"d":"$25.57"},{"v":92.067744,"d":"$92.07"}]
[{"$f":"IF(C176=0,\"\",1+MAX(A$7:A175))","v":118},"240 x 45 MGP10 'B1'\n- 4 Pieces of 1.4m\n- 2 Pieces of 1.5m\n- 2 Pieces of 1.6m\n- 4 Pieces of 2m",19.8,"M",{"v":0,"d":"0%"},19.8,{"v":37.312731428571425,"d":"$37.31"},{"v":738.7920822857143,"d":"$738.79"}]
[{"$f":"IF(C177=0,\"\",1+MAX(A$7:A176))","v":119},"240 x 45 MGP10 'B2'\n- 4 Pieces of 1.3m",5.2,"M",{"v":0,"d":"0%"},5.2,{"v":37.312731428571425,"d":"$37.31"},{"v":194.02620342857142,"d":"$194.03"}]
[{"$f":"IF(C178=0,\"\",1+MAX(A$7:A177))","v":120},"240 x 45 MGP10 'B3'\n- 2 Pieces of 1.1m",{"v":2.24,"d":"2.2"},"M",{"v":0,"d":"0%"},{"v":2.24,"d":"2.2"},{"v":37.312731428571425,"d":"$37.31"},{"v":83.5805184,"d":"$83.58"}]
[{"$f":"IF(C179=0,\"\",1+MAX(A$7:A178))","v":121},"300 x 90 LVL HYSPAN '4B1'\n- 1 Piece of 4.2m",{"v":4.18,"d":"4.2"},"M",{"v":0,"d":"0%"},{"v":4.18,"d":"4.2"},{"v":43.26952421052631,"d":"$43.27"},{"v":180.86661119999997,"d":"$180.87"}]
[{"$f":"IF(C180=0,\"\",1+MAX(A$7:A179))","v":122},"300 x 90 LVL HYSPAN '4B2'\n- 1 Piece of 2.6m",{"v":2.57,"d":"2.6"},"M",{"v":0,"d":"0%"},{"v":2.57,"d":"2.6"},{"v":43.26952421052631,"d":"$43.27"},{"v":111.20267722105262,"d":"$111.20"}]
[{"$f":"IF(C181=0,\"\",1+MAX(A$7:A180))","v":123},"300 x 90 LVL HYSPAN '4B3'\n- 1 Piece of 3.3m",{"v":3.34,"d":"3.3"},"M",{"v":0,"d":"0%"},{"v":3.34,"d":"3.3"},{"v":43.26952421052631,"d":"$43.27"},{"v":144.52021086315787,"d":"$144.52"}]
[{"$f":"IF(C182=0,\"\",1+MAX(A$7:A181))","v":124},"310UB32 OR 300PEC '4B4'\n- 1 Piece of 7.1m",{"v":7.12,"d":"7.1"},"M",{"v":0,"d":"0%"},{"v":7.12,"d":"7.1"},{"v":43.26952421052631,"d":"$43.27"},{"v":308.07901237894737,"d":"$308.08"}]
[{"$f":"IF(C183=0,\"\",1+MAX(A$7:A182))","v":125},"120 x 45 MGP10 '4B5'\n- 2 Pieces of 1m",{"v":1.94,"d":"1.9"},"M",{"v":0,"d":"0%"},{"v":1.94,"d":"1.9"},{"v":21.628525714285715,"d":"$21.63"},{"v":41.959339885714286,"d":"$41.96"}]
[{"$f":"IF(C184=0,\"\",1+MAX(A$7:A183))","v":126},"140 x 45 MGP10 '4B6'\n- 2 Pieces of 1.3m",2.6,"M",{"v":0,"d":"0%"},2.6,{"v":25.574373333333334,"d":"$25.57"},{"v":66.49337066666666,"d":"$66.49"}]
[{"$f":"IF(C185=0,\"\",1+MAX(A$7:A184))","v":127},"140 x 45 MGP10 '4B7'\n- 2 Pieces of 1.2m",{"v":2.38,"d":"2.4"},"M",{"v":0,"d":"0%"},{"v":2.38,"d":"2.4"},{"v":25.574373333333334,"d":"$25.57"},{"v":60.86700853333333,"d":"$60.87"}]
[{"$f":"IF(C186=0,\"\",1+MAX(A$7:A185))","v":128},"290 x F17 KDHW '4B8'\n- 2 Pieces of 3.1m",6.2,"M",{"v":0,"d":"0%"},6.2,{"v":123.62704,"d":"$123.63"},{"v":766.487648,"d":"$766.49"}]
[{"$f":"IF(C187=0,\"\",1+MAX(A$7:A186))","v":129},"290 x F17 KDHW '4B9'\n- 2 Pieces of 0.6m",1.2,"M",{"v":0,"d":"0%"},1.2,{"v":123.62704,"d":"$123.63"},{"v":148.35244799999998,"d":"$148.35"}]
[{"$f":"IF(C188=0,\"\",1+MAX(A$7:A187))","v":130},"190 x 45 MGP10 '4B10'\n- 2 Pieces of 0.6m",{"v":1.14,"d":"1.1"},"M",{"v":0,"d":"0%"},{"v":1.14,"d":"1.1"},{"v":29.305325714285715,"d":"$29.31"},{"v":33.40807131428571,"d":"$33.41"}]
[{"$f":"IF(C189=0,\"\",1+MAX(A$7:A188))","v":131},"240 x 45 MGP10 '4B11'\n- 2 Pieces of 2.2m",{"v":4.38,"d":"4.4"},"M",{"v":0,"d":"0%"},{"v":4.38,"d":"4.4"},{"v":37.312731428571425,"d":"$37.31"},{"v":163.42976365714284,"d":"$163.43"}]
[{"$f":"IF(C190=0,\"\",1+MAX(A$7:A189))","v":132},"190 x 45 MGP10 CONTINUOUS TWO SPANS '4B12'\n- 2 Pieces of 1.9m",{"v":3.78,"d":"3.8"},"M",{"v":0,"d":"0%"},{"v":3.78,"d":"3.8"},{"v":29.726786206896552,"d":"$29.73"},{"v":112.36725186206895,"d":"$112.37"}]
[{"$f":"IF(C191=0,\"\",1+MAX(A$7:A190))","v":133},"240 x 45 MGP10 '4B13'\n- 2 Pieces of 2.1m",4.2,"M",{"v":0,"d":"0%"},4.2,{"v":37.312731428571425,"d":"$37.31"},{"v":156.713472,"d":"$156.71"}]
[{"$f":"IF(C192=0,\"\",1+MAX(A$7:A191))","v":134},"120 x 45 MGP10 '4B14'\n- 2 Pieces of 1.1m",{"v":2.22,"d":"2.2"},"M",{"v":0,"d":"0%"},{"v":2.22,"d":"2.2"},{"v":21.628525714285715,"d":"$21.63"},{"v":48.01532708571429,"d":"$48.02"}]
[{"$f":"IF(C193=0,\"\",1+MAX(A$7:A192))","v":135},"140 x 45 MGP10 '4B15'\n- 2 Pieces of 0.6m",{"v":1.18,"d":"1.2"},"M",{"v":0,"d":"0%"},{"v":1.18,"d":"1.2"},{"v":25.574373333333334,"d":"$25.57"},{"v":30.177760533333334,"d":"$30.18"}]
[{"$f":"IF(C194=0,\"\",1+MAX(A$7:A193))","v":136},"140 x 45 MGP10 EXTEND 1000MM IN & TIE FLOOR '4B16'\n- 2 Pieces of 0.7m",{"v":1.32,"d":"1.3"},"M",{"v":0,"d":"0%"},{"$f":"(E194*C194)+C194","v":{"v":1.32,"d":"1.3"}},{"v":25.574373333333334,"d":"$25.57"},{"$f":"(G194)*F194","v":{"v":33.758172800000004,"d":"$33.76"}}]
[{"$f":"IF(C195=0,\"\",1+MAX(A$7:A194))","v":137},"369 x 90 LVL HYSPAN OR 180PFC '4B17'\n- 1 Piece of 3.7m",{"v":3.69,"d":"3.7"},"M",{"v":0,"d":"0%"},{"v":3.69,"d":"3.7"},{"v":55.57624,"d":"$55.58"},{"v":205.0763256,"d":"$205.08"}]
[{"$f":"IF(C196=0,\"\",1+MAX(A$7:A195))","v":138},"240 x 45 MGP10 EXTEND 1000MM IN PARTY WALL '4B18'\n- 2 Pieces of 1.3m",{"v":2.68,"d":"2.7"},"M",{"v":0,"d":"0%"},{"v":2.68,"d":"2.7"},{"v":37.312731428571425,"d":"$37.31"},{"v":99.99812022857142,"d":"$100.00"}]
[{"$f":"IF(C197=0,\"\",1+MAX(A$7:A196))","v":""},"Floor Beam"]
[{"$f":"IF(C198=0,\"\",1+MAX(A$7:A197))","v":139},"300 x 90 LVL HYSPAN 'FB1'\n- 4 Pieces of 1.1m",4.4,"M",{"v":0,"d":"0%"},4.4,{"v":43.26952421052631,"d":"$43.27"},{"v":190.3859065263158,"d":"$190.39"}]
[{"$f":"IF(C199=0,\"\",1+MAX(A$7:A198))","v":140},"301 x 90 LVL HYSPAN 'FB2\n- 4 Pieces of 0.7m",2.8,"M",{"v":0,"d":"0%"},2.8,{"v":43.26952421052631,"d":"$43.27"},{"v":121.15466778947366,"d":"$121.15"}]
[{"$f":"IF(C200=0,\"\",1+MAX(A$7:A199))","v":141},"302 x 90 LVL HYSPAN 'FB3'\n- 4 Pieces of 0.7m",2.8,"M",{"v":0,"d":"0%"},2.8,{"v":43.26952421052631,"d":"$43.27"},{"v":121.15466778947366,"d":"$121.15"}]
[{"$f":"IF(C201=0,\"\",1+MAX(A$7:A200))","v":""},"Floor Trusses"]
[{"$f":"IF(C202=0,\"\",1+MAX(A$7:A201))","v":142},"350mm DEEP DOSI-STRUT TIMBER FLOOR TRUSSES 'FJ1' (277.2 M2)\n- 9 Pieces of 1m\n- 3 Pieces of 1.1m\n- 2 Pieces of 2.9m\n- 4 Pieces of 3.3m\n- 14 Pieces of 3.4m\n- 6 Pieces of 3.5m\n- 3 Pieces of 4m\n- 4 Pieces of 4.3m\n- 16 Pieces of 4.5m\n- 7 Pieces of 5m\n- 3 Pieces of 5.1m\n- 4 Pieces of 5.5m\n- 1 Piece of 5.7m\n- 3 Pieces of 6.2m\n- 1 Piece of 10.2m\n- 5 Pieces of 10.3m\n- 12 Pieces of 10.5m\n- 8 Pieces of 10.6m\n- 6 Pieces of 10.7m\n- 2 Pieces of 10.8m",655.1,"M",{"v":0,"d":"0%"},655.1,{"v":46.13728,"d":"$46.14"},{"v":30224.532128,"d":"$30,224.53"}]
[{"$f":"IF(C203=0,\"\",1+MAX(A$7:A202))","v":""},"Floor Covering"]
[{"$f":"IF(C204=0,\"\",1+MAX(A$7:A203))","v":143},"Tongue & Groove Floor Covering",277.2,"M2",{"v":0,"d":"0%"},277.2,{"v":9.9072,"d":"$9.91"},{"v":2746.27584,"d":"$2,746.28"}]
[{"$f":"IF(C205=0,\"\",1+MAX(A$7:A204))","v":""},"Mullion"]
[{"$f":"IF(C206=0,\"\",1+MAX(A$7:A205))","v":144},"90 x 90 F17 KDHW POST 'M1' (2600mm H & 1 EA)",2.6,"M",{"v":0,"d":"0%"},2.6,{"v":12.78272,"d":"$12.78"},{"v":33.235072,"d":"$33.24"}]
[{"$f":"IF(C207=0,\"\",1+MAX(A$7:A206))","v":""},"Roof Framing"]
[{"$f":"IF(C208=0,\"\",1+MAX(A$7:A207))","v":""},"Ground Floor"]
[{"$f":"IF(C209=0,\"\",1+MAX(A$7:A208))","v":""},"Lintel"]
[{"$f":"IF(C210=0,\"\",1+MAX(A$7:A209))","v":145},"240 x 45 MGP10 '4L5'\n- 2 Pieces of 3.1m",6.2,"M",{"v":0,"d":"0%"},6.2,{"v":37.312731428571425,"d":"$37.31"},{"v":231.33893485714285,"d":"$231.34"}]
[{"$f":"IF(C211=0,\"\",1+MAX(A$7:A210))","v":146},"190 x 45 MGP10 '4L6'\n- 2 Pieces of 1.3m",{"v":2.64,"d":"2.6"},"M",{"v":0,"d":"0%"},{"v":2.64,"d":"2.6"},{"v":29.726786206896552,"d":"$29.73"},{"v":78.4787155862069,"d":"$78.48"}]
[{"$f":"IF(C212=0,\"\",1+MAX(A$7:A211))","v":147},"360 x 90 LVL HYSPAN OR 180PEC '4L7'\n- 1 Piece of 2.8m",{"v":2.79,"d":"2.8"},"M",{"v":0,"d":"0%"},{"v":2.79,"d":"2.8"},{"v":123.62704,"d":"$123.63"},{"v":344.91944159999997,"d":"$344.92"}]
[{"$f":"IF(C213=0,\"\",1+MAX(A$7:A212))","v":148},"140 x 45 MGP10 '4L10'\n-  Pieces of 0.8m",1.5,"M",{"v":0,"d":"0%"},1.5,{"v":25.574373333333334,"d":"$25.57"},{"v":38.36156,"d":"$38.36"}]
[{"$f":"IF(C214=0,\"\",1+MAX(A$7:A213))","v":149},"140 x 45 MGP10 '4L11'\n- 2 Pieces of 0.8m",{"v":1.56,"d":"1.6"},"M",{"v":0,"d":"0%"},{"v":1.56,"d":"1.6"},{"v":25.574373333333334,"d":"$25.57"},{"v":39.8960224,"d":"$39.90"}]
[{"$f":"IF(C215=0,\"\",1+MAX(A$7:A214))","v":""},"Roof"]
[{"$f":"IF(C216=0,\"\",1+MAX(A$7:A215))","v":""},"Roof Lintel"]
[{"$f":"IF(C217=0,\"\",1+MAX(A$7:A216))","v":150},"90 x 45 MGP10 '1RL1'\n- 2 Pieces of 0.8m",1.6,"M",{"v":0,"d":"0%"},1.6,{"v":22.512847999999998,"d":"$22.51"},{"v":36.0205568,"d":"$36.02"}]
[{"$f":"IF(C218=0,\"\",1+MAX(A$7:A217))","v":151},"90 x 45 MGP10 '1RL2'\n- 2 Pieces of 0.7m",1.4,"M",{"v":0,"d":"0%"},1.4,{"v":22.512847999999998,"d":"$22.51"},{"v":31.517987199999997,"d":"$31.52"}]
[{"$f":"IF(C219=0,\"\",1+MAX(A$7:A218))","v":152},"290 x 45 MGP10 '1RL3'\n- 2 Pieces of 4.4m",8.8,"M",{"v":0,"d":"0%"},8.8,{"v":123.62704,"d":"$123.63"},{"v":1087.917952,"d":"$1,087.92"}]
[{"$f":"IF(C220=0,\"\",1+MAX(A$7:A219))","v":153},"240 x 45 MGP10 '1RL4'\n- 2 Pieces of 3m",{"v":6,"d":"6.0"},"M",{"v":0,"d":"0%"},{"v":6,"d":"6.0"},{"v":37.312731428571425,"d":"$37.31"},{"v":223.87638857142855,"d":"$223.88"}]
[{"$f":"IF(C221=0,\"\",1+MAX(A$7:A220))","v":154},"120 x 45 MGP10 '1RL5'\n- 2 Pieces of 1.3m",{"v":2.64,"d":"2.6"},"M",{"v":0,"d":"0%"},{"v":2.64,"d":"2.6"},{"v":21.628525714285715,"d":"$21.63"},{"v":57.09930788571429,"d":"$57.10"}]
[{"$f":"IF(C222=0,\"\",1+MAX(A$7:A221))","v":155},"140 x 45 MGP10 '1RL6'\n- 2 Pieces of 1.6m",{"v":3.16,"d":"3.2"},"M",{"v":0,"d":"0%"},{"v":3.16,"d":"3.2"},{"v":25.574373333333334,"d":"$25.57"},{"v":80.81501973333334,"d":"$80.82"}]
[{"$f":"IF(C223=0,\"\",1+MAX(A$7:A222))","v":156},"240 x 45 MGP10 '1RL7'\n- 2 Pieces of 2.7m",5.4,"M",{"v":0,"d":"0%"},5.4,{"v":37.312731428571425,"d":"$37.31"},{"v":201.48874971428572,"d":"$201.49"}]
[{"$f":"IF(C224=0,\"\",1+MAX(A$7:A223))","v":157},"90 x 45 MGP10 '1RL8'\n- 2 Pieces of 0.7m",1.4,"M",{"v":0,"d":"0%"},1.4,{"v":22.512847999999998,"d":"$22.51"},{"v":31.517987199999997,"d":"$31.52"}]
[{"$f":"IF(C225=0,\"\",1+MAX(A$7:A224))","v":158},"90 x 45 MGP10 '1RL9'\n- 2 Pieces of 0.8m",1.6,"M",{"v":0,"d":"0%"},1.6,{"v":22.512847999999998,"d":"$22.51"},{"v":36.0205568,"d":"$36.02"}]
[{"$f":"IF(C226=0,\"\",1+MAX(A$7:A225))","v":159},"240 x 45 MGP10 '1RL10'\n- 2 Pieces of 2.7m",5.4,"M",{"v":0,"d":"0%"},5.4,{"v":37.312731428571425,"d":"$37.31"},{"v":201.48874971428572,"d":"$201.49"}]
[{"$f":"IF(C227=0,\"\",1+MAX(A$7:A226))","v":160},"240 x 45 MGP10 '2, 3RL1'\n- 4 Pieces of 2.7m",10.8,"M",{"v":0,"d":"0%"},10.8,{"v":37.312731428571425,"d":"$37.31"},{"v":402.97749942857143,"d":"$402.98"}]
[{"$f":"IF(C228=0,\"\",1+MAX(A$7:A227))","v":161},"190 x 45 MGP10 '2, 3RL2'\n- 4 Pieces of 2.3m",9.2,"M",{"v":0,"d":"0%"},9.2,{"v":29.726786206896552,"d":"$29.73"},{"v":273.48643310344823,"d":"$273.49"}]
[{"$f":"IF(C229=0,\"\",1+MAX(A$7:A228))","v":162},"240 x 45 MGP10 '2, 3RL3'\n- 4 Pieces of 2.7m",10.8,"M",{"v":0,"d":"0%"},10.8,{"v":37.312731428571425,"d":"$37.31"},{"v":402.97749942857143,"d":"$402.98"}]
[{"$f":"IF(C230=0,\"\",1+MAX(A$7:A229))","v":163},"90 x 45 MGP10 '2, 3RL4'\n- 4 Pieces of 0.7m",{"v":2.72,"d":"2.7"},"M",{"v":0,"d":"0%"},{"v":2.72,"d":"2.7"},{"v":22.512847999999998,"d":"$22.51"},{"v":61.23494656,"d":"$61.23"}]
[{"$f":"IF(C231=0,\"\",1+MAX(A$7:A230))","v":164},"90 x 45 MGP10 '2, 3RL5'\n- 4 Pieces of 0.7m",{"v":2.72,"d":"2.7"},"M",{"v":0,"d":"0%"},{"v":2.72,"d":"2.7"},{"v":22.512847999999998,"d":"$22.51"},{"v":61.23494656,"d":"$61.23"}]
[{"$f":"IF(C232=0,\"\",1+MAX(A$7:A231))","v":165},"240 x 45 MGP10 '4RL1'\n- 2 Pieces of 2.7m",{"v":5.32,"d":"5.3"},"M",{"v":0,"d":"0%"},{"v":5.32,"d":"5.3"},{"v":37.312731428571425,"d":"$37.31"},{"v":198.5037312,"d":"$198.50"}]
[{"$f":"IF(C233=0,\"\",1+MAX(A$7:A232))","v":166},"190 x 45 MGP10 '4RL2'\n- 2 Pieces of 2.2m",{"v":4.32,"d":"4.3"},"M",{"v":0,"d":"0%"},{"v":4.32,"d":"4.3"},{"v":29.726786206896552,"d":"$29.73"},{"v":128.4197164137931,"d":"$128.42"}]
[{"$f":"IF(C234=0,\"\",1+MAX(A$7:A233))","v":167},"240 x 45 MGP10 '4RL3'\n- 2 Pieces of 2.7m",5.3,"M",{"v":0,"d":"0%"},5.3,{"v":37.312731428571425,"d":"$37.31"},{"v":197.75747657142855,"d":"$197.76"}]
[{"$f":"IF(C235=0,\"\",1+MAX(A$7:A234))","v":168},"90 x 45 MGP10 '4RL4'\n- 2 Pieces of 0.7m",{"v":1.46,"d":"1.5"},"M",{"v":0,"d":"0%"},{"v":1.46,"d":"1.5"},{"v":22.512847999999998,"d":"$22.51"},{"v":32.86875808,"d":"$32.87"}]
[{"$f":"IF(C236=0,\"\",1+MAX(A$7:A235))","v":169},"90 x 45 MGP10 '4RL5'\n- 2 Pieces of 0.7m",{"v":1.36,"d":"1.4"},"M",{"v":0,"d":"0%"},{"v":1.36,"d":"1.4"},{"v":22.512847999999998,"d":"$22.51"},{"v":30.61747328,"d":"$30.62"}]
[{"$f":"IF(C237=0,\"\",1+MAX(A$7:A236))","v":170},"90 x 45 MGP10 '4RL6'\n- 2 Pieces of 0.7m",{"v":1.42,"d":"1.4"},"M",{"v":0,"d":"0%"},{"v":1.42,"d":"1.4"},{"v":22.512847999999998,"d":"$22.51"},{"v":31.968244159999998,"d":"$31.97"}]
[{"$f":"IF(C238=0,\"\",1+MAX(A$7:A237))","v":171},"90 x 45 MGP10 '4RL7'\n- 2 Pieces of 0.7m",{"v":1.42,"d":"1.4"},"M",{"v":0,"d":"0%"},{"v":1.42,"d":"1.4"},{"v":22.512847999999998,"d":"$22.51"},{"v":31.968244159999998,"d":"$31.97"}]
[{"$f":"IF(C239=0,\"\",1+MAX(A$7:A238))","v":172},"90 x 45 MGP10 '4RL8'\n- 2 Pieces of 0.9m",{"v":1.84,"d":"1.8"},"M",{"v":0,"d":"0%"},{"v":1.84,"d":"1.8"},{"v":22.512847999999998,"d":"$22.51"},{"v":41.42364032,"d":"$41.42"}]
[{"$f":"IF(C240=0,\"\",1+MAX(A$7:A239))","v":173},"90 x 45 MGP10 '4RL9'\n- 2 Pieces of 0.9m",{"v":1.76,"d":"1.8"},"M",{"v":0,"d":"0%"},{"v":1.76,"d":"1.8"},{"v":22.512847999999998,"d":"$22.51"},{"v":39.622612479999994,"d":"$39.62"}]
[{"$f":"IF(C241=0,\"\",1+MAX(A$7:A240))","v":174},"90 x 45 MGP10 '4RL10'\n- 2 Pieces of 0.7m",{"v":1.36,"d":"1.4"},"M",{"v":0,"d":"0%"},{"v":1.36,"d":"1.4"},{"v":22.512847999999998,"d":"$22.51"},{"v":30.61747328,"d":"$30.62"}]
[{"$f":"IF(C242=0,\"\",1+MAX(A$7:A241))","v":175},"90 x 45 MGP10 '4RL11'\n- 2 Pieces of 0.7m",{"v":1.44,"d":"1.4"},"M",{"v":0,"d":"0%"},{"v":1.44,"d":"1.4"},{"v":22.512847999999998,"d":"$22.51"},{"v":32.418501119999995,"d":"$32.42"}]
[{"$f":"IF(C243=0,\"\",1+MAX(A$7:A242))","v":""},"Roof Beam"]
[{"$f":"IF(C244=0,\"\",1+MAX(A$7:A243))","v":176},"140 x 45 MGP10 '2,3PB1'\n- 2 Pieces of 1.1m\n- 1 Piece of 1.3m\n- 1 Piece of 1.4m",4.9,"M",{"v":0,"d":"0%"},4.9,{"v":25.574373333333334,"d":"$25.57"},{"v":125.31442933333335,"d":"$125.31"}]
[{"$f":"IF(C245=0,\"\",1+MAX(A$7:A244))","v":177},"190 x 45 F17 KDHW '2,3PB2'\n- 2 Pieces of 3m\n- 2 Pieces of 3.2m",12.4,"M",{"v":0,"d":"0%"},12.4,{"v":29.726786206896552,"d":"$29.73"},{"v":368.61214896551724,"d":"$368.61"}]
[{"$f":"IF(C246=0,\"\",1+MAX(A$7:A245))","v":178},"190 x 45 F17 KDHW '2,3PB3'\n- 2 Pieces of 2.9m\n- 2 Pieces of 3.1m",{"v":12,"d":"12.0"},"M",{"v":0,"d":"0%"},{"v":12,"d":"12.0"},{"v":29.726786206896552,"d":"$29.73"},{"v":356.72143448275864,"d":"$356.72"}]
[{"$f":"IF(C247=0,\"\",1+MAX(A$7:A246))","v":179},"190 x 45 F17 KDHW '3PB4'\n- 2 Pieces of 2.1m",4.2,"M",{"v":0,"d":"0%"},4.2,{"v":29.726786206896552,"d":"$29.73"},{"v":124.85250206896552,"d":"$124.85"}]
[{"$f":"IF(C248=0,\"\",1+MAX(A$7:A247))","v":180},"140 x 45 MGP10 '4PB1'\n- 2 Pieces of 1.3m",2.6,"M",{"v":0,"d":"0%"},2.6,{"v":25.574373333333334,"d":"$25.57"},{"v":66.49337066666666,"d":"$66.49"}]
[{"$f":"IF(C249=0,\"\",1+MAX(A$7:A248))","v":181},"190 x 45 F17 KDHW '4PB2'\n- 2 Pieces of 3.1m",6.2,"M",{"v":0,"d":"0%"},6.2,{"v":29.726786206896552,"d":"$29.73"},{"v":184.30607448275862,"d":"$184.31"}]
[{"$f":"IF(C250=0,\"\",1+MAX(A$7:A249))","v":182},"190 x 45 F17 KDHW '4PB3'\n- 2 Pieces of 3.1m",6.2,"M",{"v":0,"d":"0%"},6.2,{"v":29.726786206896552,"d":"$29.73"},{"v":184.30607448275862,"d":"$184.31"}]
[{"$f":"IF(C251=0,\"\",1+MAX(A$7:A250))","v":183},"190 x 45 F17 KDHW '4PB4'\n- 2 Pieces of 2.1m",4.2,"M",{"v":0,"d":"0%"},4.2,{"v":29.726786206896552,"d":"$29.73"},{"v":124.85250206896552,"d":"$124.85"}]
[{"$f":"IF(C252=0,\"\",1+MAX(A$7:A251))","v":""},"Trusses"]
[{"$f":"IF(C253=0,\"\",1+MAX(A$7:A252))","v":184},"Timber Lower Roof Trusses At 600 CTRS By Manufacture Specs",{"v":8.65,"d":"8.7"},"M2",{"v":0,"d":"0%"},{"v":8.65,"d":"8.7"},{"v":12.384,"d":"$12.38"},{"v":107.1216,"d":"$107.12"}]
[{"$f":"IF(C254=0,\"\",1+MAX(A$7:A253))","v":185},"Timber Upper Roof Trusses At 600 CTRS By Manufacture Specs",{"v":279.82,"d":"279.8"},"M2",{"v":0,"d":"0%"},{"v":279.82,"d":"279.8"},{"v":12.384,"d":"$12.38"},{"v":3465.29088,"d":"$3,465.29"}]
[{"$f":"IF(C255=0,\"\",1+MAX(A$7:A254))","v":""},"Double Stud"]
[{"$f":"IF(C256=0,\"\",1+MAX(A$7:A255))","v":186},"90 x 45 MGP10 'DS' (2400mm H & 52 EA)",124.8,"M",{"v":0,"d":"0%"},124.8,{"v":22.512847999999998,"d":"$22.51"},{"v":2809.6034303999995,"d":"$2,809.60"}]
[{"$f":"IF(C257=0,\"\",1+MAX(A$7:A256))","v":""},"Wall Framing"]
[{"$f":"IF(C258=0,\"\",1+MAX(A$7:A257))","v":""},"Ground Floor"]
[{"$f":"IF(C259=0,\"\",1+MAX(A$7:A258))","v":""},"External Double Stud Wall (26.7 LM & 400mm H)"]
[{"$f":"IF(C260=0,\"\",1+MAX(A$7:A259))","v":187},"90 x 45 MGP10 Timber Stud At 450 CTRS (122 EA & 11 M2)",{"v":48.800000000000004,"d":"48.8"},"M",{"v":0,"d":"0%"},{"$f":"(E260*C260)+C260","v":{"v":48.800000000000004,"d":"48.8"}},{"v":22.512847999999998,"d":"$22.51"},{"$f":"(G260)*F260","v":{"v":1098.6269824,"d":"$1,098.63"}}]
[{"$f":"IF(C261=0,\"\",1+MAX(A$7:A260))","v":188},"90 x 45 Top Plate",26.7,"M",{"v":0,"d":"0%"},26.7,{"v":22.512847999999998,"d":"$22.51"},{"v":601.0930416,"d":"$601.09"}]
[{"$f":"IF(C262=0,\"\",1+MAX(A$7:A261))","v":189},"90 x 35 Ribbon Plate",26.7,"M",{"v":0,"d":"0%"},26.7,{"v":22.512847999999998,"d":"$22.51"},{"v":601.0930416,"d":"$601.09"}]
[{"$f":"IF(C263=0,\"\",1+MAX(A$7:A262))","v":190},"90 x 45 Bottom Plate",26.7,"M",{"v":0,"d":"0%"},26.7,{"v":22.512847999999998,"d":"$22.51"},{"v":601.0930416,"d":"$601.09"}]
[{"$f":"IF(C264=0,\"\",1+MAX(A$7:A263))","v":""},"External Double Stud Wall (50.2 LM & 2750mm H)"]
[{"$f":"IF(C265=0,\"\",1+MAX(A$7:A264))","v":191},"90 x 45 MGP10 Timber Stud At 450 CTRS (226 EA & 139 M2)",621.5,"M",{"v":0,"d":"0%"},621.5,{"v":22.512847999999998,"d":"$22.51"},{"v":13991.735031999999,"d":"$13,991.74"}]
[{"$f":"IF(C266=0,\"\",1+MAX(A$7:A265))","v":192},"90 x 45 Top Plate",50.2,"M",{"v":0,"d":"0%"},50.2,{"v":22.512847999999998,"d":"$22.51"},{"v":1130.1449696,"d":"$1,130.14"}]
[{"$f":"IF(C267=0,\"\",1+MAX(A$7:A266))","v":193},"90 x 35 Ribbon Plate",50.2,"M",{"v":0,"d":"0%"},50.2,{"v":22.512847999999998,"d":"$22.51"},{"v":1130.1449696,"d":"$1,130.14"}]
[{"$f":"IF(C268=0,\"\",1+MAX(A$7:A267))","v":194},"90 x 45 Bottom Plate",50.2,"M",{"v":0,"d":"0%"},50.2,{"v":22.512847999999998,"d":"$22.51"},{"v":1130.1449696,"d":"$1,130.14"}]
[{"$f":"IF(C269=0,\"\",1+MAX(A$7:A268))","v":195},"90 x 45 Noggings At 1350 CTRS",50.2,"M",{"v":0,"d":"0%"},50.2,{"v":22.512847999999998,"d":"$22.51"},{"v":1130.1449696,"d":"$1,130.14"}]
[{"$f":"IF(C270=0,\"\",1+MAX(A$7:A269))","v":""},"Internal Double Stud Party Wall (24.3 LM & 2750mm H)"]
[{"$f":"IF(C271=0,\"\",1+MAX(A$7:A270))","v":196},"90 x 45 MGP10 Timber Stud At 450 CTRS (110 EA & 67 M2)",302.5,"M",{"v":0,"d":"0%"},302.5,{"v":22.512847999999998,"d":"$22.51"},{"v":6810.136519999999,"d":"$6,810.14"}]
[{"$f":"IF(C272=0,\"\",1+MAX(A$7:A271))","v":197},"90 x 45 Top Plate",24.3,"M",{"v":0,"d":"0%"},24.3,{"v":22.512847999999998,"d":"$22.51"},{"v":547.0622063999999,"d":"$547.06"}]
[{"$f":"IF(C273=0,\"\",1+MAX(A$7:A272))","v":198},"90 x 35 Ribbon Plate",24.3,"M",{"v":0,"d":"0%"},24.3,{"v":22.512847999999998,"d":"$22.51"},{"v":547.0622063999999,"d":"$547.06"}]
[{"$f":"IF(C274=0,\"\",1+MAX(A$7:A273))","v":199},"90 x 45 Bottom Plate",24.3,"M",{"v":0,"d":"0%"},24.3,{"v":22.512847999999998,"d":"$22.51"},{"v":547.0622063999999,"d":"$547.06"}]
[{"$f":"IF(C275=0,\"\",1+MAX(A$7:A274))","v":200},"90 x 45 Noggings At 1350 CTRS",24.3,"M",{"v":0,"d":"0%"},24.3,{"v":22.512847999999998,"d":"$22.51"},{"v":547.0622063999999,"d":"$547.06"}]
[{"$f":"IF(C276=0,\"\",1+MAX(A$7:A275))","v":""},"Internal Single Stud Wall (10.1 LM & 400mm H)"]
[{"$f":"IF(C277=0,\"\",1+MAX(A$7:A276))","v":201},"90 x 45 MGP10 Timber Stud At 450 CTRS (24 EA & 5 M2)",{"v":9.600000000000001,"d":"9.6"},"M",{"v":0,"d":"0%"},{"v":9.600000000000001,"d":"9.6"},{"v":22.512847999999998,"d":"$22.51"},{"v":216.12334080000002,"d":"$216.12"}]
[{"$f":"IF(C278=0,\"\",1+MAX(A$7:A277))","v":202},"90 x 45 Top Plate",{"v":10.08,"d":"10.1"},"M",{"v":0,"d":"0%"},{"v":10.08,"d":"10.1"},{"v":22.512847999999998,"d":"$22.51"},{"v":226.92950783999999,"d":"$226.93"}]
[{"$f":"IF(C279=0,\"\",1+MAX(A$7:A278))","v":203},"90 x 35 Ribbon Plate",{"v":10.08,"d":"10.1"},"M",{"v":0,"d":"0%"},{"v":10.08,"d":"10.1"},{"v":22.162848,"d":"$22.16"},{"v":223.40150784,"d":"$223.40"}]
[{"$f":"IF(C280=0,\"\",1+MAX(A$7:A279))","v":204},"90 x 45 Bottom Plate",{"v":10.08,"d":"10.1"},"M",{"v":0,"d":"0%"},{"v":10.08,"d":"10.1"},{"v":22.512847999999998,"d":"$22.51"},{"v":226.92950783999999,"d":"$226.93"}]
[{"$f":"IF(C281=0,\"\",1+MAX(A$7:A280))","v":""},"Internal Single Stud Wall (112.7 LM & 2750mm H)"]
[{"$f":"IF(C282=0,\"\",1+MAX(A$7:A281))","v":205},"90 x 45 MGP10 Timber Stud At 450 CTRS (252 EA & 310 M2)",{"v":693,"d":"693.0"},"M",{"v":0,"d":"0%"},{"v":693,"d":"693.0"},{"v":22.512847999999998,"d":"$22.51"},{"v":15601.403664,"d":"$15,601.40"}]
[{"$f":"IF(C283=0,\"\",1+MAX(A$7:A282))","v":206},"90 x 45 Top Plate",112.7,"M",{"v":0,"d":"0%"},112.7,{"v":22.512847999999998,"d":"$22.51"},{"v":2537.1979696,"d":"$2,537.20"}]
[{"$f":"IF(C284=0,\"\",1+MAX(A$7:A283))","v":207},"90 x 35 Ribbon Plate",112.7,"M",{"v":0,"d":"0%"},112.7,{"v":22.162848,"d":"$22.16"},{"v":2497.7529696,"d":"$2,497.75"}]
[{"$f":"IF(C285=0,\"\",1+MAX(A$7:A284))","v":208},"90 x 45 Bottom Plate",112.7,"M",{"v":0,"d":"0%"},112.7,{"v":22.512847999999998,"d":"$22.51"},{"v":2537.1979696,"d":"$2,537.20"}]
[{"$f":"IF(C286=0,\"\",1+MAX(A$7:A285))","v":209},"90 x 45 Noggings At 1350 CTRS",112.7,"M",{"v":0,"d":"0%"},112.7,{"v":22.512847999999998,"d":"$22.51"},{"v":2537.1979696,"d":"$2,537.20"}]
[{"$f":"IF(C287=0,\"\",1+MAX(A$7:A286))","v":""},"First Floor"]
[{"$f":"IF(C288=0,\"\",1+MAX(A$7:A287))","v":""},"External Double Stud Party Wall (4.7 LM & 3100mm H)"]
[{"$f":"IF(C289=0,\"\",1+MAX(A$7:A288))","v":210},"90 x 45 MGP10 Timber Stud At 450 CTRS (24 EA & 15 M2)",74.4,"M",{"v":0,"d":"0%"},74.4,{"v":22.512847999999998,"d":"$22.51"},{"v":1674.9558912,"d":"$1,674.96"}]
[{"$f":"IF(C290=0,\"\",1+MAX(A$7:A289))","v":211},"90 x 45 Top Plate",{"v":4.65,"d":"4.7"},"M",{"v":0,"d":"0%"},{"v":4.65,"d":"4.7"},{"v":22.512847999999998,"d":"$22.51"},{"v":104.6847432,"d":"$104.68"}]
[{"$f":"IF(C291=0,\"\",1+MAX(A$7:A290))","v":212},"90 x 35 Ribbon Plate",{"v":4.65,"d":"4.7"},"M",{"v":0,"d":"0%"},{"v":4.65,"d":"4.7"},{"v":22.512847999999998,"d":"$22.51"},{"v":104.6847432,"d":"$104.68"}]
[{"$f":"IF(C292=0,\"\",1+MAX(A$7:A291))","v":213},"90 x 35 Bottom Plate",{"v":4.65,"d":"4.7"},"M",{"v":0,"d":"0%"},{"v":4.65,"d":"4.7"},{"v":22.512847999999998,"d":"$22.51"},{"v":104.6847432,"d":"$104.68"}]
[{"$f":"IF(C293=0,\"\",1+MAX(A$7:A292))","v":214},"90 x 45 Noggings At 1350 CTRS",{"v":4.65,"d":"4.7"},"M",{"v":0,"d":"0%"},{"v":4.65,"d":"4.7"},{"v":22.512847999999998,"d":"$22.51"},{"v":104.6847432,"d":"$104.68"}]
[{"$f":"IF(C294=0,\"\",1+MAX(A$7:A293))","v":""},"External Single Stud Wall (20.2 LM & 1000mm H)"]
[{"$f":"IF(C295=0,\"\",1+MAX(A$7:A294))","v":215},"90 x 45 MGP10 Timber Stud At 450 CTRS (46 EA & 21 M2)",{"v":46,"d":"46.0"},"M",{"v":0,"d":"0%"},{"v":46,"d":"46.0"},{"v":22.512847999999998,"d":"$22.51"},{"v":1035.5910079999999,"d":"$1,035.59"}]
[{"$f":"IF(C296=0,\"\",1+MAX(A$7:A295))","v":216},"90 x 45 Top Plate",20.2,"M",{"v":0,"d":"0%"},20.2,{"v":22.512847999999998,"d":"$22.51"},{"v":454.75952959999995,"d":"$454.76"}]
[{"$f":"IF(C297=0,\"\",1+MAX(A$7:A296))","v":217},"90 x 35 Ribbon Plate",20.2,"M",{"v":0,"d":"0%"},20.2,{"v":22.162848,"d":"$22.16"},{"v":447.6895296,"d":"$447.69"}]
[{"$f":"IF(C298=0,\"\",1+MAX(A$7:A297))","v":218},"90 x 35 Bottom Plate",20.2,"M",{"v":0,"d":"0%"},20.2,{"v":22.162848,"d":"$22.16"},{"v":447.6895296,"d":"$447.69"}]
[{"$f":"IF(C299=0,\"\",1+MAX(A$7:A298))","v":219},"90 x 45 Noggings At 1350 CTRS",20.2,"M",{"v":0,"d":"0%"},20.2,{"v":22.512847999999998,"d":"$22.51"},{"v":454.75952959999995,"d":"$454.76"}]
[{"$f":"IF(C300=0,\"\",1+MAX(A$7:A299))","v":""},"External Single Stud Wall (59.5 LM & 3100mm H)"]
[{"$f":"IF(C301=0,\"\",1+MAX(A$7:A300))","v":220},"90 x 45 MGP10 Timber Stud At 450 CTRS (134 EA & 185 M2)",{"v":415.40000000000003,"d":"415.4"},"M",{"v":0,"d":"0%"},{"v":415.40000000000003,"d":"415.4"},{"v":22.512847999999998,"d":"$22.51"},{"v":9351.8370592,"d":"$9,351.84"}]
[{"$f":"IF(C302=0,\"\",1+MAX(A$7:A301))","v":221},"90 x 45 Top Plate",59.5,"M",{"v":0,"d":"0%"},59.5,{"v":22.512847999999998,"d":"$22.51"},{"v":1339.5144559999999,"d":"$1,339.51"}]
[{"$f":"IF(C303=0,\"\",1+MAX(A$7:A302))","v":222},"90 x 35 Ribbon Plate",59.5,"M",{"v":0,"d":"0%"},59.5,{"v":22.162848,"d":"$22.16"},{"v":1318.689456,"d":"$1,318.69"}]
[{"$f":"IF(C304=0,\"\",1+MAX(A$7:A303))","v":223},"90 x 35 Bottom Plate",59.5,"M",{"v":0,"d":"0%"},59.5,{"v":22.162848,"d":"$22.16"},{"v":1318.689456,"d":"$1,318.69"}]
[{"$f":"IF(C305=0,\"\",1+MAX(A$7:A304))","v":224},"90 x 45 Noggings At 1350 CTRS",59.5,"M",{"v":0,"d":"0%"},59.5,{"v":22.512847999999998,"d":"$22.51"},{"v":1339.5144559999999,"d":"$1,339.51"}]
[{"$f":"IF(C306=0,\"\",1+MAX(A$7:A305))","v":""},"Internal Single Stud Wall (101 LM & 2600mm H)"]
[{"$f":"IF(C307=0,\"\",1+MAX(A$7:A306))","v":225},"90 x 45 MGP10 Timber Stud At 450 CTRS (226 EA & 263 M2)",587.6,"M",{"v":0,"d":"0%"},587.6,{"v":22.512847999999998,"d":"$22.51"},{"v":13228.5494848,"d":"$13,228.55"}]
[{"$f":"IF(C308=0,\"\",1+MAX(A$7:A307))","v":226},"90 x 45 Top Plate",{"v":101,"d":"101.0"},"M",{"v":0,"d":"0%"},{"v":101,"d":"101.0"},{"v":22.512847999999998,"d":"$22.51"},{"v":2273.7976479999998,"d":"$2,273.80"}]
[{"$f":"IF(C309=0,\"\",1+MAX(A$7:A308))","v":227},"90 x 35 Ribbon Plate",{"v":101,"d":"101.0"},"M",{"v":0,"d":"0%"},{"v":101,"d":"101.0"},{"v":22.162848,"d":"$22.16"},{"v":2238.447648,"d":"$2,238.45"}]
[{"$f":"IF(C310=0,\"\",1+MAX(A$7:A309))","v":228},"90 x 35 Bottom Plate",{"v":101,"d":"101.0"},"M",{"v":0,"d":"0%"},{"v":101,"d":"101.0"},{"v":22.162848,"d":"$22.16"},{"v":2238.447648,"d":"$2,238.45"}]
[{"$f":"IF(C311=0,\"\",1+MAX(A$7:A310))","v":229},"90 x 45 Noggings At 1350 CTRS",{"v":101,"d":"101.0"},"M",{"v":0,"d":"0%"},{"v":101,"d":"101.0"},{"v":22.512847999999998,"d":"$22.51"},{"v":2273.7976479999998,"d":"$2,273.80"}]
[{"$f":"IF(C312=0,\"\",1+MAX(A$7:A311))","v":""},"Internal Double Stud Party Wall (15.6 LM & 3100mm H)"]
[{"$f":"IF(C313=0,\"\",1+MAX(A$7:A312))","v":230},"90 x 45 MGP10 Timber Stud At 450 CTRS (72 EA & 49 M2)",{"v":223.20000000000002,"d":"223.2"},"M",{"v":0,"d":"0%"},{"v":223.20000000000002,"d":"223.2"},{"v":22.512847999999998,"d":"$22.51"},{"v":5024.8676736,"d":"$5,024.87"}]
[{"$f":"IF(C314=0,\"\",1+MAX(A$7:A313))","v":231},"90 x 45 Top Plate",15.6,"M",{"v":0,"d":"0%"},15.6,{"v":22.512847999999998,"d":"$22.51"},{"v":351.20042879999994,"d":"$351.20"}]
[{"$f":"IF(C315=0,\"\",1+MAX(A$7:A314))","v":232},"90 x 35 Ribbon Plate",15.6,"M",{"v":0,"d":"0%"},15.6,{"v":22.162848,"d":"$22.16"},{"v":345.7404288,"d":"$345.74"}]
[{"$f":"IF(C316=0,\"\",1+MAX(A$7:A315))","v":233},"90 x 35 Bottom Plate",15.6,"M",{"v":0,"d":"0%"},15.6,{"v":22.162848,"d":"$22.16"},{"v":345.7404288,"d":"$345.74"}]
[{"$f":"IF(C317=0,\"\",1+MAX(A$7:A316))","v":234},"90 x 45 Noggings At 1350 CTRS",15.6,"M",{"v":0,"d":"0%"},15.6,{"v":22.512847999999998,"d":"$22.51"},{"v":351.20042879999994,"d":"$351.20"}]
[{"$f":"IF(C318=0,\"\",1+MAX(A$7:A317))","v":""},"Internal Double Stud Party Wall (10.5 LM & 3600mm H)"]
[{"$f":"IF(C319=0,\"\",1+MAX(A$7:A318))","v":235},"90 x 45 F17 KDHW Timber Stud At 450 CTRS (50 EA & 38 M2)",{"v":180,"d":"180.0"},"M",{"v":0,"d":"0%"},{"v":180,"d":"180.0"},{"v":22.512847999999998,"d":"$22.51"},{"v":4052.3126399999996,"d":"$4,052.31"}]
[{"$f":"IF(C320=0,\"\",1+MAX(A$7:A319))","v":236},"90 x 45 Top Plate",10.5,"M",{"v":0,"d":"0%"},10.5,{"v":22.512847999999998,"d":"$22.51"},{"$f":"(G320)*F320","v":{"v":236.38490399999998,"d":"$236.38"}}]
[{"$f":"IF(C321=0,\"\",1+MAX(A$7:A320))","v":237},"90 x 35 Ribbon Plate",10.5,"M",{"v":0,"d":"0%"},10.5,{"v":22.162848,"d":"$22.16"},{"v":232.709904,"d":"$232.71"}]
[{"$f":"IF(C322=0,\"\",1+MAX(A$7:A321))","v":238},"90 x 35 Bottom Plate",10.5,"M",{"v":0,"d":"0%"},{"$f":"(E322*C322)+C322","v":10.5},{"v":22.162848,"d":"$22.16"},{"$f":"(G322)*F322","v":{"v":232.709904,"d":"$232.71"}}]
[{"$f":"IF(C323=0,\"\",1+MAX(A$7:A322))","v":239},"90 x 45 Noggings At 1350 CTRS",10.5,"M",{"v":0,"d":"0%"},10.5,{"v":22.512847999999998,"d":"$22.51"},{"v":236.38490399999998,"d":"$236.38"}]
["Sub Total",{"$nulls":7},{"$f":"SUM(H126:H323)","v":{"v":171331.75608106368,"d":"$171,331.76"}}]
[]
["Sarking & InsulaTion"]
[{"$f":"IF(C327=0,\"\",1+MAX(A$7:A326))","v":""},"Wall"]
[{"$f":"IF(C328=0,\"\",1+MAX(A$7:A327))","v":""},"Ground Floor"]
[{"$f":"IF(C329=0,\"\",1+MAX(A$7:A328))","v":240},"Internal Wall Insulation (If.Req)",{"v":381,"d":"381.0"},"M2",{"v":0,"d":"0%"},{"$f":"(E329*C329)+C329","v":{"v":381,"d":"381.0"}},{"v":15.877456,"d":"$15.88"},{"$f":"(G329)*F329","v":{"v":6049.310736,"d":"$6,049.31"}}]
[{"$f":"IF(C330=0,\"\",1+MAX(A$7:A329))","v":241},"External Wall Insulation",{"v":149,"d":"149.0"},"M2",{"v":0,"d":"0%"},{"$f":"(E330*C330)+C330","v":{"v":149,"d":"149.0"}},{"v":18.0845472,"d":"$18.08"},{"$f":"(G330)*F330","v":{"v":2694.5975328,"d":"$2,694.60"}}]
[{"$f":"IF(C331=0,\"\",1+MAX(A$7:A330))","v":242},"Sealant",{"v":742,"d":"742.0"},"M",{"v":0,"d":"0%"},{"v":742,"d":"742.0"},{"v":3.9551552,"d":"$3.96"},{"v":2934.7251584,"d":"$2,934.73"}]
[{"$f":"IF(C332=0,\"\",1+MAX(A$7:A331))","v":""},"First Floor"]
[{"$f":"IF(C333=0,\"\",1+MAX(A$7:A332))","v":243},"Internal Wall Insulation (If.Req)",{"v":349,"d":"349.0"},"M2",{"v":0,"d":"0%"},{"v":349,"d":"349.0"},{"v":15.877456,"d":"$15.88"},{"v":5541.2321440000005,"d":"$5,541.23"}]
[{"$f":"IF(C334=0,\"\",1+MAX(A$7:A333))","v":244},"External Wall Insulation",{"v":205,"d":"205.0"},"M2",{"v":0,"d":"0%"},{"v":205,"d":"205.0"},{"v":18.0845472,"d":"$18.08"},{"v":3707.332176,"d":"$3,707.33"}]
[{"$f":"IF(C335=0,\"\",1+MAX(A$7:A334))","v":245},"Sealant",{"v":668,"d":"668.0"},"M",{"v":0,"d":"0%"},{"v":668,"d":"668.0"},{"v":3.9551552,"d":"$3.96"},{"v":2642.0436736,"d":"$2,642.04"}]
[{"$f":"IF(C336=0,\"\",1+MAX(A$7:A335))","v":""},"Floor"]
[{"$f":"IF(C337=0,\"\",1+MAX(A$7:A336))","v":246},"Floor Insulation (If.Req)",{"v":276,"d":"276.0"},"M2",{"v":0,"d":"0%"},{"v":276,"d":"276.0"},{"v":15.877456,"d":"$15.88"},{"v":4382.177856,"d":"$4,382.18"}]
[{"$f":"IF(C338=0,\"\",1+MAX(A$7:A337))","v":""},"Ceiling"]
[{"$f":"IF(C339=0,\"\",1+MAX(A$7:A338))","v":247},"Ceiling Insulation (If.Req)",{"v":289,"d":"289.0"},"M2",{"v":0,"d":"0%"},{"v":289,"d":"289.0"},{"v":15.877456,"d":"$15.88"},{"v":4588.584784000001,"d":"$4,588.58"}]
[{"$f":"IF(C340=0,\"\",1+MAX(A$7:A339))","v":""},"Roof"]
[{"$f":"IF(C341=0,\"\",1+MAX(A$7:A340))","v":248},"Roof Sarking/ Insulation",{"v":270,"d":"270.0"},"M2",{"v":0,"d":"0%"},{"v":270,"d":"270.0"},{"v":15.877456,"d":"$15.88"},{"v":4286.91312,"d":"$4,286.91"}]
["Sub Total",{"$nulls":7},{"$f":"SUM(H327:H341)","v":{"v":36826.917180799996,"d":"$36,826.92"}}]
[]
["Timber/Steel Stair Frame"]
[{"$f":"IF(C345=0,\"\",1+MAX(A$7:A344))","v":249},"Internal Timber Stair \r\nFinish Already Cover In Flooring\r\n- Tread (250mm Wide x 16 EA)\r\n- Riser (180mm H x 17 EA)",{"v":4,"d":"4.0"},"EA",{"v":0,"d":"0%"},{"$f":"(E345*C345)+C345","v":{"v":4,"d":"4.0"}},{"v":369.12384,"d":"$369.12"},{"$f":"(G345)*F345","v":{"v":1476.49536,"d":"$1,476.50"}}]
["Sub Total",{"$nulls":7},{"$f":"SUM(H345:H345)","v":{"v":1476.49536,"d":"$1,476.50"}}]
[]
["Masonry Supply & Install"]
[{"$f":"IF(C349=0,\"\",1+MAX(A$7:A348))","v":""},"Block Wall"]
[{"$f":"IF(C350=0,\"\",1+MAX(A$7:A349))","v":""},"Basement"]
[{"$f":"IF(C351=0,\"\",1+MAX(A$7:A350))","v":250},"(190mm Thick) Block Wall 'BLK1' Reinforced w/ (3.4 LM & 1350mm H)\n- 1N16 End Vert, N16 Vert  & N12-200 Horiz, Each Face, Lap 600\n- Filled w/ 25 MPa Concrete, 6mm Aggregate",{"v":4.6305,"d":"4.6"},"M2",{"v":0,"d":"0%"},{"$f":"(E351*C351)+C351","v":{"v":4.6305,"d":"4.6"}},{"v":85.01476,"d":"$85.01"},{"$f":"(G351)*F351","v":{"v":393.66084617999996,"d":"$393.66"}}]
[{"$f":"IF(C352=0,\"\",1+MAX(A$7:A351))","v":251},"(190mm Thick) Block Wall 'BLK1' Reinforced w/ (21.3 LM & 2600mm H)\n- 1N16 End Vert, N16 Vert  & N12-200 Horiz, Each Face, Lap 600\n- Filled w/ 25 MPa Concrete, 6mm Aggregate",{"v":55.458,"d":"55.5"},"M2",{"v":0,"d":"0%"},{"$f":"(E352*C352)+C352","v":{"v":55.458,"d":"55.5"}},{"v":85.01476,"d":"$85.01"},{"$f":"(G352)*F352","v":{"v":4714.74856008,"d":"$4,714.75"}}]
[{"$f":"IF(C353=0,\"\",1+MAX(A$7:A352))","v":252},"(190mm Thick) Block Wall 'BLK1' Reinforced w/ (5.3 LM & 3150mm H)\n- 1N16 End Vert, N16 Vert  & N12-200 Horiz, Each Face, Lap 600\n- Filled w/ 25 MPa Concrete, 6mm Aggregate",{"v":16.726499999999998,"d":"16.7"},"M2",{"v":0,"d":"0%"},{"v":16.726499999999998,"d":"16.7"},{"v":85.01476,"d":"$85.01"},{"v":1421.9993831399997,"d":"$1,422.00"}]
[{"$f":"IF(C354=0,\"\",1+MAX(A$7:A353))","v":""},"Block Lintel"]
[{"$f":"IF(C355=0,\"\",1+MAX(A$7:A354))","v":253},"(190mm H) Reinforced Block Lintel",{"v":1.74,"d":"1.7"},"M",{"v":0,"d":"0%"},{"v":1.74,"d":"1.7"},{"v":51.078720000000004,"d":"$51.08"},{"v":88.8769728,"d":"$88.88"}]
[{"$f":"IF(C356=0,\"\",1+MAX(A$7:A355))","v":""},"Ground Floor"]
[{"$f":"IF(C357=0,\"\",1+MAX(A$7:A356))","v":254},"(140mm Thick) Reinforced Concrete Block Retaining Wall (4.7 LM & 100mm H )",{"v":0.467,"d":"0.5"},"M2",{"v":0,"d":"0%"},{"v":0.467,"d":"0.5"},{"v":72.47806879999999,"d":"$72.48"},{"v":33.84725812959999,"d":"$33.85"}]
[{"$f":"IF(C358=0,\"\",1+MAX(A$7:A357))","v":255},"(140mm Thick) Reinforced Concrete Block Retaining Wal (2.2 LM & 300mm H)",{"v":0.66,"d":"0.7"},"M2",{"v":0,"d":"0%"},{"v":0.66,"d":"0.7"},{"v":72.47806879999999,"d":"$72.48"},{"v":47.835525407999995,"d":"$47.84"}]
[{"$f":"IF(C359=0,\"\",1+MAX(A$7:A358))","v":256},"(140mm Thick) Reinforced Concrete Block Retaining Wall (8.8 LM & 400mm H)",{"v":3.5200000000000005,"d":"3.5"},"M2",{"v":0,"d":"0%"},{"v":3.5200000000000005,"d":"3.5"},{"v":72.47806879999999,"d":"$72.48"},{"v":255.122802176,"d":"$255.12"}]
[{"$f":"IF(C360=0,\"\",1+MAX(A$7:A359))","v":257},"(140mm Thick) Reinforced Concrete Block Retaining Wall (11.4 LM & 500mm H)",{"v":5.685,"d":"5.7"},"M2",{"v":0,"d":"0%"},{"v":5.685,"d":"5.7"},{"v":72.47806879999999,"d":"$72.48"},{"v":412.0378211279999,"d":"$412.04"}]
[{"$f":"IF(C361=0,\"\",1+MAX(A$7:A360))","v":258},"(140mm Thick) Reinforced Concrete Block Retaining Wall (7.1 LM & 600mm H)",{"v":4.2299999999999995,"d":"4.2"},"M2",{"v":0,"d":"0%"},{"v":4.2299999999999995,"d":"4.2"},{"v":72.47806879999999,"d":"$72.48"},{"v":306.5822310239999,"d":"$306.58"}]
[{"$f":"IF(C362=0,\"\",1+MAX(A$7:A361))","v":259},"(140mm Thick) Reinforced Concrete Block Retaining Wall (3.4 LM & 700mm H)",{"v":2.38,"d":"2.4"},"M2",{"v":0,"d":"0%"},{"v":2.38,"d":"2.4"},{"v":72.47806879999999,"d":"$72.48"},{"v":172.49780374399995,"d":"$172.50"}]
[{"$f":"IF(C363=0,\"\",1+MAX(A$7:A362))","v":260},"(140mm Thick) Reinforced Concrete Block Retaining Wall (10.2 LM & 1000mm H)",{"v":10.24,"d":"10.2"},"M2",{"v":0,"d":"0%"},{"v":10.24,"d":"10.2"},{"v":72.47806879999999,"d":"$72.48"},{"v":742.175424512,"d":"$742.18"}]
[{"$f":"IF(C364=0,\"\",1+MAX(A$7:A363))","v":261},"(140mm Thick) Reinforced Concrete Block Retaining Wall (8.2 LM & 1200mm H)",{"v":9.78,"d":"9.8"},"M2",{"v":0,"d":"0%"},{"v":9.78,"d":"9.8"},{"v":72.47806879999999,"d":"$72.48"},{"v":708.8355128639998,"d":"$708.84"}]
[{"$f":"IF(C365=0,\"\",1+MAX(A$7:A364))","v":262},"(140mm Thick) Reinforced Concrete Block Retaining Wall (4.5 LM & 1400mm H)",6.3,"M2",{"v":0,"d":"0%"},6.3,{"v":72.47806879999999,"d":"$72.48"},{"v":456.61183343999994,"d":"$456.61"}]
[{"$f":"IF(C366=0,\"\",1+MAX(A$7:A365))","v":263},"(140mm Thick) Reinforced Concrete Block Retaining Wall (18.5 LM & 1700mm H)",{"v":31.501,"d":"31.5"},"M2",{"v":0,"d":"0%"},{"v":31.501,"d":"31.5"},{"v":72.47806879999999,"d":"$72.48"},{"v":2283.1316452687997,"d":"$2,283.13"}]
[{"$f":"IF(C367=0,\"\",1+MAX(A$7:A366))","v":264},"(140mm Thick) Reinforced Concrete Block Retaining Wall (4.3 LM & 2000mm H)",{"v":8.56,"d":"8.6"},"M2",{"v":0,"d":"0%"},{"v":8.56,"d":"8.6"},{"v":72.47806879999999,"d":"$72.48"},{"v":620.4122689279999,"d":"$620.41"}]
["Sub Total",{"$nulls":7},{"$f":"SUM(H349:H367)","v":{"v":12658.375888822395,"d":"$12,658.38"}}]
[]
["Scaffold"]
[{"$f":"IF(C371=0,\"\",1+MAX(A$7:A370))","v":265},"Ground Floor Scaffolding",{"v":81.66,"d":"81.7"},"M",{"v":0,"d":"0%"},{"$f":"(E371*C371)+C371","v":{"v":81.66,"d":"81.7"}},{"v":44.95528,"d":"$44.96"},{"$f":"(G371)*F371","v":{"v":3671.0481648,"d":"$3,671.05"}}]
[{"$f":"IF(C372=0,\"\",1+MAX(A$7:A371))","v":266},"First Floor Scaffolding",{"v":97.28,"d":"97.3"},"M",{"v":0,"d":"0%"},{"$f":"(E372*C372)+C372","v":{"v":97.28,"d":"97.3"}},{"v":44.95528,"d":"$44.96"},{"$f":"(G372)*F372","v":{"v":4373.249638400001,"d":"$4,373.25"}}]
["Sub Total",{"$nulls":7},{"$f":"SUM(H371:H372)","v":{"v":8044.297803200001,"d":"$8,044.30"}}]
[]
["Aluminum Windows & Doors"]
[{"$f":"IF(C376=0,\"\",1+MAX(A$7:A375))","v":""},"Glazed Door"]
[{"$f":"IF(C377=0,\"\",1+MAX(A$7:A376))","v":""},"External"]
[{"$f":"IF(C378=0,\"\",1+MAX(A$7:A377))","v":267},"(2400 x 2000) Aluminium Framed Glazed Door",{"v":4,"d":"4.0"},"EA",{"v":0,"d":"0%"},{"$f":"(E378*C378)+C378","v":{"v":4,"d":"4.0"}},{"v":9955.446528,"d":"$9,955.45"},{"$f":"(G378)*F378","v":{"v":39821.786112,"d":"$39,821.79"}}]
[{"$f":"IF(C379=0,\"\",1+MAX(A$7:A378))","v":268},"(2400 x 2100) Aluminium Framed Glazed Door",{"v":1,"d":"1.0"},"EA",{"v":0,"d":"0%"},{"v":1,"d":"1.0"},{"v":10453.2188544,"d":"$10,453.22"},{"v":10453.2188544,"d":"$10,453.22"}]
[{"$f":"IF(C380=0,\"\",1+MAX(A$7:A379))","v":269},"(2400 x 2800) Aluminium Framed Glazed Door",{"v":1,"d":"1.0"},"EA",{"v":0,"d":"0%"},{"v":1,"d":"1.0"},{"v":13937.6251392,"d":"$13,937.63"},{"v":13937.6251392,"d":"$13,937.63"}]
[{"$f":"IF(C381=0,\"\",1+MAX(A$7:A380))","v":270},"(2400 x 2900) Aluminium Framed Glazed Door",{"v":1,"d":"1.0"},"EA",{"v":0,"d":"0%"},{"v":1,"d":"1.0"},{"v":14435.3974656,"d":"$14,435.40"},{"v":14435.3974656,"d":"$14,435.40"}]
[{"$f":"IF(C382=0,\"\",1+MAX(A$7:A381))","v":271},"(2400 x 3000) Aluminium Framed Glazed Door",{"v":1,"d":"1.0"},"EA",{"v":0,"d":"0%"},{"v":1,"d":"1.0"},{"v":14933.169792,"d":"$14,933.17"},{"v":14933.169792,"d":"$14,933.17"}]
[{"$f":"IF(C383=0,\"\",1+MAX(A$7:A382))","v":272},"(2400 x 3200) Aluminium Framed Glazed Door",{"v":2,"d":"2.0"},"EA",{"v":0,"d":"0%"},{"v":2,"d":"2.0"},{"v":15928.7144448,"d":"$15,928.71"},{"v":31857.4288896,"d":"$31,857.43"}]
[{"$f":"IF(C384=0,\"\",1+MAX(A$7:A383))","v":273},"(2400 x 3350) Aluminium Framed Glazed Door ",{"v":1,"d":"1.0"},"EA",{"v":0,"d":"0%"},{"v":1,"d":"1.0"},{"v":16675.3729344,"d":"$16,675.37"},{"v":16675.3729344,"d":"$16,675.37"}]
[{"$f":"IF(C385=0,\"\",1+MAX(A$7:A384))","v":274},"(2400 x 3400) Aluminium Framed Glazed Door",{"v":1,"d":"1.0"},"EA",{"v":0,"d":"0%"},{"v":1,"d":"1.0"},{"v":16924.2590976,"d":"$16,924.26"},{"v":16924.2590976,"d":"$16,924.26"}]
[{"$f":"IF(C386=0,\"\",1+MAX(A$7:A385))","v":275},"(2400 x 3500) Aluminium Framed Glazed Door",{"v":1,"d":"1.0"},"EA",{"v":0,"d":"0%"},{"v":1,"d":"1.0"},{"v":17422.031424,"d":"$17,422.03"},{"v":17422.031424,"d":"$17,422.03"}]
[{"$f":"IF(C387=0,\"\",1+MAX(A$7:A386))","v":""},"Window"]
[{"$f":"IF(C388=0,\"\",1+MAX(A$7:A387))","v":276},"(2200 x 600) Aluminium Frame Glazed Fixed Window\r\n- Glass Type: Clear Glass 'CG'",{"v":2,"d":"2.0"},"EA",{"v":0,"d":"0%"},{"v":2,"d":"2.0"},{"v":969.1279488000001,"d":"$969.13"},{"v":1938.2558976000003,"d":"$1,938.26"}]
[{"$f":"IF(C389=0,\"\",1+MAX(A$7:A388))","v":277},"(700 x 1500) Aluminium Framed Glazed Awning Window\r\n- Glass Type: Clear Glass 'CG'",{"v":5,"d":"5.0"},"EA",{"v":0,"d":"0%"},{"v":5,"d":"5.0"},{"v":770.897232,"d":"$770.90"},{"v":3854.4861600000004,"d":"$3,854.49"}]
[{"$f":"IF(C390=0,\"\",1+MAX(A$7:A389))","v":278},"(1600 x 2200) Aluminium Framed Glazed Awning & Fixed Window\r\n- Glass Type: Clear Glass 'CG'",{"v":1,"d":"1.0"},"EA",{"v":0,"d":"0%"},{"v":1,"d":"1.0"},{"v":2584.3411968000005,"d":"$2,584.34"},{"v":2584.3411968000005,"d":"$2,584.34"}]
[{"$f":"IF(C391=0,\"\",1+MAX(A$7:A390))","v":279},"(600 x 2100) Aluminium Framed Glazed Fixed Window\r\n- Glass Type: Clear Glass 'CG'",{"v":6,"d":"6.0"},"EA",{"v":0,"d":"0%"},{"v":6,"d":"6.0"},{"v":925.0766784000002,"d":"$925.08"},{"v":5550.460070400001,"d":"$5,550.46"}]
[{"$f":"IF(C392=0,\"\",1+MAX(A$7:A391))","v":280},"(700 x 1200) Aluminium Framed Glazed Awning Window\r\n- Glass Type: Clear Glass 'CG'",{"v":1,"d":"1.0"},"EA",{"v":0,"d":"0%"},{"v":1,"d":"1.0"},{"v":616.7177856000001,"d":"$616.72"},{"v":616.7177856000001,"d":"$616.72"}]
[{"$f":"IF(C393=0,\"\",1+MAX(A$7:A392))","v":281},"(1600 x 2200) Aluminium Framed Glazed Awning & Fixed Window\r\n- Glass Type: Clear Glass 'CG'\r\n- Glass Type: Obscured Glass 'OG'",{"v":1,"d":"1.0"},"EA",{"v":0,"d":"0%"},{"v":1,"d":"1.0"},{"v":2584.3411968000005,"d":"$2,584.34"},{"v":2584.3411968000005,"d":"$2,584.34"}]
[{"$f":"IF(C394=0,\"\",1+MAX(A$7:A393))","v":282},"(2100 x 2500) Aluminium Framed Glazed Awning & Fixed Window\r\n- Glass Type: Clear Glass 'CG'\r\n- Glass Type: Obscured Glass 'OG'",{"v":8,"d":"8.0"},"EA",{"v":0,"d":"0%"},{"v":8,"d":"8.0"},{"v":3854.486160000001,"d":"$3,854.49"},{"v":30835.889280000007,"d":"$30,835.89"}]
[{"$f":"IF(C395=0,\"\",1+MAX(A$7:A394))","v":283},"(600 x 2100) Aluminium Framed Glazed Fixed & Awning Window\r\n- Glass Type: Clear Glass 'CG'\r\n- Glass Type: Obscured Glass 'OG'",{"v":12,"d":"12.0"},"EA",{"v":0,"d":"0%"},{"v":12,"d":"12.0"},{"v":925.0766784000002,"d":"$925.08"},{"v":11100.920140800003,"d":"$11,100.92"}]
[{"$f":"IF(C396=0,\"\",1+MAX(A$7:A395))","v":284},"(700 x 800) Aluminium Framed Glazed Awning Window\r\n- Glass Type: Clear Glass 'CG'",{"v":3,"d":"3.0"},"EA",{"v":0,"d":"0%"},{"v":3,"d":"3.0"},{"v":411.14519040000005,"d":"$411.15"},{"v":1233.4355712000001,"d":"$1,233.44"}]
[{"$f":"IF(C397=0,\"\",1+MAX(A$7:A396))","v":285},"(600 x 2100) Aluminium Framed Glazed Fixed & Awning Window\r\n- Glass Type: Clear Glass 'CG'",{"v":2,"d":"2.0"},"EA",{"v":0,"d":"0%"},{"v":2,"d":"2.0"},{"v":925.0766784000002,"d":"$925.08"},{"v":1850.1533568000004,"d":"$1,850.15"}]
["Sub Total",{"$nulls":7},{"$f":"SUM(H376:H397)","v":{"v":238609.2903648,"d":"$238,609.29"}}]
[]
["Roofing (Metal/Tiles)"]
[{"$f":"IF(C401=0,\"\",1+MAX(A$7:A400))","v":""},"Roofing"]
[{"$f":"IF(C402=0,\"\",1+MAX(A$7:A401))","v":""},"Roof Covering "]
[{"$f":"IF(C403=0,\"\",1+MAX(A$7:A402))","v":286},"Lower Metal Roof Covering",8.6,"M2",{"v":0,"d":"0%"},{"$f":"(E403*C403)+C403","v":8.6},{"v":74.94555199999999,"d":"$74.95"},{"$f":"(G403)*F403","v":{"v":644.5317471999999,"d":"$644.53"}}]
[{"$f":"IF(C404=0,\"\",1+MAX(A$7:A403))","v":287},"Upper Metal Roof Covering",{"v":260.71,"d":"260.7"},"M2",{"v":0,"d":"0%"},{"v":260.71,"d":"260.7"},{"v":74.94555199999999,"d":"$74.95"},{"v":19539.054861919998,"d":"$19,539.05"}]
[{"$f":"IF(C405=0,\"\",1+MAX(A$7:A404))","v":""},"Capping & Flashing"]
[{"$f":"IF(C406=0,\"\",1+MAX(A$7:A405))","v":288},"Parapet Capping",{"v":130.62,"d":"130.6"},"M",{"v":0,"d":"0%"},{"v":130.62,"d":"130.6"},{"v":22.1011648,"d":"$22.10"},{"v":2886.854146176,"d":"$2,886.85"}]
[{"$f":"IF(C407=0,\"\",1+MAX(A$7:A406))","v":289},"Apron Flashing",{"v":15.61,"d":"15.6"},"M",{"v":0,"d":"0%"},{"v":15.61,"d":"15.6"},{"v":23.324399999999997,"d":"$23.32"},{"v":364.09388399999995,"d":"$364.09"}]
[{"$f":"IF(C408=0,\"\",1+MAX(A$7:A407))","v":290},"Parapet Flashing",{"v":103.03,"d":"103.0"},"M",{"v":0,"d":"0%"},{"v":103.03,"d":"103.0"},{"v":21.25112,"d":"$21.25"},{"v":2189.5028936,"d":"$2,189.50"}]
[{"$f":"IF(C409=0,\"\",1+MAX(A$7:A408))","v":291},"Z Flashing",{"v":51.06,"d":"51.1"},"M",{"v":0,"d":"0%"},{"v":51.06,"d":"51.1"},{"v":24.609833599999998,"d":"$24.61"},{"v":1256.578103616,"d":"$1,256.58"}]
[{"$f":"IF(C410=0,\"\",1+MAX(A$7:A409))","v":292},"Barge Flashing",{"v":3.22,"d":"3.2"},"M",{"v":0,"d":"0%"},{"v":3.22,"d":"3.2"},{"v":23.925651199999997,"d":"$23.93"},{"v":77.040596864,"d":"$77.04"}]
[{"$f":"IF(C411=0,\"\",1+MAX(A$7:A410))","v":293},"Skylight Flashing",{"v":3.56,"d":"3.6"},"M",{"v":0,"d":"0%"},{"v":3.56,"d":"3.6"},{"v":25.6257408,"d":"$25.63"},{"v":91.227637248,"d":"$91.23"}]
[{"$f":"IF(C412=0,\"\",1+MAX(A$7:A411))","v":""},"Box Gutter "]
[{"$f":"IF(C413=0,\"\",1+MAX(A$7:A412))","v":294},"(150mm Wide) Box Gutter ",{"v":51.06,"d":"51.1"},"M",{"v":0,"d":"0%"},{"v":51.06,"d":"51.1"},{"v":29.081792,"d":"$29.08"},{"v":1484.9162995200002,"d":"$1,484.92"}]
[{"$f":"IF(C414=0,\"\",1+MAX(A$7:A413))","v":""},"Rain Water Head"]
[{"$f":"IF(C415=0,\"\",1+MAX(A$7:A414))","v":295},"Rain Water Head",{"v":5,"d":"5.0"},"EA",{"v":0,"d":"0%"},{"v":5,"d":"5.0"},{"v":297.423184,"d":"$297.42"},{"v":1487.11592,"d":"$1,487.12"}]
[{"$f":"IF(C416=0,\"\",1+MAX(A$7:A415))","v":""},"Eave Gutter"]
[{"$f":"IF(C417=0,\"\",1+MAX(A$7:A416))","v":296},"Eave Gutter & Fascia",{"v":4.81,"d":"4.8"},"M",{"v":0,"d":"0%"},{"v":4.81,"d":"4.8"},{"v":29.491792,"d":"$29.49"},{"v":141.85551952,"d":"$141.86"}]
[{"$f":"IF(C418=0,\"\",1+MAX(A$7:A417))","v":""},"Downpipe"]
[{"$f":"IF(C419=0,\"\",1+MAX(A$7:A418))","v":297},"(100mm.Dia) Lower Roof Downpipe",{"v":6,"d":"6.0"},"EA",{"v":0,"d":"0%"},{"v":6,"d":"6.0"},{"v":60.06223872,"d":"$60.06"},{"v":360.37343232,"d":"$360.37"}]
[{"$f":"IF(C420=0,\"\",1+MAX(A$7:A419))","v":298},"(100mm.Dia) Upper Roof Down Pipe ",{"v":9,"d":"9.0"},"EA",{"v":0,"d":"0%"},{"v":9,"d":"9.0"},{"v":61.09024,"d":"$61.09"},{"v":549.8121600000001,"d":"$549.81"}]
["Sub Total",{"$nulls":7},{"$f":"SUM(H401:H420)","v":{"v":31072.957201984,"d":"$31,072.96"}}]
[]
["Solar Panel"]
[{"$f":"IF(C424=0,\"\",1+MAX(A$7:A423))","v":""},"Solar Panels"]
[{"$f":"IF(C425=0,\"\",1+MAX(A$7:A424))","v":299},"(1950 x 1200) Solar Panel",{"v":8,"d":"8.0"},"EA",{"v":0,"d":"0%"},{"$f":"(E425*C425)+C425","v":{"v":8,"d":"8.0"}},{"v":465.18304,"d":"$465.18"},{"$f":"(G425)*F425","v":{"v":3721.46432,"d":"$3,721.46"}}]
["Sub Total",{"$nulls":7},{"$f":"SUM(H424:H425)","v":{"v":3721.46432,"d":"$3,721.46"}}]
[]
["Skylights"]
[{"$f":"IF(C429=0,\"\",1+MAX(A$7:A428))","v":300},"(900 x 900) Skylight",{"v":1,"d":"1.0"},"EA",{"v":0,"d":"0%"},{"$f":"(E429*C429)+C429","v":{"v":1,"d":"1.0"}},{"v":556.4907360000001,"d":"$556.49"},{"$f":"(G429)*F429","v":{"v":556.4907360000001,"d":"$556.49"}}]
["Sub Total",{"$nulls":7},{"$f":"SUM(H429)","v":{"v":556.4907360000001,"d":"$556.49"}}]
[]
["Cladding"]
[{"$f":"IF(C433=0,\"\",1+MAX(A$7:A432))","v":""},"External Cladding"]
[{"$f":"IF(C434=0,\"\",1+MAX(A$7:A433))","v":301},"Foam Cladding",222.5,"M2",{"v":0,"d":"0%"},{"$f":"(E434*C434)+C434","v":222.5},{"v":33.060159999999996,"d":"$33.06"},{"$f":"(G434)*F434","v":{"v":7355.8856,"d":"$7,355.89"}}]
[{"$f":"IF(C435=0,\"\",1+MAX(A$7:A434))","v":302},"Horizontal Timber Wall Cladding or Similar",117.8,"M2",{"v":0,"d":"0%"},{"$f":"(E435*C435)+C435","v":117.8},{"v":47.861760000000004,"d":"$47.86"},{"$f":"(G435)*F435","v":{"v":5638.115328000001,"d":"$5,638.12"}}]
[{"$f":"IF(C436=0,\"\",1+MAX(A$7:A435))","v":303},"Black Metal Wall Sheet Cladding or Similar",81.6,"M2",{"v":0,"d":"0%"},81.6,{"v":55.03136,"d":"$55.03"},{"v":4490.558975999999,"d":"$4,490.56"}]
["Sub Total",{"$nulls":7},{"$f":"SUM(H433:H436)","v":{"v":17484.559904,"d":"$17,484.56"}}]
[]
["Render"]
[{"$f":"IF(C440=0,\"\",1+MAX(A$7:A439))","v":""},"Render"]
[{"$f":"IF(C441=0,\"\",1+MAX(A$7:A440))","v":304},"White Render or Similar\r\n- Substrate: Foam Cladding",208.1,"M2",{"v":0,"d":"0%"},{"$f":"(E441*C441)+C441","v":208.1},{"v":36.020160000000004,"d":"$36.02"},{"$f":"(G441)*F441","v":{"v":7495.795296,"d":"$7,495.80"}}]
[{"$f":"IF(C442=0,\"\",1+MAX(A$7:A441))","v":305},"White Render or Similar\r\n- Substrate: Block Wall",{"v":22.02,"d":"22.0"},"M2",{"v":0,"d":"0%"},{"$f":"(E442*C442)+C442","v":{"v":22.02,"d":"22.0"}},{"v":36.020160000000004,"d":"$36.02"},{"$f":"(G442)*F442","v":{"v":793.1639232000001,"d":"$793.16"}}]
["Sub Total",{"$nulls":7},{"$f":"SUM(H440:H442)","v":{"v":8288.9592192,"d":"$8,288.96"}}]
[]
["Plasterboard "]
[{"$f":"IF(C446=0,\"\",1+MAX(A$7:A445))","v":""},"Walls"]
[{"$f":"IF(C447=0,\"\",1+MAX(A$7:A446))","v":""},"Basement"]
[{"$f":"IF(C448=0,\"\",1+MAX(A$7:A447))","v":306},"10mm Plasterboard Wall Lining w/ Furring Channel",354.3,"M2",{"v":0,"d":"0%"},{"$f":"(E448*C448)+C448","v":354.3},{"v":21.53354621893004,"d":"$21.53"},{"$f":"(G448)*F448","v":{"v":7629.335425366914,"d":"$7,629.34"}}]
[{"$f":"IF(C449=0,\"\",1+MAX(A$7:A448))","v":""},"Ground Floor"]
[{"$f":"IF(C450=0,\"\",1+MAX(A$7:A449))","v":307},"10mm Plasterboard Wall Lining ",{"v":702,"d":"702.0"},"M2",{"v":0,"d":"0%"},{"$f":"(E450*C450)+C450","v":{"v":702,"d":"702.0"}},{"v":21.53354621893004,"d":"$21.53"},{"$f":"(G450)*F450","v":{"v":15116.549445688888,"d":"$15,116.55"}}]
[{"$f":"IF(C451=0,\"\",1+MAX(A$7:A450))","v":308},"10mm Moisture Resistant Plasterboard Wall Lining ",{"v":208,"d":"208.0"},"M2",{"v":0,"d":"0%"},{"v":208,"d":"208.0"},{"v":23.45069840329218,"d":"$23.45"},{"v":4877.745267884773,"d":"$4,877.75"}]
[{"$f":"IF(C452=0,\"\",1+MAX(A$7:A451))","v":""},"First Floor"]
[{"$f":"IF(C453=0,\"\",1+MAX(A$7:A452))","v":309},"10mm Plasterboard Wall Lining ",{"v":702,"d":"702.0"},"M2",{"v":0,"d":"0%"},{"v":702,"d":"702.0"},{"v":21.53354621893004,"d":"$21.53"},{"v":15116.549445688888,"d":"$15,116.55"}]
[{"$f":"IF(C454=0,\"\",1+MAX(A$7:A453))","v":310},"10mm Moisture Resistant Plasterboard Wall Lining ",{"v":200,"d":"200.0"},"M2",{"v":0,"d":"0%"},{"v":200,"d":"200.0"},{"v":23.45069840329218,"d":"$23.45"},{"v":4690.139680658436,"d":"$4,690.14"}]
[{"$f":"IF(C455=0,\"\",1+MAX(A$7:A454))","v":""},"Ceiling"]
[{"$f":"IF(C456=0,\"\",1+MAX(A$7:A455))","v":""},"Basement"]
[{"$f":"IF(C457=0,\"\",1+MAX(A$7:A456))","v":""},"Internal Lining"]
[{"$f":"IF(C458=0,\"\",1+MAX(A$7:A457))","v":311},"10mm Plasterboard Ceiling Lining",{"v":323.76,"d":"323.8"},"M2",{"v":0,"d":"0%"},{"$f":"(E458*C458)+C458","v":{"v":323.76,"d":"323.8"}},{"v":21.53354621893004,"d":"$21.53"},{"$f":"(G458)*F458","v":{"v":6971.70092384079,"d":"$6,971.70"}}]
[{"$f":"IF(C459=0,\"\",1+MAX(A$7:A458))","v":""},"External Lining"]
[{"$f":"IF(C460=0,\"\",1+MAX(A$7:A459))","v":312},"External Soffit Lining",{"v":5.35,"d":"5.4"},"M2",{"v":0,"d":"0%"},{"v":5.35,"d":"5.4"},{"v":20.027916668312756,"d":"$20.03"},{"v":107.14935417547323,"d":"$107.15"}]
[{"$f":"IF(C461=0,\"\",1+MAX(A$7:A460))","v":""},"Cornice"]
[{"$f":"IF(C462=0,\"\",1+MAX(A$7:A461))","v":313},"Cornice",{"v":111.11,"d":"111.1"},"M",{"v":0,"d":"0%"},{"v":111.11,"d":"111.1"},{"v":17.507017142857144,"d":"$17.51"},{"v":1945.2046747428574,"d":"$1,945.20"}]
[{"$f":"IF(C463=0,\"\",1+MAX(A$7:A462))","v":""},"Ground Floor"]
[{"$f":"IF(C464=0,\"\",1+MAX(A$7:A463))","v":""},"Internal Lining"]
[{"$f":"IF(C465=0,\"\",1+MAX(A$7:A464))","v":314},"10mm Plasterboard Ceiling Lining",{"v":216.22,"d":"216.2"},"M2",{"v":0,"d":"0%"},{"v":216.22,"d":"216.2"},{"v":21.53354621893004,"d":"$21.53"},{"v":4655.983363457053,"d":"$4,655.98"}]
[{"$f":"IF(C466=0,\"\",1+MAX(A$7:A465))","v":315},"10mm Moisture Resistant Plasterboard Ceiling Lining",{"v":28.53,"d":"28.5"},"M2",{"v":0,"d":"0%"},{"v":28.53,"d":"28.5"},{"v":23.45069840329218,"d":"$23.45"},{"v":669.0484254459259,"d":"$669.05"}]
[{"$f":"IF(C467=0,\"\",1+MAX(A$7:A466))","v":""},"External Lining"]
[{"$f":"IF(C468=0,\"\",1+MAX(A$7:A467))","v":316},"External Soffit Lining",{"v":6.22,"d":"6.2"},"M2",{"v":0,"d":"0%"},{"v":6.22,"d":"6.2"},{"v":20.027916668312756,"d":"$20.03"},{"v":124.57364167690534,"d":"$124.57"}]
[{"$f":"IF(C469=0,\"\",1+MAX(A$7:A468))","v":""},"Cornice"]
[{"$f":"IF(C470=0,\"\",1+MAX(A$7:A469))","v":317},"Cornice",{"v":294.24,"d":"294.2"},"M",{"v":0,"d":"0%"},{"v":294.24,"d":"294.2"},{"v":17.507017142857144,"d":"$17.51"},{"v":5151.264724114286,"d":"$5,151.26"}]
[{"$f":"IF(C471=0,\"\",1+MAX(A$7:A470))","v":""},"First Floor"]
[{"$f":"IF(C472=0,\"\",1+MAX(A$7:A471))","v":""},"Internal Lining"]
[{"$f":"IF(C473=0,\"\",1+MAX(A$7:A472))","v":318},"10mm Plasterboard Ceiling Lining",{"v":208.87,"d":"208.9"},"M2",{"v":0,"d":"0%"},{"v":208.87,"d":"208.9"},{"v":21.53354621893004,"d":"$21.53"},{"v":4497.711798747918,"d":"$4,497.71"}]
[{"$f":"IF(C474=0,\"\",1+MAX(A$7:A473))","v":319},"10mm Moisture Resistant Plasterboard Ceiling Lining",{"v":33.62,"d":"33.6"},"M2",{"v":0,"d":"0%"},{"v":33.62,"d":"33.6"},{"v":23.45069840329218,"d":"$23.45"},{"v":788.412480318683,"d":"$788.41"}]
[{"$f":"IF(C475=0,\"\",1+MAX(A$7:A474))","v":""},"External Lining"]
[{"$f":"IF(C476=0,\"\",1+MAX(A$7:A475))","v":320},"External Soffit Lining",{"v":4.49,"d":"4.5"},"M2",{"v":0,"d":"0%"},{"$f":"(E476*C476)+C476","v":{"v":4.49,"d":"4.5"}},{"v":20.027916668312756,"d":"$20.03"},{"$f":"(G476)*F476","v":{"v":89.92534584072428,"d":"$89.93"}}]
[{"$f":"IF(C477=0,\"\",1+MAX(A$7:A476))","v":""},"Cornice"]
[{"$f":"IF(C478=0,\"\",1+MAX(A$7:A477))","v":321},"Cornice",{"v":353.22,"d":"353.2"},"M",{"v":0,"d":"0%"},{"v":353.22,"d":"353.2"},{"v":17.507017142857144,"d":"$17.51"},{"$f":"(G478)*F478","v":{"v":6183.828595200001,"d":"$6,183.83"}}]
["Sub Total",{"$nulls":7},{"$f":"SUM(H446:H478)","v":{"v":78615.12259284851,"d":"$78,615.12"}}]
[]
["External Balustrades"]
[{"$f":"IF(C482=0,\"\",1+MAX(A$7:A481))","v":322},"Internal Stair Handrail",{"v":40.91,"d":"40.9"},"M",{"v":0,"d":"0%"},{"$f":"(E482*C482)+C482","v":{"v":40.91,"d":"40.9"}},{"v":203.76015999999998,"d":"$203.76"},{"$f":"(G482)*F482","v":{"v":8335.828145599999,"d":"$8,335.83"}}]
[{"$f":"IF(C483=0,\"\",1+MAX(A$7:A482))","v":323},"(1000mm H) Internal Stair Balustrade",{"v":12.07,"d":"12.1"},"M",{"v":0,"d":"0%"},{"$f":"(E483*C483)+C483","v":{"v":12.07,"d":"12.1"}},{"v":349.6576,"d":"$349.66"},{"$f":"(G483)*F483","v":{"v":4220.3672320000005,"d":"$4,220.37"}}]
[{"$f":"IF(C484=0,\"\",1+MAX(A$7:A483))","v":324},"(1000mm H) External Balcony Glass Balustrade",{"v":4.25,"d":"4.3"},"M",{"v":0,"d":"0%"},{"v":4.25,"d":"4.3"},{"v":349.6576,"d":"$349.66"},{"v":1486.0448000000001,"d":"$1,486.04"}]
[{"$f":"IF(C485=0,\"\",1+MAX(A$7:A484))","v":325},"(1700mm H) External Balcony Glass Balustrade\r\n- Glass Type: Obscured Glass 'OG'",{"v":8.71,"d":"8.7"},"M",{"v":0,"d":"0%"},{"v":8.71,"d":"8.7"},{"v":364.47360000000003,"d":"$364.47"},{"v":3174.565056000001,"d":"$3,174.57"}]
["Sub Total",{"$nulls":7},{"$f":"SUM(H482:H485)","v":{"v":17216.8052336,"d":"$17,216.81"}}]
[]
["Sundry Metalwork (e.g. Garage Door)"]
[{"$f":"IF(C489=0,\"\",1+MAX(A$7:A488))","v":""},"Garage Door"]
[{"$f":"IF(C490=0,\"\",1+MAX(A$7:A489))","v":326},"(2250 x 3500) Panel Lift Garage Door",{"v":1,"d":"1.0"},"EA",{"v":0,"d":"0%"},{"$f":"(E490*C490)+C490","v":{"v":1,"d":"1.0"}},{"v":5577.4151999999995,"d":"$5,577.42"},{"$f":"(G490)*F490","v":{"v":5577.4151999999995,"d":"$5,577.42"}}]
["Sub Total",{"$nulls":7},{"$f":"SUM(H489:H490)","v":{"v":5577.4151999999995,"d":"$5,577.42"}}]
[]
["Door & Hardware Supply & Install"]
[{"$f":"IF(C494=0,\"\",1+MAX(A$7:A493))","v":""},"Timber Doors"]
[{"$f":"IF(C495=0,\"\",1+MAX(A$7:A494))","v":""},"External Doors"]
[{"$f":"IF(C496=0,\"\",1+MAX(A$7:A495))","v":327},"(2400 x 920) External Single Timber Door",{"v":7,"d":"7.0"},"EA",{"v":0,"d":"0%"},{"$f":"(E496*C496)+C496","v":{"v":7,"d":"7.0"}},{"v":1254.18674688,"d":"$1,254.19"},{"$f":"(G496)*F496","v":{"v":8779.30722816,"d":"$8,779.31"}}]
[{"$f":"IF(C497=0,\"\",1+MAX(A$7:A496))","v":""},"Internal Door"]
[{"$f":"IF(C498=0,\"\",1+MAX(A$7:A497))","v":328},"(2400 x 1020) Internal Single Timber Door",{"v":1,"d":"1.0"},"EA",{"v":0,"d":"0%"},{"$f":"(E498*C498)+C498","v":{"v":1,"d":"1.0"}},{"v":1390.51139328,"d":"$1,390.51"},{"$f":"(G498)*F498","v":{"v":1390.51139328,"d":"$1,390.51"}}]
[{"$f":"IF(C499=0,\"\",1+MAX(A$7:A498))","v":329},"(2400 x 1180) Internal Double Timber Door",{"v":1,"d":"1.0"},"EA",{"v":0,"d":"0%"},{"v":1,"d":"1.0"},{"v":1608.63082752,"d":"$1,608.63"},{"v":1608.63082752,"d":"$1,608.63"}]
[{"$f":"IF(C500=0,\"\",1+MAX(A$7:A499))","v":330},"(2400 x 1440) Internal Double Timber Door",{"v":1,"d":"1.0"},"EA",{"v":0,"d":"0%"},{"v":1,"d":"1.0"},{"v":1963.07490816,"d":"$1,963.07"},{"v":1963.07490816,"d":"$1,963.07"}]
[{"$f":"IF(C501=0,\"\",1+MAX(A$7:A500))","v":331},"(2400 x 720) Internal Single Timber Door",{"v":7,"d":"7.0"},"EA",{"v":0,"d":"0%"},{"v":7,"d":"7.0"},{"v":981.53745408,"d":"$981.54"},{"v":6870.7621785599995,"d":"$6,870.76"}]
[{"$f":"IF(C502=0,\"\",1+MAX(A$7:A501))","v":332},"(2400 x 820) Internal Single Cavity Timber Door",{"v":6,"d":"6.0"},"EA",{"v":0,"d":"0%"},{"v":6,"d":"6.0"},{"v":1117.86210048,"d":"$1,117.86"},{"v":6707.17260288,"d":"$6,707.17"}]
[{"$f":"IF(C503=0,\"\",1+MAX(A$7:A502))","v":333},"(2400 x 820) Internal Single Timber Door",{"v":24,"d":"24.0"},"EA",{"v":0,"d":"0%"},{"v":24,"d":"24.0"},{"v":1117.86210048,"d":"$1,117.86"},{"v":26828.69041152,"d":"$26,828.69"}]
[{"$f":"IF(C504=0,\"\",1+MAX(A$7:A503))","v":334},"(2400 x (3)500) Joinery Door",{"v":27,"d":"27.0"},"EA",{"v":0,"d":"0%"},{"v":27,"d":"27.0"},{"v":1363.246464,"d":"$1,363.25"},{"v":36807.654528,"d":"$36,807.65"}]
[{"$f":"IF(C505=0,\"\",1+MAX(A$7:A504))","v":335},"(2400 x (3)400) Joinery Door",{"v":1,"d":"1.0"},"EA",{"v":0,"d":"0%"},{"v":1,"d":"1.0"},{"v":1635.8957568,"d":"$1,635.90"},{"v":1635.8957568,"d":"$1,635.90"}]
[{"$f":"IF(C506=0,\"\",1+MAX(A$7:A505))","v":336},"(2400 x (3)900) Joinery Door",{"v":2,"d":"2.0"},"EA",{"v":0,"d":"0%"},{"v":2,"d":"2.0"},{"v":3680.7654528000003,"d":"$3,680.77"},{"v":7361.530905600001,"d":"$7,361.53"}]
[{"$f":"IF(C507=0,\"\",1+MAX(A$7:A506))","v":337},"(2400 x (3)800) Joinery Door",{"v":3,"d":"3.0"},"EA",{"v":0,"d":"0%"},{"v":3,"d":"3.0"},{"v":3271.7915136,"d":"$3,271.79"},{"v":9815.3745408,"d":"$9,815.37"}]
[{"$f":"IF(C508=0,\"\",1+MAX(A$7:A507))","v":""},"Door Hardware"]
[{"$f":"IF(C509=0,\"\",1+MAX(A$7:A508))","v":""},"External Doors"]
[{"$f":"IF(C510=0,\"\",1+MAX(A$7:A509))","v":338},"External Single Timber Door Hardware",{"v":7,"d":"7.0"},"EA",{"v":0,"d":"0%"},{"v":7,"d":"7.0"},{"v":762.33878528,"d":"$762.34"},{"v":5336.3714969600005,"d":"$5,336.37"}]
[{"$f":"IF(C511=0,\"\",1+MAX(A$7:A510))","v":""},"Internal Door"]
[{"$f":"IF(C512=0,\"\",1+MAX(A$7:A511))","v":339},"Internal Single Timber Door Hardware",{"v":32,"d":"32.0"},"EA",{"v":0,"d":"0%"},{"v":32,"d":"32.0"},{"v":603.92547328,"d":"$603.93"},{"v":19325.61514496,"d":"$19,325.62"}]
[{"$f":"IF(C513=0,\"\",1+MAX(A$7:A512))","v":340},"Internal Double Timber Door Hardware",{"v":2,"d":"2.0"},"EA",{"v":0,"d":"0%"},{"v":2,"d":"2.0"},{"v":769.07977728,"d":"$769.08"},{"v":1538.15955456,"d":"$1,538.16"}]
[{"$f":"IF(C514=0,\"\",1+MAX(A$7:A513))","v":341},"Internal Single Cavity Timber Door Hardware",{"v":6,"d":"6.0"},"EA",{"v":0,"d":"0%"},{"v":6,"d":"6.0"},{"v":640.78184704,"d":"$640.78"},{"v":3844.69108224,"d":"$3,844.69"}]
[{"$f":"IF(C515=0,\"\",1+MAX(A$7:A514))","v":342},"Joinery Door Hardware",{"v":33,"d":"33.0"},"EA",{"v":0,"d":"0%"},{"v":33,"d":"33.0"},{"v":550.30088192,"d":"$550.30"},{"v":18159.929103360002,"d":"$18,159.93"}]
["Sub Total",{"$nulls":7},{"$f":"SUM(H494:H515)","v":{"v":157973.37166335998,"d":"$157,973.37"}}]
[]
["Carpentry Fitout"]
[{"$f":"IF(C519=0,\"\",1+MAX(A$7:A518))","v":""},"Timber Skirting"]
[{"$f":"IF(C520=0,\"\",1+MAX(A$7:A519))","v":""},"Ground Floor"]
[{"$f":"IF(C521=0,\"\",1+MAX(A$7:A520))","v":343},"Timber Skirting",{"v":165.95,"d":"166.0"},"M",{"v":0,"d":"0%"},{"$f":"(E521*C521)+C521","v":{"v":165.95,"d":"166.0"}},{"v":16.422303999999997,"d":"$16.42"},{"$f":"(G521)*F521","v":{"v":2725.2813487999993,"d":"$2,725.28"}}]
[{"$f":"IF(C522=0,\"\",1+MAX(A$7:A521))","v":""},"First Floor"]
[{"$f":"IF(C523=0,\"\",1+MAX(A$7:A522))","v":344},"Timber Skirting",{"v":198.61,"d":"198.6"},"M",{"v":0,"d":"0%"},{"$f":"(E523*C523)+C523","v":{"v":198.61,"d":"198.6"}},{"v":16.422303999999997,"d":"$16.42"},{"$f":"(G523)*F523","v":{"v":3261.6337974399994,"d":"$3,261.63"}}]
[{"$f":"IF(C524=0,\"\",1+MAX(A$7:A523))","v":""},"Architraves"]
[{"$f":"IF(C525=0,\"\",1+MAX(A$7:A524))","v":345},"Door Architraves",{"v":589,"d":"589.0"},"M",{"v":0,"d":"0%"},{"$f":"(E525*C525)+C525","v":{"v":589,"d":"589.0"}},{"v":16.816000000000003,"d":"$16.82"},{"$f":"(G525)*F525","v":{"v":9904.624000000002,"d":"$9,904.62"}}]
[{"$f":"IF(C526=0,\"\",1+MAX(A$7:A525))","v":346},"Window Architraves",{"v":243,"d":"243.0"},"M",{"v":0,"d":"0%"},{"v":243,"d":"243.0"},{"v":19.10976,"d":"$19.11"},{"v":4643.67168,"d":"$4,643.67"}]
["Sub Total",{"$nulls":7},{"$f":"SUM(H519:H526)","v":{"v":20535.21082624,"d":"$20,535.21"}}]
[]
["Waterproofing"]
[{"$f":"IF(C530=0,\"\",1+MAX(A$7:A529))","v":""},"Floor"]
[{"$f":"IF(C531=0,\"\",1+MAX(A$7:A530))","v":""},"Ground Floor"]
[{"$f":"IF(C532=0,\"\",1+MAX(A$7:A531))","v":347},"Wet Area Floor Waterproofing",{"v":29.12,"d":"29.1"},"M2",{"v":0,"d":"0%"},{"$f":"(E532*C532)+C532","v":{"v":29.12,"d":"29.1"}},{"v":11.650928,"d":"$11.65"},{"$f":"(G532)*F532","v":{"v":339.27502336000003,"d":"$339.28"}}]
[{"$f":"IF(C533=0,\"\",1+MAX(A$7:A532))","v":""},"First Floor"]
[{"$f":"IF(C534=0,\"\",1+MAX(A$7:A533))","v":348},"Wet Area Floor Waterproofing",{"v":34.22,"d":"34.2"},"M2",{"v":0,"d":"0%"},{"$f":"(E534*C534)+C534","v":{"v":34.22,"d":"34.2"}},{"v":11.650928,"d":"$11.65"},{"$f":"(G534)*F534","v":{"v":398.69475616,"d":"$398.69"}}]
[{"$f":"IF(C535=0,\"\",1+MAX(A$7:A534))","v":349},"External Floor Waterproofing",{"v":22.12,"d":"22.1"},"M2",{"v":0,"d":"0%"},{"v":22.12,"d":"22.1"},{"v":11.650928,"d":"$11.65"},{"v":257.71852736,"d":"$257.72"}]
[{"$f":"IF(C536=0,\"\",1+MAX(A$7:A535))","v":""},"Wall"]
[{"$f":"IF(C537=0,\"\",1+MAX(A$7:A536))","v":""},"Ground Floor"]
[{"$f":"IF(C538=0,\"\",1+MAX(A$7:A537))","v":350},"Wet Area Wall Waterproofing",{"v":30.11,"d":"30.1"},"M2",{"v":0,"d":"0%"},{"$f":"(E538*C538)+C538","v":{"v":30.11,"d":"30.1"}},{"v":11.650928,"d":"$11.65"},{"$f":"(G538)*F538","v":{"v":350.80944208,"d":"$350.81"}}]
[{"$f":"IF(C539=0,\"\",1+MAX(A$7:A538))","v":""},"First Floor"]
[{"$f":"IF(C540=0,\"\",1+MAX(A$7:A539))","v":351},"Wet Area Wall Waterproofing",{"v":48.31,"d":"48.3"},"M2",{"v":0,"d":"0%"},{"$f":"(E540*C540)+C540","v":{"v":48.31,"d":"48.3"}},{"v":11.650928,"d":"$11.65"},{"$f":"(G540)*F540","v":{"v":562.85633168,"d":"$562.86"}}]
["Sub Total",{"$nulls":7},{"$f":"SUM(H530:H540)","v":{"v":1909.3540806400001,"d":"$1,909.35"}}]
[]
["Tiling (Supply & Install)"]
[{"$f":"IF(C544=0,\"\",1+MAX(A$7:A543))","v":""},"Floor"]
[{"$f":"IF(C545=0,\"\",1+MAX(A$7:A544))","v":""},"Ground Floor"]
[{"$f":"IF(C546=0,\"\",1+MAX(A$7:A545))","v":352},"Wet Area Tile Flooring",{"v":29.12,"d":"29.1"},"M2",{"v":0,"d":"0%"},{"$f":"(E546*C546)+C546","v":{"v":29.12,"d":"29.1"}},{"v":151.487888,"d":"$151.49"},{"$f":"(G546)*F546","v":{"v":4411.32729856,"d":"$4,411.33"}}]
[{"$f":"IF(C547=0,\"\",1+MAX(A$7:A546))","v":""},"First Floor"]
[{"$f":"IF(C548=0,\"\",1+MAX(A$7:A547))","v":353},"Wet Area Tile Flooring",{"v":34.22,"d":"34.2"},"M2",{"v":0,"d":"0%"},{"$f":"(E548*C548)+C548","v":{"v":34.22,"d":"34.2"}},{"v":151.487888,"d":"$151.49"},{"$f":"(G548)*F548","v":{"v":5183.91552736,"d":"$5,183.92"}}]
[{"$f":"IF(C549=0,\"\",1+MAX(A$7:A548))","v":354},"External Tile Flooring",{"v":22.12,"d":"22.1"},"M2",{"v":0,"d":"0%"},{"v":22.12,"d":"22.1"},{"v":151.487888,"d":"$151.49"},{"v":3350.9120825600003,"d":"$3,350.91"}]
[{"$f":"IF(C550=0,\"\",1+MAX(A$7:A549))","v":""},"Skirting"]
[{"$f":"IF(C551=0,\"\",1+MAX(A$7:A550))","v":""},"Ground Floor"]
[{"$f":"IF(C552=0,\"\",1+MAX(A$7:A551))","v":355},"Wet Area Tile Skirting",{"v":47.53,"d":"47.5"},"M",{"v":0,"d":"0%"},{"v":47.53,"d":"47.5"},{"v":64.87708799999999,"d":"$64.88"},{"v":3083.6079926399993,"d":"$3,083.61"}]
[{"$f":"IF(C553=0,\"\",1+MAX(A$7:A552))","v":""},"First Floor"]
[{"$f":"IF(C554=0,\"\",1+MAX(A$7:A553))","v":356},"Wet Area Tile Skirting",{"v":42.33,"d":"42.3"},"M",{"v":0,"d":"0%"},{"v":42.33,"d":"42.3"},{"v":64.87708799999999,"d":"$64.88"},{"v":2746.247135039999,"d":"$2,746.25"}]
[{"$f":"IF(C555=0,\"\",1+MAX(A$7:A554))","v":""},"Wall"]
[{"$f":"IF(C556=0,\"\",1+MAX(A$7:A555))","v":""},"Ground Floor"]
[{"$f":"IF(C557=0,\"\",1+MAX(A$7:A556))","v":357},"Wet Area Full Height Wall Tile",{"v":30.11,"d":"30.1"},"M2",{"v":0,"d":"0%"},{"v":30.11,"d":"30.1"},{"v":151.487888,"d":"$151.49"},{"v":4561.30030768,"d":"$4,561.30"}]
[{"$f":"IF(C558=0,\"\",1+MAX(A$7:A557))","v":""},"First Floor"]
[{"$f":"IF(C559=0,\"\",1+MAX(A$7:A558))","v":358},"Wet Area Full Height Wall Tile",{"v":48.31,"d":"48.3"},"M2",{"v":0,"d":"0%"},{"v":48.31,"d":"48.3"},{"v":151.487888,"d":"$151.49"},{"v":7318.37986928,"d":"$7,318.38"}]
["Sub Total",{"$nulls":7},{"$f":"SUM(H544:H559)","v":{"v":30655.69021312,"d":"$30,655.69"}}]
[]
["Flooring"]
[{"$f":"IF(C563=0,\"\",1+MAX(A$7:A562))","v":""},"Concrete"]
[{"$f":"IF(C564=0,\"\",1+MAX(A$7:A563))","v":""},"Basement"]
[{"$f":"IF(C565=0,\"\",1+MAX(A$7:A564))","v":359},"Sealed Concrete Flooring",333.6,"M2",{"v":0,"d":"0%"},{"$f":"(E565*C565)+C565","v":333.6},{"v":54.579024000000004,"d":"$54.58"},{"$f":"(G565)*F565","v":{"v":18207.562406400004,"d":"$18,207.56"}}]
[{"$f":"IF(C566=0,\"\",1+MAX(A$7:A565))","v":360},"Internal Caulking",{"v":106.06,"d":"106.1"},"M",{"v":0,"d":"0%"},{"v":106.06,"d":"106.1"},{"v":4.931545600000001,"d":"$4.93"},{"v":523.0397263360001,"d":"$523.04"}]
[{"$f":"IF(C567=0,\"\",1+MAX(A$7:A566))","v":""},"Timber"]
[{"$f":"IF(C568=0,\"\",1+MAX(A$7:A567))","v":""},"Ground Floor"]
[{"$f":"IF(C569=0,\"\",1+MAX(A$7:A568))","v":361},"Timber Flooring",163.3,"M2",{"v":0,"d":"0%"},163.3,{"v":78.328496,"d":"$78.33"},{"v":12791.043396800002,"d":"$12,791.04"}]
[{"$f":"IF(C570=0,\"\",1+MAX(A$7:A569))","v":""},"First Floor"]
[{"$f":"IF(C571=0,\"\",1+MAX(A$7:A570))","v":362},"Timber Flooring",92.2,"M2",{"v":0,"d":"0%"},92.2,{"v":78.328496,"d":"$78.33"},{"v":7221.8873312000005,"d":"$7,221.89"}]
[{"$f":"IF(C572=0,\"\",1+MAX(A$7:A571))","v":""},"Carpet "]
[{"$f":"IF(C573=0,\"\",1+MAX(A$7:A572))","v":""},"Ground Floor"]
[{"$f":"IF(C574=0,\"\",1+MAX(A$7:A573))","v":363},"Carpet Flooring",{"v":54.55,"d":"54.6"},"M2",{"v":0,"d":"0%"},{"v":54.55,"d":"54.6"},{"v":41.46904000000001,"d":"$41.47"},{"v":2262.136132,"d":"$2,262.14"}]
[{"$f":"IF(C575=0,\"\",1+MAX(A$7:A574))","v":""},"First Floor"]
[{"$f":"IF(C576=0,\"\",1+MAX(A$7:A575))","v":364},"Carpet Flooring",{"v":135.77,"d":"135.8"},"M2",{"v":0,"d":"0%"},{"v":135.77,"d":"135.8"},{"v":41.46904000000001,"d":"$41.47"},{"v":5630.251560800001,"d":"$5,630.25"}]
["Sub Total",{"$nulls":7},{"$f":"SUM(H563:H576)","v":{"v":46635.92055353601,"d":"$46,635.92"}}]
[]
["Painting"]
[{"$f":"IF(C580=0,\"\",1+MAX(A$7:A579))","v":""},"Walls"]
[{"$f":"IF(C581=0,\"\",1+MAX(A$7:A580))","v":""},"Basement"]
[{"$f":"IF(C582=0,\"\",1+MAX(A$7:A581))","v":365},"Paint Plasterboard Wall Lining",354.3,"M2",{"v":0,"d":"0%"},{"$f":"(E582*C582)+C582","v":354.3},{"v":22.070912,"d":"$22.07"},{"$f":"(G582)*F582","v":{"v":7819.7241216,"d":"$7,819.72"}}]
[{"$f":"IF(C583=0,\"\",1+MAX(A$7:A582))","v":""},"Ground Floor"]
[{"$f":"IF(C584=0,\"\",1+MAX(A$7:A583))","v":366},"Paint Plasterboard Wall Lining ",{"v":635,"d":"635.0"},"M2",{"v":0,"d":"0%"},{"$f":"(E584*C584)+C584","v":{"v":635,"d":"635.0"}},{"v":22.070912,"d":"$22.07"},{"$f":"(G584)*F584","v":{"v":14015.02912,"d":"$14,015.03"}}]
[{"$f":"IF(C585=0,\"\",1+MAX(A$7:A584))","v":367},"Paint Moisture Resistant Plasterboard Wall Lining",151.3,"M2",{"v":0,"d":"0%"},151.3,{"v":22.070912,"d":"$22.07"},{"v":3339.3289856,"d":"$3,339.33"}]
[{"$f":"IF(C586=0,\"\",1+MAX(A$7:A585))","v":""},"First Floor"]
[{"$f":"IF(C587=0,\"\",1+MAX(A$7:A586))","v":368},"Paint Plasterboard Wall Lining ",625.2,"M2",{"v":0,"d":"0%"},625.2,{"v":22.070912,"d":"$22.07"},{"v":13798.734182400001,"d":"$13,798.73"}]
[{"$f":"IF(C588=0,\"\",1+MAX(A$7:A587))","v":369},"Paint Moisture Resistant Plasterboard Wall Lining ",124.9,"M2",{"v":0,"d":"0%"},124.9,{"v":22.070912,"d":"$22.07"},{"v":2756.6569088,"d":"$2,756.66"}]
[{"$f":"IF(C589=0,\"\",1+MAX(A$7:A588))","v":""},"Ceiling"]
[{"$f":"IF(C590=0,\"\",1+MAX(A$7:A589))","v":""},"Basement"]
[{"$f":"IF(C591=0,\"\",1+MAX(A$7:A590))","v":""},"Internal Lining"]
[{"$f":"IF(C592=0,\"\",1+MAX(A$7:A591))","v":370},"Paint Plasterboard Ceiling Lining",{"v":323.76,"d":"323.8"},"M2",{"v":0,"d":"0%"},{"v":323.76,"d":"323.8"},{"v":22.070912,"d":"$22.07"},{"v":7145.67846912,"d":"$7,145.68"}]
[{"$f":"IF(C593=0,\"\",1+MAX(A$7:A592))","v":""},"External Lining"]
[{"$f":"IF(C594=0,\"\",1+MAX(A$7:A593))","v":371},"Paint External Soffit Lining",{"v":5.35,"d":"5.4"},"M2",{"v":0,"d":"0%"},{"v":5.35,"d":"5.4"},{"v":22.070912,"d":"$22.07"},{"v":118.07937919999999,"d":"$118.08"}]
[{"$f":"IF(C595=0,\"\",1+MAX(A$7:A594))","v":""},"Cornice"]
[{"$f":"IF(C596=0,\"\",1+MAX(A$7:A595))","v":372},"Paint Cornice",{"v":111.11,"d":"111.1"},"M",{"v":0,"d":"0%"},{"v":111.11,"d":"111.1"},{"v":7.4983424,"d":"$7.50"},{"v":833.1408240640001,"d":"$833.14"}]
[{"$f":"IF(C597=0,\"\",1+MAX(A$7:A596))","v":""},"Ground Floor"]
[{"$f":"IF(C598=0,\"\",1+MAX(A$7:A597))","v":""},"Internal Lining"]
[{"$f":"IF(C599=0,\"\",1+MAX(A$7:A598))","v":373},"Paint Plasterboard Ceiling Lining",{"v":216.22,"d":"216.2"},"M2",{"v":0,"d":"0%"},{"v":216.22,"d":"216.2"},{"v":22.070912,"d":"$22.07"},{"v":4772.1725926399995,"d":"$4,772.17"}]
[{"$f":"IF(C600=0,\"\",1+MAX(A$7:A599))","v":374},"Paint Moisture Resistant Plasterboard Ceiling Lining",{"v":28.53,"d":"28.5"},"M2",{"v":0,"d":"0%"},{"v":28.53,"d":"28.5"},{"v":22.070912,"d":"$22.07"},{"v":629.68311936,"d":"$629.68"}]
[{"$f":"IF(C601=0,\"\",1+MAX(A$7:A600))","v":""},"External Lining"]
[{"$f":"IF(C602=0,\"\",1+MAX(A$7:A601))","v":375},"Paint External Soffit Lining",{"v":6.22,"d":"6.2"},"M2",{"v":0,"d":"0%"},{"v":6.22,"d":"6.2"},{"v":22.070912,"d":"$22.07"},{"v":137.28107264,"d":"$137.28"}]
[{"$f":"IF(C603=0,\"\",1+MAX(A$7:A602))","v":""},"Cornice"]
[{"$f":"IF(C604=0,\"\",1+MAX(A$7:A603))","v":376},"Paint Cornice",{"v":294.24,"d":"294.2"},"M",{"v":0,"d":"0%"},{"v":294.24,"d":"294.2"},{"v":7.4983424,"d":"$7.50"},{"v":2206.312267776,"d":"$2,206.31"}]
[{"$f":"IF(C605=0,\"\",1+MAX(A$7:A604))","v":""},"First Floor"]
[{"$f":"IF(C606=0,\"\",1+MAX(A$7:A605))","v":""},"Internal Lining"]
[{"$f":"IF(C607=0,\"\",1+MAX(A$7:A606))","v":377},"Paint Plasterboard Ceiling Lining",{"v":208.87,"d":"208.9"},"M2",{"v":0,"d":"0%"},{"v":208.87,"d":"208.9"},{"v":22.070912,"d":"$22.07"},{"v":4609.95138944,"d":"$4,609.95"}]
[{"$f":"IF(C608=0,\"\",1+MAX(A$7:A607))","v":378},"Paint Moisture Resistant Plasterboard Ceiling Lining",{"v":33.62,"d":"33.6"},"M2",{"v":0,"d":"0%"},{"v":33.62,"d":"33.6"},{"v":22.070912,"d":"$22.07"},{"v":742.02406144,"d":"$742.02"}]
[{"$f":"IF(C609=0,\"\",1+MAX(A$7:A608))","v":""},"External Lining"]
[{"$f":"IF(C610=0,\"\",1+MAX(A$7:A609))","v":379},"Paint External Soffit Lining",{"v":4.49,"d":"4.5"},"M2",{"v":0,"d":"0%"},{"v":4.49,"d":"4.5"},{"v":22.070912,"d":"$22.07"},{"v":99.09839488,"d":"$99.10"}]
[{"$f":"IF(C611=0,\"\",1+MAX(A$7:A610))","v":""},"Cornice"]
[{"$f":"IF(C612=0,\"\",1+MAX(A$7:A611))","v":380},"Paint Cornice",{"v":353.22,"d":"353.2"},"M",{"v":0,"d":"0%"},{"v":353.22,"d":"353.2"},{"v":7.4983424,"d":"$7.50"},{"v":2648.5645025280005,"d":"$2,648.56"}]
[{"$f":"IF(C613=0,\"\",1+MAX(A$7:A612))","v":""},"Timber Skirting"]
[{"$f":"IF(C614=0,\"\",1+MAX(A$7:A613))","v":""},"Ground Floor"]
[{"$f":"IF(C615=0,\"\",1+MAX(A$7:A614))","v":381},"Paint Timber Skirting ",{"v":47.53,"d":"47.5"},"M",{"v":0,"d":"0%"},{"v":47.53,"d":"47.5"},{"v":7.4983424,"d":"$7.50"},{"v":356.396214272,"d":"$356.40"}]
[{"$f":"IF(C616=0,\"\",1+MAX(A$7:A615))","v":""},"First Floor"]
[{"$f":"IF(C617=0,\"\",1+MAX(A$7:A616))","v":382},"Paint Timber Skirting ",{"v":42.33,"d":"42.3"},"M",{"v":0,"d":"0%"},{"v":42.33,"d":"42.3"},{"v":7.4983424,"d":"$7.50"},{"v":317.404833792,"d":"$317.40"}]
[{"$f":"IF(C618=0,\"\",1+MAX(A$7:A617))","v":""},"Architraves"]
[{"$f":"IF(C619=0,\"\",1+MAX(A$7:A618))","v":383},"Paint Door Architraves",{"v":589,"d":"589.0"},"M",{"v":0,"d":"0%"},{"$f":"(E619*C619)+C619","v":{"v":589,"d":"589.0"}},{"v":7.4983424,"d":"$7.50"},{"$f":"(G619)*F619","v":{"v":4416.523673600001,"d":"$4,416.52"}}]
[{"$f":"IF(C620=0,\"\",1+MAX(A$7:A619))","v":384},"Paint Window Architraves",{"v":243,"d":"243.0"},"M",{"v":0,"d":"0%"},{"v":243,"d":"243.0"},{"v":7.4983424,"d":"$7.50"},{"v":1822.0972032,"d":"$1,822.10"}]
[{"$f":"IF(C621=0,\"\",1+MAX(A$7:A620))","v":""},"Doors"]
[{"$f":"IF(C622=0,\"\",1+MAX(A$7:A621))","v":""},"External Doors"]
[{"$f":"IF(C623=0,\"\",1+MAX(A$7:A622))","v":385},"Paint External Single Timber Door",{"v":7,"d":"7.0"},"EA",{"v":0,"d":"0%"},{"$f":"(E623*C623)+C623","v":{"v":7,"d":"7.0"}},{"v":159.05408,"d":"$159.05"},{"$f":"(G623)*F623","v":{"v":1113.37856,"d":"$1,113.38"}}]
[{"$f":"IF(C624=0,\"\",1+MAX(A$7:A623))","v":""},"Internal Door"]
[{"$f":"IF(C625=0,\"\",1+MAX(A$7:A624))","v":386},"Paint Internal Single Timber Door",{"v":32,"d":"32.0"},"EA",{"v":0,"d":"0%"},{"v":32,"d":"32.0"},{"v":159.05408,"d":"$159.05"},{"v":5089.73056,"d":"$5,089.73"}]
[{"$f":"IF(C626=0,\"\",1+MAX(A$7:A625))","v":387},"Paint Internal Double Timber Door",{"v":2,"d":"2.0"},"EA",{"v":0,"d":"0%"},{"v":2,"d":"2.0"},{"v":308.10816,"d":"$308.11"},{"v":616.21632,"d":"$616.22"}]
[{"$f":"IF(C627=0,\"\",1+MAX(A$7:A626))","v":388},"Paint Internal Single Cavity Timber Door",{"v":6,"d":"6.0"},"EA",{"v":0,"d":"0%"},{"v":6,"d":"6.0"},{"v":159.05408,"d":"$159.05"},{"v":954.32448,"d":"$954.32"}]
[{"$f":"IF(C628=0,\"\",1+MAX(A$7:A627))","v":389},"Paint Joinery Door",{"v":33,"d":"33.0"},"EA",{"v":0,"d":"0%"},{"v":33,"d":"33.0"},{"v":159.05408,"d":"$159.05"},{"v":5248.78464,"d":"$5,248.78"}]
["Sub Total",{"$nulls":7},{"$f":"SUM(H580:H628)","v":{"v":85606.315876352,"d":"$85,606.32"}}]
[]
["Joinery"]
[{"$f":"IF(C632=0,\"\",1+MAX(A$7:A631))","v":""},"Joinery"]
[{"$f":"IF(C633=0,\"\",1+MAX(A$7:A632))","v":""},"Storage"]
[{"$f":"IF(C634=0,\"\",1+MAX(A$7:A633))","v":390},"(610mm Deep) Storage Cupboards",{"v":24.63,"d":"24.6"},"M",{"v":0,"d":"0%"},{"$f":"(E634*C634)+C634","v":{"v":24.63,"d":"24.6"}},{"v":708.8291557376,"d":"$708.83"},{"$f":"(G634)*F634","v":{"v":17458.46210581709,"d":"$17,458.46"}}]
[{"$f":"IF(C635=0,\"\",1+MAX(A$7:A634))","v":""},"Built In Robe"]
[{"$f":"IF(C636=0,\"\",1+MAX(A$7:A635))","v":391},"(500mm Deep) Built In Robe",{"v":35.46,"d":"35.5"},"M",{"v":0,"d":"0%"},{"$f":"(E636*C636)+C636","v":{"v":35.46,"d":"35.5"}},{"v":581.0400839344263,"d":"$581.04"},{"$f":"(G636)*F636","v":{"v":20603.68137631476,"d":"$20,603.68"}}]
[{"$f":"IF(C637=0,\"\",1+MAX(A$7:A636))","v":""},"Kitchen"]
[{"$f":"IF(C638=0,\"\",1+MAX(A$7:A637))","v":392},"(700mm Deep) Kitchen Base Cabinets",{"v":9.07,"d":"9.1"},"M",{"v":0,"d":"0%"},{"v":9.07,"d":"9.1"},{"v":813.4561175081967,"d":"$813.46"},{"v":7378.046985799345,"d":"$7,378.05"}]
[{"$f":"IF(C639=0,\"\",1+MAX(A$7:A638))","v":393},"(350mm Deep) Kitchen Wall Mounted Cabinets",{"v":8.99,"d":"9.0"},"M",{"v":0,"d":"0%"},{"v":8.99,"d":"9.0"},{"v":406.72805875409836,"d":"$406.73"},{"v":3656.4852481993444,"d":"$3,656.49"}]
[{"$f":"IF(C640=0,\"\",1+MAX(A$7:A639))","v":394},"(700mm Deep) Kitchen Cupboards",{"v":1.42,"d":"1.4"},"M",{"v":0,"d":"0%"},{"v":1.42,"d":"1.4"},{"v":813.4561175081967,"d":"$813.46"},{"v":1155.1076868616392,"d":"$1,155.11"}]
[{"$f":"IF(C641=0,\"\",1+MAX(A$7:A640))","v":395},"(600mm Deep) Kitchen Cupboards",{"v":1,"d":"1.0"},"M",{"v":0,"d":"0%"},{"v":1,"d":"1.0"},{"v":697.2481007213114,"d":"$697.25"},{"v":697.2481007213114,"d":"$697.25"}]
[{"$f":"IF(C642=0,\"\",1+MAX(A$7:A641))","v":396},"(750mm Deep) Fridge Enclosure",{"v":1.01,"d":"1.0"},"M",{"v":0,"d":"0%"},{"v":1.01,"d":"1.0"},{"v":871.5601259016394,"d":"$871.56"},{"v":880.2757271606557,"d":"$880.28"}]
[{"$f":"IF(C643=0,\"\",1+MAX(A$7:A642))","v":397},"(700mm Deep) Fridge Enclosure",{"v":3.09,"d":"3.1"},"M",{"v":0,"d":"0%"},{"v":3.09,"d":"3.1"},{"v":813.4561175081967,"d":"$813.46"},{"v":2513.579403100328,"d":"$2,513.58"}]
[{"$f":"IF(C644=0,\"\",1+MAX(A$7:A643))","v":398},"(2450 x 900) Kitchen Island",{"v":1,"d":"1.0"},"EA",{"v":0,"d":"0%"},{"v":1,"d":"1.0"},{"v":1082.651392,"d":"$1,082.65"},{"v":1082.651392,"d":"$1,082.65"}]
[{"$f":"IF(C645=0,\"\",1+MAX(A$7:A644))","v":399},"(2850 x 900) Kitchen Island",{"v":2,"d":"2.0"},"EA",{"v":0,"d":"0%"},{"v":2,"d":"2.0"},{"v":1259.4108029387753,"d":"$1,259.41"},{"v":2518.8216058775506,"d":"$2,518.82"}]
[{"$f":"IF(C646=0,\"\",1+MAX(A$7:A645))","v":400},"(2350 x 900) Kitchen Island",{"v":1,"d":"1.0"},"EA",{"v":0,"d":"0%"},{"v":1,"d":"1.0"},{"v":1038.461539265306,"d":"$1,038.46"},{"v":1038.461539265306,"d":"$1,038.46"}]
[{"$f":"IF(C647=0,\"\",1+MAX(A$7:A646))","v":""},"Vanity"]
[{"$f":"IF(C648=0,\"\",1+MAX(A$7:A647))","v":401},"(600mm Deep) Vanity Base Cabinets",{"v":11.76,"d":"11.8"},"M",{"v":0,"d":"0%"},{"v":11.76,"d":"11.8"},{"v":697.2481007213114,"d":"$697.25"},{"v":8199.637664482621,"d":"$8,199.64"}]
[{"$f":"IF(C649=0,\"\",1+MAX(A$7:A648))","v":402},"(500mm Deep) Vanity Base Cabinets",{"v":0.89,"d":"0.9"},"M",{"v":0,"d":"0%"},{"v":0.89,"d":"0.9"},{"v":581.0400839344263,"d":"$581.04"},{"v":517.1256747016395,"d":"$517.13"}]
[{"$f":"IF(C650=0,\"\",1+MAX(A$7:A649))","v":""},"Benchtop"]
[{"$f":"IF(C651=0,\"\",1+MAX(A$7:A650))","v":""},"Kitchen"]
[{"$f":"IF(C652=0,\"\",1+MAX(A$7:A651))","v":403},"(700mm Wide) Kitchen Benchtop",{"v":9,"d":"9.0"},"M",{"v":0,"d":"0%"},{"v":9,"d":"9.0"},{"v":681.1424,"d":"$681.14"},{"v":6130.281599999999,"d":"$6,130.28"}]
[{"$f":"IF(C653=0,\"\",1+MAX(A$7:A652))","v":""},"Vanity"]
[{"$f":"IF(C654=0,\"\",1+MAX(A$7:A653))","v":404},"(500mm Wide) Vanity Benchtop",0.9,"M",{"v":0,"d":"0%"},0.9,{"v":584.98112,"d":"$584.98"},{"v":526.483008,"d":"$526.48"}]
[{"$f":"IF(C655=0,\"\",1+MAX(A$7:A654))","v":405},"(600mm Wide) Vanity Benchtop",{"v":11.64,"d":"11.6"},"M",{"v":0,"d":"0%"},{"v":11.64,"d":"11.6"},{"v":612.226816,"d":"$612.23"},{"v":7126.32013824,"d":"$7,126.32"}]
[{"$f":"IF(C656=0,\"\",1+MAX(A$7:A655))","v":""},"Splash back"]
[{"$f":"IF(C657=0,\"\",1+MAX(A$7:A656))","v":""},"Kitchen"]
[{"$f":"IF(C658=0,\"\",1+MAX(A$7:A657))","v":406},"(600mm H) Kitchen Splash back",{"v":5.417999999999999,"d":"5.4"},"M2",{"v":0,"d":"0%"},{"v":5.417999999999999,"d":"5.4"},{"v":142.27061376,"d":"$142.27"},{"$f":"(G658)*F658","v":{"v":770.8221853516799,"d":"$770.82"}}]
["Sub Total",{"$nulls":7},{"$f":"SUM(H632:H658)","v":{"v":82253.49144189326,"d":"$82,253.49"}}]
[]
["Shower Screens/ Partition"]
[{"$f":"IF(C662=0,\"\",1+MAX(A$7:A661))","v":407},"(850 x 850) Shower Screen",{"v":4,"d":"4.0"},"EA",{"v":0,"d":"0%"},{"$f":"(E662*C662)+C662","v":{"v":4,"d":"4.0"}},{"v":874.6208460800001,"d":"$874.62"},{"$f":"(G662)*F662","v":{"v":3498.4833843200004,"d":"$3,498.48"}}]
[{"$f":"IF(C663=0,\"\",1+MAX(A$7:A662))","v":408},"(1300 x 850) Shower Screen",{"v":2,"d":"2.0"},"EA",{"v":0,"d":"0%"},{"$f":"(E663*C663)+C663","v":{"v":2,"d":"2.0"}},{"v":1265.091466496,"d":"$1,265.09"},{"$f":"(G663)*F663","v":{"v":2530.182932992,"d":"$2,530.18"}}]
[{"$f":"IF(C664=0,\"\",1+MAX(A$7:A663))","v":409},"(2100mm H) Shower Partition",{"v":3.93,"d":"3.9"},"M",{"v":0,"d":"0%"},{"v":3.93,"d":"3.9"},{"v":812.7364352,"d":"$812.74"},{"v":3194.054190336,"d":"$3,194.05"}]
[{"$f":"IF(C665=0,\"\",1+MAX(A$7:A664))","v":410},"(1050 x 750) Shower Screen",{"v":4,"d":"4.0"},"EA",{"v":0,"d":"0%"},{"v":4,"d":"4.0"},{"v":953.3722742207999,"d":"$953.37"},{"v":3813.4890968831996,"d":"$3,813.49"}]
["Sub Total",{"$nulls":7},{"$f":"SUM(H662:H665)","v":{"v":13036.2096045312,"d":"$13,036.21"}}]
[]
["PC Items"]
[{"$f":"IF(C669=0,\"\",1+MAX(A$7:A668))","v":""},"Fixture"]
[{"$f":"IF(C670=0,\"\",1+MAX(A$7:A669))","v":411},"Vanity",{"v":14,"d":"14.0"},"EA",{"v":0,"d":"0%"},{"$f":"(E670*C670)+C670","v":{"v":14,"d":"14.0"}},{"v":956.6165503999999,"d":"$956.62"},{"$f":"(G670)*F670","v":{"v":13392.631705599999,"d":"$13,392.63"}}]
[{"$f":"IF(C671=0,\"\",1+MAX(A$7:A670))","v":412},"Laundry Trough",{"v":4,"d":"4.0"},"EA",{"v":0,"d":"0%"},{"$f":"(E671*C671)+C671","v":{"v":4,"d":"4.0"}},{"v":588.151552,"d":"$588.15"},{"$f":"(G671)*F671","v":{"v":2352.606208,"d":"$2,352.61"}}]
[{"$f":"IF(C672=0,\"\",1+MAX(A$7:A671))","v":413},"Floor Waste",{"v":22,"d":"22.0"},"EA",{"v":0,"d":"0%"},{"v":22,"d":"22.0"},{"v":335.86992640000005,"d":"$335.87"},{"$f":"(G672)*F672","v":{"v":7389.138380800001,"d":"$7,389.14"}}]
[{"$f":"IF(C673=0,\"\",1+MAX(A$7:A672))","v":414},"Water Closet",{"v":13,"d":"13.0"},"EA",{"v":0,"d":"0%"},{"v":13,"d":"13.0"},{"v":796.0437452799999,"d":"$796.04"},{"v":10348.56868864,"d":"$10,348.57"}]
[{"$f":"IF(C674=0,\"\",1+MAX(A$7:A673))","v":415},"Kitchen Sink",{"v":4,"d":"4.0"},"EA",{"v":0,"d":"0%"},{"v":4,"d":"4.0"},{"v":604.9197696,"d":"$604.92"},{"v":2419.6790784,"d":"$2,419.68"}]
[{"$f":"IF(C675=0,\"\",1+MAX(A$7:A674))","v":""},"Tapware"]
[{"$f":"IF(C676=0,\"\",1+MAX(A$7:A675))","v":416},"Vanity Mixer",{"v":14,"d":"14.0"},"EA",{"v":0,"d":"0%"},{"$f":"(E676*C676)+C676","v":{"v":14,"d":"14.0"}},{"v":211.26268928000002,"d":"$211.26"},{"$f":"(G676)*F676","v":{"v":2957.6776499200005,"d":"$2,957.68"}}]
[{"$f":"IF(C677=0,\"\",1+MAX(A$7:A676))","v":417},"Laundry Trough Mixer",{"v":4,"d":"4.0"},"EA",{"v":0,"d":"0%"},{"v":4,"d":"4.0"},{"v":185.7143296,"d":"$185.71"},{"$f":"(G677)*F677","v":{"v":742.8573184,"d":"$742.86"}}]
[{"$f":"IF(C678=0,\"\",1+MAX(A$7:A677))","v":418},"Shower Head w/ Mixer",{"v":13,"d":"13.0"},"EA",{"v":0,"d":"0%"},{"v":13,"d":"13.0"},{"v":251.94457599999998,"d":"$251.94"},{"v":3275.2794879999997,"d":"$3,275.28"}]
[{"$f":"IF(C679=0,\"\",1+MAX(A$7:A678))","v":419},"Kitchen Sink Mixer ",{"v":4,"d":"4.0"},"EA",{"v":0,"d":"0%"},{"v":4,"d":"4.0"},{"v":207.89219328000001,"d":"$207.89"},{"v":831.5687731200001,"d":"$831.57"}]
[{"$f":"IF(C680=0,\"\",1+MAX(A$7:A679))","v":""},"Accessories"]
[{"$f":"IF(C681=0,\"\",1+MAX(A$7:A680))","v":420},"Mirror",{"v":14,"d":"14.0"},"EA",{"v":0,"d":"0%"},{"$f":"(E681*C681)+C681","v":{"v":14,"d":"14.0"}},{"v":264.31429632000004,"d":"$264.31"},{"$f":"(G681)*F681","v":{"v":3700.4001484800006,"d":"$3,700.40"}}]
[{"$f":"IF(C682=0,\"\",1+MAX(A$7:A681))","v":421},"Soap Dispenser",{"v":14,"d":"14.0"},"EA",{"v":0,"d":"0%"},{"v":14,"d":"14.0"},{"v":239.91190528000004,"d":"$239.91"},{"$f":"(G682)*F682","v":{"v":3358.7666739200004,"d":"$3,358.77"}}]
[{"$f":"IF(C683=0,\"\",1+MAX(A$7:A682))","v":422},"Towel Rail",{"v":13,"d":"13.0"},"EA",{"v":0,"d":"0%"},{"v":13,"d":"13.0"},{"v":138.79702528,"d":"$138.80"},{"v":1804.3613286400002,"d":"$1,804.36"}]
[{"$f":"IF(C684=0,\"\",1+MAX(A$7:A683))","v":423},"Toilet Roll Holder",{"v":13,"d":"13.0"},"EA",{"v":0,"d":"0%"},{"v":13,"d":"13.0"},{"v":144.3414912,"d":"$144.34"},{"v":1876.4393856000002,"d":"$1,876.44"}]
["Sub Total",{"$nulls":7},{"$f":"SUM(H669:H684)","v":{"v":54449.974827519996,"d":"$54,449.97"}}]
[]
["Appliances"]
[{"$f":"IF(C688=0,\"\",1+MAX(A$7:A687))","v":424},"Fridge",{"v":4,"d":"4.0"},"EA",{"v":0,"d":"0%"},{"$f":"(E688*C688)+C688","v":{"v":4,"d":"4.0"}},{"v":2126.007552,"d":"$2,126.01"},{"$f":"(G688)*F688","v":{"v":8504.030208,"d":"$8,504.03"}}]
[{"$f":"IF(C689=0,\"\",1+MAX(A$7:A688))","v":425},"Oven",{"v":4,"d":"4.0"},"EA",{"v":0,"d":"0%"},{"$f":"(E689*C689)+C689","v":{"v":4,"d":"4.0"}},{"v":1388.8832,"d":"$1,388.88"},{"$f":"(G689)*F689","v":{"v":5555.5328,"d":"$5,555.53"}}]
[{"$f":"IF(C690=0,\"\",1+MAX(A$7:A689))","v":426},"Cook Top",{"v":4,"d":"4.0"},"EA",{"v":0,"d":"0%"},{"v":4,"d":"4.0"},{"v":2886.1670400000003,"d":"$2,886.17"},{"v":11544.668160000001,"d":"$11,544.67"}]
[{"$f":"IF(C691=0,\"\",1+MAX(A$7:A690))","v":427},"Range Hood",{"v":4,"d":"4.0"},"EA",{"v":0,"d":"0%"},{"v":4,"d":"4.0"},{"v":1062.326272,"d":"$1,062.33"},{"v":4249.305088,"d":"$4,249.31"}]
[{"$f":"IF(C692=0,\"\",1+MAX(A$7:A691))","v":428},"Dish Washer",{"v":4,"d":"4.0"},"EA",{"v":0,"d":"0%"},{"v":4,"d":"4.0"},{"v":1147.6917760000001,"d":"$1,147.69"},{"v":4590.7671040000005,"d":"$4,590.77"}]
[{"$f":"IF(C693=0,\"\",1+MAX(A$7:A692))","v":429},"Washing Machine & Dryer",{"v":4,"d":"4.0"},"EA",{"v":0,"d":"0%"},{"v":4,"d":"4.0"},{"v":1795.3856,"d":"$1,795.39"},{"v":7181.5424,"d":"$7,181.54"}]
["Sub Total",{"$nulls":7},{"$f":"SUM(H688:H693)","v":{"v":41625.845760000004,"d":"$41,625.85"}}]
[]
["Hydraulic Services"]
[{"$f":"IF(C697=0,\"\",1+MAX(A$7:A696))","v":430},"Allowance For Plumbing Services",{"v":944,"d":"944.0"},"M2",{"v":0,"d":"0%"},{"$f":"(E697*C697)+C697","v":{"v":944,"d":"944.0"}},{"v":79.00992,"d":"$79.01"},{"$f":"(G697)*F697","v":{"v":74585.36447999999,"d":"$74,585.36"}}]
[{"$f":"IF(C698=0,\"\",1+MAX(A$7:A697))","v":431},"Allowance For Stormwater & Drainage Services",{"v":944,"d":"944.0"},"M2",{"v":0,"d":"0%"},{"$f":"(E698*C698)+C698","v":{"v":944,"d":"944.0"}},{"v":46.811519999999994,"d":"$46.81"},{"$f":"(G698)*F698","v":{"v":44190.07487999999,"d":"$44,190.07"}}]
[{"$f":"IF(C699=0,\"\",1+MAX(A$7:A698))","v":""},"BASEMENT LEVEL"]
[{"$f":"IF(C700=0,\"\",1+MAX(A$7:A699))","v":""},"CONDUITS"]
[{"$f":"IF(C701=0,\"\",1+MAX(A$7:A700))","v":""},"ELECTRICAL PVC CONDUITS"]
[{"$f":"IF(C702=0,\"\",1+MAX(A$7:A701))","v":432},"Electrical PVC Conduit 'E'",{"v":4,"d":"4.0"},"M",{"v":0,"d":"0%"},{"$f":"(E702*C702)+C702","v":{"v":4,"d":"4.0"}},{"v":21.751385600000003,"d":"$21.75"},{"$f":"(G702)*F702","v":{"v":87.00554240000001,"d":"$87.01"}}]
[{"$f":"IF(C703=0,\"\",1+MAX(A$7:A702))","v":""},"PIPING"]
[{"$f":"IF(C704=0,\"\",1+MAX(A$7:A703))","v":""},"UPVC STORMWATER PIPE"]
[{"$f":"IF(C705=0,\"\",1+MAX(A$7:A704))","v":433},"(100mm.Dia) UPVC Stormwater Pipe",{"v":49,"d":"49.0"},"M",{"v":0,"d":"0%"},{"v":49,"d":"49.0"},{"v":12.34284,"d":"$12.34"},{"v":604.79916,"d":"$604.80"}]
[{"$f":"IF(C706=0,\"\",1+MAX(A$7:A705))","v":434},"(225mm.Dia) UPVC Stormwater Pipe",{"v":16,"d":"16.0"},"M",{"v":0,"d":"0%"},{"v":16,"d":"16.0"},{"v":26.110799999999998,"d":"$26.11"},{"v":417.77279999999996,"d":"$417.77"}]
[{"$f":"IF(C707=0,\"\",1+MAX(A$7:A706))","v":""},"FIXTURES"]
[{"$f":"IF(C708=0,\"\",1+MAX(A$7:A707))","v":435},"(200 x 150) Grated Trench 'GT'",{"v":4,"d":"4.0"},"M",{"v":0,"d":"0%"},{"v":4,"d":"4.0"},{"v":28.1864,"d":"$28.19"},{"v":112.7456,"d":"$112.75"}]
[{"$f":"IF(C709=0,\"\",1+MAX(A$7:A708))","v":436},"Spoon Drain To Floor Waster",{"v":5,"d":"5.0"},"EA",{"v":0,"d":"0%"},{"v":5,"d":"5.0"},{"v":432.266112,"d":"$432.27"},{"v":2161.3305600000003,"d":"$2,161.33"}]
[{"$f":"IF(C710=0,\"\",1+MAX(A$7:A709))","v":437},"(150mm.Dia) Inspection Opening 'IO'",{"v":6,"d":"6.0"},"EA",{"v":0,"d":"0%"},{"v":6,"d":"6.0"},{"v":319.11856128,"d":"$319.12"},{"v":1914.71136768,"d":"$1,914.71"}]
[{"$f":"IF(C711=0,\"\",1+MAX(A$7:A710))","v":438},"(150mm.Dia) Galvanized Pipe Sleeve",{"v":1,"d":"1.0"},"EA",{"v":0,"d":"0%"},{"v":1,"d":"1.0"},{"v":61.64637184,"d":"$61.65"},{"v":61.64637184,"d":"$61.65"}]
[{"$f":"IF(C712=0,\"\",1+MAX(A$7:A711))","v":439},"Pump Discharge w/ EPOXY \n- Wall Strip Drain Discharge (1 EA)\n- Main Ring Pipe (1 EA)\n- Inspection Opening (1 EA)\n- Volclay Water Stop RX101 (1 EA)\n- Nylex Strip Drain (1 EA)\n- (70 x 90) Dish Drain (1 EA)\n- Spray Wall System (1 EA)",{"v":1,"d":"1.0"},"EA",{"v":0,"d":"0%"},{"v":1,"d":"1.0"},{"v":1052.299776,"d":"$1,052.30"},{"v":1052.299776,"d":"$1,052.30"}]
[{"$f":"IF(C713=0,\"\",1+MAX(A$7:A712))","v":""},"PITS"]
[{"$f":"IF(C714=0,\"\",1+MAX(A$7:A713))","v":440},"Pit 6 Matching GL",{"v":1,"d":"1.0"},"EA",{"v":0,"d":"0%"},{"v":1,"d":"1.0"},{"v":287.68416,"d":"$287.68"},{"$f":"(G714)*F714","v":{"v":287.68416,"d":"$287.68"}}]
[{"$f":"IF(C715=0,\"\",1+MAX(A$7:A714))","v":441},"(600 x 600) Stormwater Pit 'B1'\r\n- Depth: 0.50m",{"v":1,"d":"1.0"},"EA",{"v":0,"d":"0%"},{"v":1,"d":"1.0"},{"v":825.6229907692307,"d":"$825.62"},{"$f":"(G715)*F715","v":{"v":825.6229907692307,"d":"$825.62"}}]
[{"$f":"IF(C716=0,\"\",1+MAX(A$7:A715))","v":442},"(900 x 900) Stormwater Pump Pit 'PP1'\n- Depth: 2.00m\n- Galvanized Steel Grated Cover Fixed w/ Padlocks For Secure Cover (1 EA)\n- (80mm.Dia) Check Valve 'CV' (2 EA)\n- (80mm.Dia) Union (2 EA)\n- (80mm.Dia) Gate Valve (2 EA)\n- (2m) S/S Pump Lifting Chain (2 EA)\n- (80mm.Dia) PVC Pipe Riser (2 EA & 2m H)\n- Dual Submersible Electric Pump Set (2 EA)\n- Seal Around All Penetration w/ Epoxy Resin (1 EA)\n- Mercury Float Switch (1 EA)",{"v":1,"d":"1.0"},"EA",{"v":0,"d":"0%"},{"v":1,"d":"1.0"},{"v":2308.96256,"d":"$2,308.96"},{"$f":"(G716)*F716","v":{"v":2308.96256,"d":"$2,308.96"}}]
[{"$f":"IF(C717=0,\"\",1+MAX(A$7:A716))","v":""},"PANELS"]
[{"$f":"IF(C718=0,\"\",1+MAX(A$7:A717))","v":443},"Pump Control Panel",{"v":1,"d":"1.0"},"EA",{"v":0,"d":"0%"},{"v":1,"d":"1.0"},{"v":1081.7616,"d":"$1,081.76"},{"v":1081.7616,"d":"$1,081.76"}]
[{"$f":"IF(C719=0,\"\",1+MAX(A$7:A718))","v":""},"GROUND LEVEL"]
[{"$f":"IF(C720=0,\"\",1+MAX(A$7:A719))","v":""},"PIPING"]
[{"$f":"IF(C721=0,\"\",1+MAX(A$7:A720))","v":""},"UPVC STORMWATER PIPE"]
[{"$f":"IF(C722=0,\"\",1+MAX(A$7:A721))","v":444},"(100mm.Dia) UPVC Stormwater Pipe",{"v":25,"d":"25.0"},"M",{"v":0,"d":"0%"},{"v":25,"d":"25.0"},{"v":12.342839999999999,"d":"$12.34"},{"v":308.57099999999997,"d":"$308.57"}]
[{"$f":"IF(C723=0,\"\",1+MAX(A$7:A722))","v":445},"(150mm.Dia) UPVC Stormwater Pipe",{"v":74,"d":"74.0"},"M",{"v":0,"d":"0%"},{"v":74,"d":"74.0"},{"v":13.719866666666666,"d":"$13.72"},{"v":1015.2701333333333,"d":"$1,015.27"}]
[{"$f":"IF(C724=0,\"\",1+MAX(A$7:A723))","v":446},"(450mm.Dia) UPVC Stormwater Pipe",{"v":15,"d":"15.0"},"M",{"v":0,"d":"0%"},{"v":15,"d":"15.0"},{"v":118.70214666666666,"d":"$118.70"},{"v":1780.5321999999999,"d":"$1,780.53"}]
[{"$f":"IF(C725=0,\"\",1+MAX(A$7:A724))","v":447},"(525mm.Dia) UPVC Stormwater Pipe",{"v":29,"d":"29.0"},"M",{"v":0,"d":"0%"},{"v":29,"d":"29.0"},{"v":135.95624,"d":"$135.96"},{"v":3942.7309600000003,"d":"$3,942.73"}]
[{"$f":"IF(C726=0,\"\",1+MAX(A$7:A725))","v":""},"FITTING"]
[{"$f":"IF(C727=0,\"\",1+MAX(A$7:A726))","v":""},"BENDS"]
[{"$f":"IF(C728=0,\"\",1+MAX(A$7:A727))","v":448},"(100mm.Dia & 45 Degree) UPVC Stormwater Pipe Bend",{"v":1,"d":"1.0"},"EA",{"v":0,"d":"0%"},{"v":1,"d":"1.0"},{"v":31.5967872,"d":"$31.60"},{"v":31.5967872,"d":"$31.60"}]
[{"$f":"IF(C729=0,\"\",1+MAX(A$7:A728))","v":""},"TEES"]
[{"$f":"IF(C730=0,\"\",1+MAX(A$7:A729))","v":449},"(100mm.Dia & 45 Degree) UPVC Stormwater Pipe Tee",{"v":1,"d":"1.0"},"EA",{"v":0,"d":"0%"},{"v":1,"d":"1.0"},{"v":31.5967872,"d":"$31.60"},{"v":31.5967872,"d":"$31.60"}]
[{"$f":"IF(C731=0,\"\",1+MAX(A$7:A730))","v":450},"(150mm.Dia & 90 Degree) UPVC Stormwater Pipe Tee",{"v":5,"d":"5.0"},"EA",{"v":0,"d":"0%"},{"v":5,"d":"5.0"},{"v":36.489728,"d":"$36.49"},{"v":182.44864,"d":"$182.45"}]
[{"$f":"IF(C732=0,\"\",1+MAX(A$7:A731))","v":451},"(525mm.Dia & 90 Degree) UPVC Stormwater Pipe Tee",{"v":1,"d":"1.0"},"EA",{"v":0,"d":"0%"},{"v":1,"d":"1.0"},{"v":137.12862976000002,"d":"$137.13"},{"v":137.12862976000002,"d":"$137.13"}]
[{"$f":"IF(C733=0,\"\",1+MAX(A$7:A732))","v":""},"FIXTURES"]
[{"$f":"IF(C734=0,\"\",1+MAX(A$7:A733))","v":452},"(150mm.Dia) Inspection Opening 'IO'",{"v":2,"d":"2.0"},"EA",{"v":0,"d":"0%"},{"v":2,"d":"2.0"},{"v":29.544240000000002,"d":"$29.54"},{"v":59.088480000000004,"d":"$59.09"}]
[{"$f":"IF(C735=0,\"\",1+MAX(A$7:A734))","v":""},"PITS"]
[{"$f":"IF(C736=0,\"\",1+MAX(A$7:A735))","v":453},"(1200x600+600 x 600) Stormwater Pit 'P1'\n- Depth: 0.86m\n- (150mm.Dia) Long Pe Pressure Pipe (1 EA)\n- Hydrotite Seal Around Perimeter Of Pipe (6 EA)\n- (600 x 600) Medium Duty Concrete Pit Cover (1 EA)\n- Galvanized Step Iron (12 EA)\n- Orifice, Install 100mm, Long, PE Pressure Pipe, SDR11, PE100, PN16, ID 51.0mm, DN 63mm (1 EA)\n- (1200 x 600) Medium Duty Concrete Pit Cover (1 EA)\n- 6mm Thick Stainless Steel Plate (1 EA)\n- (63mm.Dia) Sharp EDGE Orifice (1 EA)\n- Trash Grate In Accordance  (1 EA)",{"v":1,"d":"1.0"},"EA",{"v":0,"d":"0%"},{"v":1,"d":"1.0"},{"v":3134.323456,"d":"$3,134.32"},{"v":3134.323456,"d":"$3,134.32"}]
[{"$f":"IF(C737=0,\"\",1+MAX(A$7:A736))","v":454},"(600 x 600) Stormwater Pit 'P2'\r\n- Depth: 1.30m",{"v":1,"d":"1.0"},"EA",{"v":0,"d":"0%"},{"v":1,"d":"1.0"},{"v":2146.619776,"d":"$2,146.62"},{"v":2146.619776,"d":"$2,146.62"}]
[{"$f":"IF(C738=0,\"\",1+MAX(A$7:A737))","v":455},"(600 x 600) Stormwater Pit 'P3'\r\n- Depth: 0.50m",{"v":1,"d":"1.0"},"EA",{"v":0,"d":"0%"},{"v":1,"d":"1.0"},{"v":825.6229907692307,"d":"$825.62"},{"v":825.6229907692307,"d":"$825.62"}]
[{"$f":"IF(C739=0,\"\",1+MAX(A$7:A738))","v":456},"(450 x 450) Stormwater Pit 'P4'\r\n- Depth: 0.47m",{"v":1,"d":"1.0"},"EA",{"v":0,"d":"0%"},{"v":1,"d":"1.0"},{"v":647.693824,"d":"$647.69"},{"v":647.693824,"d":"$647.69"}]
[{"$f":"IF(C740=0,\"\",1+MAX(A$7:A739))","v":457},"(600 x 600) Stormwater Pit 'P5'\r\n- Depth: 0.87m",{"v":1,"d":"1.0"},"EA",{"v":0,"d":"0%"},{"v":1,"d":"1.0"},{"v":1436.5840039384616,"d":"$1,436.58"},{"v":1436.5840039384616,"d":"$1,436.58"}]
[{"$f":"IF(C741=0,\"\",1+MAX(A$7:A740))","v":458},"(600 x 600) Stormwater Pit 'P6'\r\n- Depth: 0.93m",{"v":1,"d":"1.0"},"EA",{"v":0,"d":"0%"},{"v":1,"d":"1.0"},{"v":1535.6587628307693,"d":"$1,535.66"},{"v":1535.6587628307693,"d":"$1,535.66"}]
["Sub Total",{"$nulls":7},{"$f":"SUM(H697:H741)","v":{"v":146907.24827972095,"d":"$146,907.25"}}]
[]
["Electrical Services"]
[{"$f":"IF(C745=0,\"\",1+MAX(A$7:A744))","v":459},"Allowance For Electrical Services",{"v":944,"d":"944.0"},"M2",{"v":0,"d":"0%"},{"$f":"(E745*C745)+C745","v":{"v":944,"d":"944.0"}},{"v":72.57024,"d":"$72.57"},{"$f":"(G745)*F745","v":{"v":68506.30656,"d":"$68,506.31"}}]
["Sub Total",{"$nulls":7},{"$f":"SUM(H745:H745)","v":{"v":68506.30656,"d":"$68,506.31"}}]
[]
["Mechanical Services"]
[{"$f":"IF(C749=0,\"\",1+MAX(A$7:A748))","v":460},"Allowance For Mechanical Services",{"v":944,"d":"944.0"},"M2",{"v":0,"d":"0%"},{"$f":"(E749*C749)+C749","v":{"v":944,"d":"944.0"}},{"v":70.50624,"d":"$70.51"},{"$f":"(G749)*F749","v":{"v":66557.89056,"d":"$66,557.89"}}]
[{"$f":"IF(C750=0,\"\",1+MAX(A$7:A749))","v":""},"Hot Water System"]
[{"$f":"IF(C751=0,\"\",1+MAX(A$7:A750))","v":461},"Hot Water System on Roof",{"v":4,"d":"4.0"},"EA",{"v":0,"d":"0%"},{"$f":"(E751*C751)+C751","v":{"v":4,"d":"4.0"}},{"v":1276.65024,"d":"$1,276.65"},{"$f":"(G751)*F751","v":{"v":5106.60096,"d":"$5,106.60"}}]
["Sub Total",{"$nulls":7},{"$f":"SUM(H749:H751)","v":{"v":71664.49152,"d":"$71,664.49"}}]
[]
["Fire Services"]
[{"$f":"IF(C755=0,\"\",1+MAX(A$7:A754))","v":462},"Allowance For Fire Services",{"v":944,"d":"944.0"},"M2",{"v":0,"d":"0%"},{"$f":"(E755*C755)+C755","v":{"v":944,"d":"944.0"}},{"v":62.58048,"d":"$62.58"},{"$f":"(G755)*F755","v":{"v":59075.97312,"d":"$59,075.97"}}]
["Sub Total",{"$nulls":7},{"$f":"SUM(H755:H755)","v":{"v":59075.97312,"d":"$59,075.97"}}]
[]
["Civil Works "]
[{"$f":"IF(C759=0,\"\",1+MAX(A$7:A758))","v":""},"External Finish"]
[{"$f":"IF(C760=0,\"\",1+MAX(A$7:A759))","v":463},"External Concrete Floor Finish",46.9,"M2",{"v":0,"d":"0%"},{"$f":"(E760*C760)+C760","v":46.9},{"v":49.952224,"d":"$49.95"},{"$f":"(G760)*F760","v":{"v":2342.7593056,"d":"$2,342.76"}}]
[{"$f":"IF(C761=0,\"\",1+MAX(A$7:A760))","v":464},"External Stair Finish",3.1,"M2",{"v":0,"d":"0%"},{"$f":"(E761*C761)+C761","v":3.1},{"v":49.952224,"d":"$49.95"},{"$f":"(G761)*F761","v":{"v":154.85189440000002,"d":"$154.85"}}]
[{"$f":"IF(C762=0,\"\",1+MAX(A$7:A761))","v":""},"Sleeper Retaining Wall "]
[{"$f":"IF(C763=0,\"\",1+MAX(A$7:A762))","v":465},"(900mm H) Sleeper Raised Garden Bed (32.8 LM)",{"v":29.483999999999998,"d":"29.5"},"M2",{"v":0,"d":"0%"},{"v":29.483999999999998,"d":"29.5"},{"v":28.895999999999997,"d":"$28.90"},{"v":851.9696639999999,"d":"$851.97"}]
[{"$f":"IF(C764=0,\"\",1+MAX(A$7:A763))","v":466},"(1000mm H) Sleeper Raised Garden Bed (15 LM)",{"v":14.97,"d":"15.0"},"M2",{"v":0,"d":"0%"},{"v":14.97,"d":"15.0"},{"v":28.895999999999997,"d":"$28.90"},{"v":432.57311999999996,"d":"$432.57"}]
[{"$f":"IF(C765=0,\"\",1+MAX(A$7:A764))","v":467},"(1000mm H) Sleeper Retaining Wall (25.6 LM)",{"v":25.62,"d":"25.6"},"M2",{"v":0,"d":"0%"},{"v":25.62,"d":"25.6"},{"v":28.895999999999997,"d":"$28.90"},{"v":740.31552,"d":"$740.32"}]
[{"$f":"IF(C766=0,\"\",1+MAX(A$7:A765))","v":468},"(1150mm H) Sleeper Retaining Wall (11.2 LM)",{"v":12.857,"d":"12.9"},"M2",{"v":0,"d":"0%"},{"v":12.857,"d":"12.9"},{"v":33.230399999999996,"d":"$33.23"},{"v":427.24325279999994,"d":"$427.24"}]
[{"$f":"IF(C767=0,\"\",1+MAX(A$7:A766))","v":469},"(2400mm H) Sleeper Retaining Wall (14.1 LM)",{"v":33.744,"d":"33.7"},"M2",{"v":0,"d":"0%"},{"v":33.744,"d":"33.7"},{"v":69.3504,"d":"$69.35"},{"v":2340.1598975999996,"d":"$2,340.16"}]
[{"$f":"IF(C768=0,\"\",1+MAX(A$7:A767))","v":""},"Fence"]
[{"$f":"IF(C769=0,\"\",1+MAX(A$7:A768))","v":470},"(1800mm H) Pailing Fence",{"v":7.74,"d":"7.7"},"M",{"v":0,"d":"0%"},{"v":7.74,"d":"7.7"},{"v":52.0128,"d":"$52.01"},{"v":402.579072,"d":"$402.58"}]
[{"$f":"IF(C770=0,\"\",1+MAX(A$7:A769))","v":""},"Screen"]
[{"$f":"IF(C771=0,\"\",1+MAX(A$7:A770))","v":471},"(150mm H) Timber Private Screen",{"v":7.25,"d":"7.3"},"M",{"v":0,"d":"0%"},{"v":7.25,"d":"7.3"},{"v":43.343999999999994,"d":"$43.34"},{"v":314.24399999999997,"d":"$314.24"}]
[{"$f":"IF(C772=0,\"\",1+MAX(A$7:A771))","v":472},"(1500mm H) Timber Screen ",{"v":10.01,"d":"10.0"},"M",{"v":0,"d":"0%"},{"v":10.01,"d":"10.0"},{"v":43.343999999999994,"d":"$43.34"},{"v":433.87343999999996,"d":"$433.87"}]
[{"$f":"IF(C773=0,\"\",1+MAX(A$7:A772))","v":""},"Mail Box"]
[{"$f":"IF(C774=0,\"\",1+MAX(A$7:A773))","v":473},"Mail Box",{"v":1,"d":"1.0"},"EA",{"v":0,"d":"0%"},{"v":1,"d":"1.0"},{"v":503.24403200000006,"d":"$503.24"},{"v":503.24403200000006,"d":"$503.24"}]
[{"$f":"IF(C775=0,\"\",1+MAX(A$7:A774))","v":""},"Bike Racks"]
[{"$f":"IF(C776=0,\"\",1+MAX(A$7:A775))","v":474},"Bike Racks",{"v":4,"d":"4.0"},"EA",{"v":0,"d":"0%"},{"v":4,"d":"4.0"},{"v":204.63120384,"d":"$204.63"},{"v":818.52481536,"d":"$818.52"}]
[{"$f":"IF(C777=0,\"\",1+MAX(A$7:A776))","v":""},"Bins"]
[{"$f":"IF(C778=0,\"\",1+MAX(A$7:A777))","v":475},"Bins 80L",{"v":8,"d":"8.0"},"EA",{"v":0,"d":"0%"},{"v":8,"d":"8.0"},{"v":118.42237696000001,"d":"$118.42"},{"v":947.3790156800001,"d":"$947.38"}]
[{"$f":"IF(C779=0,\"\",1+MAX(A$7:A778))","v":476},"Bins 120L",{"v":4,"d":"4.0"},"EA",{"v":0,"d":"0%"},{"v":4,"d":"4.0"},{"v":168.93132864,"d":"$168.93"},{"v":675.72531456,"d":"$675.73"}]
[{"$f":"IF(C780=0,\"\",1+MAX(A$7:A779))","v":""},"Pavers"]
[{"$f":"IF(C781=0,\"\",1+MAX(A$7:A780))","v":477},"(800 x 350) Pavers",{"v":4,"d":"4.0"},"EA",{"v":0,"d":"0%"},{"v":4,"d":"4.0"},{"v":397.466624,"d":"$397.47"},{"v":1589.866496,"d":"$1,589.87"}]
[{"$f":"IF(C782=0,\"\",1+MAX(A$7:A781))","v":478},"(1000 x 350) Pavers",{"v":32,"d":"32.0"},"EA",{"v":0,"d":"0%"},{"v":32,"d":"32.0"},{"v":496.83328,"d":"$496.83"},{"v":15898.66496,"d":"$15,898.66"}]
[{"$f":"IF(C783=0,\"\",1+MAX(A$7:A782))","v":""},"Foldable Clothes Line"]
[{"$f":"IF(C784=0,\"\",1+MAX(A$7:A783))","v":479},"(1200 x 1750) Foldable Clothes Line 'FCL'",{"v":4,"d":"4.0"},"EA",{"v":0,"d":"0%"},{"v":4,"d":"4.0"},{"v":681.6232064000001,"d":"$681.62"},{"v":2726.4928256000003,"d":"$2,726.49"}]
[{"$f":"IF(C785=0,\"\",1+MAX(A$7:A784))","v":""},"Bollard"]
[{"$f":"IF(C786=0,\"\",1+MAX(A$7:A785))","v":480},"Lighting Bollard To Pedestrian Access way",{"v":4,"d":"4.0"},"EA",{"v":0,"d":"0%"},{"v":4,"d":"4.0"},{"v":553.2478976,"d":"$553.25"},{"v":2212.9915904,"d":"$2,212.99"}]
["Sub Total",{"$nulls":7},{"$f":"SUM(H759:H786)","v":{"v":33813.458216,"d":"$33,813.46"}}]
[]
["Landscaping"]
[{"$f":"IF(C790=0,\"\",1+MAX(A$7:A789))","v":""},"Grass Turf"]
[{"$f":"IF(C791=0,\"\",1+MAX(A$7:A790))","v":481},"Grass Turf",{"v":121.03,"d":"121.0"},"M2",{"v":0,"d":"0%"},{"$f":"(E791*C791)+C791","v":{"v":121.03,"d":"121.0"}},{"v":26.5676,"d":"$26.57"},{"$f":"(G791)*F791","v":{"v":3215.476628,"d":"$3,215.48"}}]
[{"$f":"IF(C792=0,\"\",1+MAX(A$7:A791))","v":""},"landscaping Area"]
[{"$f":"IF(C793=0,\"\",1+MAX(A$7:A792))","v":482},"landscaping Area",{"v":43.49,"d":"43.5"},"M2",{"v":0,"d":"0%"},{"v":43.49,"d":"43.5"},{"v":25.62976,"d":"$25.63"},{"v":1114.6382624,"d":"$1,114.64"}]
[{"$f":"IF(C794=0,\"\",1+MAX(A$7:A793))","v":""},"Mulch Garden Bed"]
[{"$f":"IF(C795=0,\"\",1+MAX(A$7:A794))","v":483},"Mulch Garden Bed",{"v":123.01,"d":"123.0"},"M2",{"v":0,"d":"0%"},{"v":123.01,"d":"123.0"},{"v":29.692719999999994,"d":"$29.69"},{"v":3652.5014871999992,"d":"$3,652.50"}]
[{"$f":"IF(C796=0,\"\",1+MAX(A$7:A795))","v":""},"Tree"]
[{"$f":"IF(C797=0,\"\",1+MAX(A$7:A796))","v":484},"Canopy Tree",{"v":2,"d":"2.0"},"EA",{"v":0,"d":"0%"},{"v":2,"d":"2.0"},{"v":307.32182528000004,"d":"$307.32"},{"v":614.6436505600001,"d":"$614.64"}]
[{"$f":"IF(C798=0,\"\",1+MAX(A$7:A797))","v":485},"Medium Tree",{"v":1,"d":"1.0"},"EA",{"v":0,"d":"0%"},{"v":1,"d":"1.0"},{"v":256.76438528,"d":"$256.76"},{"v":256.76438528,"d":"$256.76"}]
[{"$f":"IF(C799=0,\"\",1+MAX(A$7:A798))","v":486},"Tree",{"v":1,"d":"1.0"},"EA",{"v":0,"d":"0%"},{"v":1,"d":"1.0"},{"v":431.8448,"d":"$431.84"},{"v":431.8448,"d":"$431.84"}]
["Sub Total",{"$nulls":7},{"$f":"SUM(H790:H799)","v":{"v":9285.869213439999,"d":"$9,285.87"}}]
[]
["Window Shroud"]
[{"$f":"IF(C803=0,\"\",1+MAX(A$7:A802))","v":""},"Window Shroud"]
[{"$f":"IF(C804=0,\"\",1+MAX(A$7:A803))","v":487},"(100mm Wide) Window Shroud",{"v":2.42,"d":"2.4"},"M",{"v":0,"d":"0%"},{"$f":"(E804*C804)+C804","v":{"v":2.42,"d":"2.4"}},{"v":20.80006016,"d":"$20.80"},{"$f":"(G804)*F804","v":{"v":50.3361455872,"d":"$50.34"}}]
[{"$f":"IF(C805=0,\"\",1+MAX(A$7:A804))","v":488},"(200mm Wide) Window Shroud",{"v":15.92,"d":"15.9"},"M",{"v":0,"d":"0%"},{"v":15.92,"d":"15.9"},{"v":41.634816,"d":"$41.63"},{"v":662.82627072,"d":"$662.83"}]
[{"$f":"IF(C806=0,\"\",1+MAX(A$7:A805))","v":489},"(300mm Wide) Window Shroud",{"v":1.32,"d":"1.3"},"M",{"v":0,"d":"0%"},{"v":1.32,"d":"1.3"},{"v":62.452224,"d":"$62.45"},{"v":82.43693568,"d":"$82.44"}]
[{"$f":"IF(C807=0,\"\",1+MAX(A$7:A806))","v":490},"(500mm Wide) Window Shroud",{"v":16.65,"d":"16.7"},"M",{"v":0,"d":"0%"},{"v":16.65,"d":"16.7"},{"v":104.08704,"d":"$104.09"},{"v":1733.049216,"d":"$1,733.05"}]
[{"$f":"IF(C808=0,\"\",1+MAX(A$7:A807))","v":491},"(1000mm Wide) Window Shroud",{"v":4.83,"d":"4.8"},"M",{"v":0,"d":"0%"},{"v":4.83,"d":"4.8"},{"v":208.17408,"d":"$208.17"},{"v":1005.4808064,"d":"$1,005.48"}]
[{"$f":"IF(C809=0,\"\",1+MAX(A$7:A808))","v":492},"(1200mm Wide) External Awning",{"v":8.75,"d":"8.8"},"M",{"v":0,"d":"0%"},{"v":8.75,"d":"8.8"},{"v":249.808896,"d":"$249.81"},{"v":2185.82784,"d":"$2,185.83"}]
["Sub Total",{"$nulls":7},{"$f":"SUM(H803:H809)","v":{"v":5719.957214387199,"d":"$5,719.96"}}]
[]
["PROJECTED COST",{"$nulls":7},{"$f":"SUM(I7:I811)","v":{"v":1874641.6432952285,"d":"$1,874,641.64"}}]
["SUBTOTAL",{"$nulls":7},{"$f":"I812","v":{"v":1874641.6432952285,"d":"$1,874,642"}}]
["OVERHEADS & PROFITS",{"$nulls":6},{"v":0.25,"d":"25%"},{"$f":"H814*I812","v":{"v":468660.4108238071,"d":"$468,660"}}]
["INSURANCES",{"$nulls":6},{"v":0.03,"d":"3%"},{"$f":"H815*I812","v":{"v":56239.249298856856,"d":"$56,239"}}]
["CONTINGENCY",{"$nulls":6},{"v":0.07,"d":"7%"},{"$f":"H816*I812","v":{"v":131224.91503066602,"d":"$131,225"}}]
["TOTAL COST (EXCL. GST)",{"$nulls":7},{"$f":"SUM(I812:I816)","v":{"v":4405407.861743786,"d":"$4,405,407.86"}}]
["Inclusion & Exclusions:"]